{"text_format":"1","workbook":"xlsx","n_sheets":10,"sheets":["1ª MEDIÇÃO","2ª MEDIÇÃO","3ª MEDIÇÃO","4ª MEDIÇÃO","5ª MEDIÇÃO","6ª MEDIÇÃO","7ª MEDIÇÃO","8ª MEDIÇÃO","9ª MEDIÇÃO","PLANILHA SINTÉTICA"],"not_rendered":{"charts":0,"images":2,"macros":1,"external_links":12,"defined_names":1440,"comments":0,"pivot_tables":0},"unopened":[],"bounds":{"document_bytes":16777216,"sheet_cells":100000,"rows_first":2000,"rows_last":500,"rows_between":2000,"halvings":0,"cell_chars":16384,"cell_head_chars":4096},"cells_cut":0,"cells_raw":0,"read":"whole","date_system":"1900"}

{"sheet":"1ª MEDIÇÃO","index":0,"n_rows":4,"n_cols":10,"rows_kept":4,"cut":false,"hidden":true,"merged":[[0,0,0,8],[1,0,1,8],[2,0,2,8]]}
["TRIBUNAL DE JUSTIÇA DE PERNAMBUCO"]
[{"$f":"#REF!","v":{"$error":"#REF!"}}]
["MEMÓRIA DE CALCULO - 1ª MEDIÇÃO"]
["ITEM","DESCRIÇÃO","QUANT.","LARG.","COMP.","ALT.","TAXA","TOTAL","UNID","MEMORIAL FOTOGRÁFICO"]

{"sheet":"2ª MEDIÇÃO","index":1,"n_rows":4,"n_cols":10,"rows_kept":4,"cut":false,"hidden":true,"merged":[[0,0,0,8],[1,0,1,8],[2,0,2,8]]}
["TRIBUNAL DE JUSTIÇA DE PERNAMBUCO"]
[{"$f":"#REF!","v":{"$error":"#REF!"}}]
["MEMÓRIA DE CALCULO - 2ª MEDIÇÃO"]
["ITEM","DESCRIÇÃO","QUANT.","LARG.","COMP.","ALT.","TAXA","TOTAL","UNID","MEMORIAL FOTOGRÁFICO"]

{"sheet":"3ª MEDIÇÃO","index":2,"n_rows":4,"n_cols":10,"rows_kept":4,"cut":false,"hidden":true,"merged":[[0,0,0,8],[1,0,1,8],[2,0,2,8]]}
["TRIBUNAL DE JUSTIÇA DE PERNAMBUCO"]
[{"$f":"#REF!","v":{"$error":"#REF!"}}]
["MEMÓRIA DE CALCULO - 3ª MEDIÇÃO"]
["ITEM","DESCRIÇÃO","QUANT.","LARG.","COMP.","ALT.","TAXA","TOTAL","UNID","MEMORIAL FOTOGRÁFICO"]

{"sheet":"4ª MEDIÇÃO","index":3,"n_rows":4,"n_cols":10,"rows_kept":4,"cut":false,"hidden":true,"merged":[[0,0,0,8],[1,0,1,8],[2,0,2,8]]}
["TRIBUNAL DE JUSTIÇA DE PERNAMBUCO"]
[{"$f":"#REF!","v":{"$error":"#REF!"}}]
["MEMÓRIA DE CALCULO - 4ª MEDIÇÃO"]
["ITEM","DESCRIÇÃO","QUANT.","LARG.","COMP.","ALT.","TAXA","TOTAL","UNID","MEMORIAL FOTOGRÁFICO"]

{"sheet":"5ª MEDIÇÃO","index":4,"n_rows":4,"n_cols":10,"rows_kept":4,"cut":false,"hidden":true,"merged":[[0,0,0,8],[1,0,1,8],[2,0,2,8]]}
["TRIBUNAL DE JUSTIÇA DE PERNAMBUCO"]
[{"$f":"#REF!","v":{"$error":"#REF!"}}]
["MEMÓRIA DE CALCULO - 5ª MEDIÇÃO"]
["ITEM","DESCRIÇÃO","QUANT.","LARG.","COMP.","ALT.","TAXA","TOTAL","UNID","MEMORIAL FOTOGRÁFICO"]

{"sheet":"6ª MEDIÇÃO","index":5,"n_rows":4,"n_cols":10,"rows_kept":4,"cut":false,"hidden":true,"merged":[[0,0,0,8],[1,0,1,8],[2,0,2,8]]}
["TRIBUNAL DE JUSTIÇA DE PERNAMBUCO"]
[{"$f":"#REF!","v":{"$error":"#REF!"}}]
["MEMÓRIA DE CALCULO - 6ª MEDIÇÃO"]
["ITEM","DESCRIÇÃO","QUANT.","LARG.","COMP.","ALT.","TAXA","TOTAL","UNID","MEMORIAL FOTOGRÁFICO"]

{"sheet":"7ª MEDIÇÃO","index":6,"n_rows":4,"n_cols":10,"rows_kept":4,"cut":false,"hidden":true,"merged":[[0,0,0,8],[1,0,1,8],[2,0,2,8]]}
["TRIBUNAL DE JUSTIÇA DE PERNAMBUCO"]
[{"$f":"#REF!","v":{"$error":"#REF!"}}]
["MEMÓRIA DE CALCULO - 7ª MEDIÇÃO"]
["ITEM","DESCRIÇÃO","QUANT.","LARG.","COMP.","ALT.","TAXA","TOTAL","UNID","MEMORIAL FOTOGRÁFICO"]

{"sheet":"8ª MEDIÇÃO","index":7,"n_rows":4,"n_cols":10,"rows_kept":4,"cut":false,"hidden":true,"merged":[[0,0,0,8],[1,0,1,8],[2,0,2,8]]}
["TRIBUNAL DE JUSTIÇA DE PERNAMBUCO"]
[{"$f":"#REF!","v":{"$error":"#REF!"}}]
["MEMÓRIA DE CALCULO - 8ª MEDIÇÃO"]
["ITEM","DESCRIÇÃO","QUANT.","LARG.","COMP.","ALT.","TAXA","TOTAL","UNID","MEMORIAL FOTOGRÁFICO"]

{"sheet":"9ª MEDIÇÃO","index":8,"n_rows":4,"n_cols":10,"rows_kept":4,"cut":false,"hidden":true,"merged":[[0,0,0,8],[1,0,1,8],[2,0,2,8]]}
["TRIBUNAL DE JUSTIÇA DE PERNAMBUCO"]
[{"$f":"#REF!","v":{"$error":"#REF!"}}]
["MEMÓRIA DE CALCULO - 9ª MEDIÇÃO"]
["ITEM","DESCRIÇÃO","QUANT.","LARG.","COMP.","ALT.","TAXA","TOTAL","UNID","MEMORIAL FOTOGRÁFICO"]

{"sheet":"PLANILHA SINTÉTICA","index":9,"n_rows":891,"n_cols":6,"rows_kept":891,"cut":false,"hidden":false,"merged":[[0,0,3,0],[5,4,5,5],[5,3,6,3],[4,4,4,5],[5,0,6,0],[0,1,0,3],[2,1,2,3],[3,1,3,3],[5,1,6,1],[5,2,6,2],[1,1,1,3]]}
["-","TRIBUNAL DE JUSTIÇA DE PERNAMBUCO",null,null,"Nº CONTRATO:","043/2025"]
[null,"CONSTRUÇÃO DO FÓRUM DE NAZARÉ DA MATA - PE",null,null,"-","-"]
[null,"PLANILHA DE PREÇOS UNITÁRIOS DO FÓRUM DE NAZARÉ DA MATA",null,null,"-","-"]
[null,"-",null,null,"VALOR DO CONTRATO:",3149999.98]
["-","-","-","-","BDI: 19,16%"]
["ITEM","DESCRIÇÃO","UN","QUANT. TOTAL","TOTAL"]
[null,null,null,null,"P. UNIT","P. TOTAL"]
["1.","PROJETOS E ART'S",""]
["1.1","ART EXECUÇÃO DE OBRA - RESPONSÁVEL TÉCNICO DA CONTRATADA.","un",1,237.86,237.86]
["1.2","CONTROLE TECNOLÓGICO DO CONCRETO COM ENSAIO DE COMPRESSÃO DE CORPOS DE PROVA CILÍNDRICOS (NBR 5739)/2018 - MOLDAGEM, TRANSPORTE, CURA, FACEAMENTO E ROMPIMENTO (NBR 5739:2018)","un",75,13.56,1017]
["1.3","ELABORAÇÃO DE PROJETO EXECUTIVO COM OS DIMENSIONAMENTOS PARA A INSTALAÇÃO DO SISTEMA DE PROTEÇÃO COLETIVA FIXA DE LINHA DE VIDA, COM PONTOS DE ANCORAGEM, COM EMISSÃO DE ART.","m²",597.61,3.16,1888.44]
["2.","ADMINISTRAÇÃO DA OBRA / MÁQUINAS E EQUIPAMENTOS",""]
["2.1","ADMINISTRAÇÃO LOCAL PELO PERÍODO DA OBRA","un/mês",8,43786.91,350295.28]
["2.2","LOCACAO DE ANDAIME METALICO TUBULAR DE ENCAIXE, TIPO DE TORRE, CADA PAINEL COM LARGURA DE 1 ATE 1,5 M E ALTURA DE *1,00* M, INCLUINDO DIAGONAL, BARRAS DE LIGACAO, SAPATAS OU RODIZIOS, PLATAFORMA METÁLICA, GUARDA CORPO METÁLICO, ESCADA E DEMAIS ITENS NECESSARIOS A MONTAGEM (NAO INCLUI INSTALACAO)","mXmês",980,26.43,25901.4]
["2.3","MONTAGEM E DESMONTAGEM DE ANDAIME TUBULAR TIPO \"TORRE\" (EXCLUSIVE ANDAIME E LIMPEZA). AF_03/2024","m",584,31.82,18582.88]
["2.4","TRANSPORTE HORIZONTAL COM JERICA DE 60 L, DE MASSA/ GRANEL (UNIDADE: M3XKM). AF_07/2019","m³XKm",1.37,1590.1599999999999,2178.5100000000002]
["2.5","ALUGUEL DE CAÇAMBA ESTACIONÁRIA COM ATÉ 6M³ COM DESTINAÇÃO FINAL DE RESÍDUOS SÓLIDOS.","un",8,426.52,3412.16]
["2.6","TAXA DE DESCARTE DE RESÍDUOS DA CONSTRUÇÃO CIVIL.","t",68.739999999999995,27.13,1864.91]
["3.","SERVIÇOS PRELIMINARES"]
["3.1","MOBILIZAÇÃO DA OBRA (PESSOAL, MÁQUINAS E EQUIPAMENTOS).","un",1,1962.2399999999998,1962.24]
["3.2","LEVANTAMENTO TOPOGRÁFICO PLANIMÉTRICO CADASTRAL","m²",891.48,0.38,338.76]
["3.3","LOCAÇÃO CONVENCIONAL DE OBRA, UTILIZANDO GABARITO DE TÁBUAS CORRIDAS PONTALETADAS A CADA 2,00M -  2 UTILIZAÇÕES. AF_03/2024","m",140.69999999999999,64.69,9101.8799999999992]
["3.4","DEMOLIÇÃO DE ALVENARIA PARA QUALQUER TIPO DE BLOCO, DE FORMA MECANIZADA, SEM REAPROVEITAMENTO. AF_09/2023","m³",17.25,52.980000000000004,913.9]
["3.5","ATERRO MANUAL DE VALAS COM SOLO ARGILO-ARENOSO. AF_08/2023","m³",25,73.319999999999993,1833]
["3.6","EXECUÇÃO DE ATERRO ABRANGENDO ESPALHAMENTO HOMOGENEIZAÇÃO, UMEDECIMENTO E COMPACTAÇÃO MECÂNICA EM CAMADAS DE 20CM DE ESPESSURA, INCLUSIVE O FORNECIMENTO DO BARRO PROVENIENTE DE JAZIDA A UMA DISTÂNCIA MÁXIMA DE 12KM.","m³",453.29,119.86,54331.33]
["3.7","ENSAIO - GRANULOMETRIA POR PENEIRAMENTO","un",1,149.24,149.24]
["3.8","ENSAIO - LIMITE DE LIQUIDEZ","un",1,149.24,149.24]
["3.9","ENSAIO - LIMITE DE PLASTICIDADE","un",1,149.24,149.24]
["3.10","ENSAIO - COMPACTAÇÃO PROCTOR NORMAL COM REUSO DE MATERIAL (6 PONTOS)","un",1,199,199]
["3.11","ENSAIO - DETERMINAÇÃO DA MASSA APARENTE IN SITU DO SOLO","un",6,129.94,779.64]
["4.","CANTEIRO DE OBRA"]
["4.1","PLACA DE OBRA EM LONA PLÁSTICA  IMPRESSÃO DIGITAL ALTA RESOLUÇÃO COM ACABAMENTO EM ILHÓS, FIXAÇÃO EM ABRAÇADEIRAS DE NYLON, ESTRUTURA EM FERRO GALVANIZADO.","m²",4,402.22,1608.88]
["4.2","LIGAÇÃO PROVISÓRIA DE ENERGIA.","un",1,1776.42,1776.42]
["4.3","LIGAÇÃO PROVISÓRIA DE ENERGIA. (CONTAINER)","un",3,260.32,780.96]
["4.4","LIGAÇÕES PROVISÓRIAS DE ÁGUA E ESGOTO SANITÁRIO.","un",1,496.4,496.4]
["4.5","LIGAÇÕES PROVISÓRIAS DE ÁGUA E ESGOTO SANITÁRIO (CONTAINER SANITÁRIO/VESTIÁRIO/ESCRITÓRIO)","un",2,687.18000000000006,1374.36]
["4.6","TAPUME COM TELHA METÁLICA. AF_03/2024","m²",257.5,85.01,21890.07]
["4.7","FORNECIMENTO E MONTAGEM DE TELA DE SINALIZAÇÃO LARANJA (H=1,20M) FIXADA EM MONTANTES DE FERRO DE 1/2 POL. OU EM BARROTES DE MADEIRA 3X3 POL. COLOCADOS SOBRE BASE DE CONCRETO TRAÇO 1:4:8, ESPAÇADOS A CADA 2M, INCLUSIVE POSTERIOR RETIRADA E REAPROVEITAMENTO.","m",128.69999999999999,19.28,2481.33]
["4.8","FORNECIMENTO E EXECUÇÃO DE BARRACÃO ABERTO PARA APOIO À PRODUÇÃO (CARPINTARIA, CENTRAL DE ARMAÇÃO, OFICINA, ETC) COM TESOURAS, TELHA 4MM, PISO EM CONCRETO DESEMPOLADO.","m²",36,159.49,5741.64]
["4.9","BARRACÃO ABERTO PARA REFEITÓRIO DE OBRA (CAPACIDADE 24 REFEIÇÕES SIMULTÂNEAS) - ÁREA = 24,00M² COM MATERIAIS NOVOS, INCLUSIVE MOBILIÁRIO","un",1,11981.33,11981.33]
["4.10","LOCAÇÃO DE CONTAINER ESCRITÓRIO COM BANHEIRO CONTENDO 01 VASO SANITÁRIO, 01 LAVATÓRIO E 01 CHUVEIRO, JANELA EM VIDRO, PORTAS, LUMINÁRIAS, TOMADAS, FORRO EM PVC, AR CONDICIONADO E ISOLAMENTO TERMO-ACÚSTICO EM ISOPOR (6,00 X 2,35M). NÃO INCLUI MOBILIZAÇÃO E DESMOBILIZAÇÃO.","un/mês",8,941.62,7532.96]
["4.11","LOCAÇÃO DE CONTAINER SANITÁRIO/VESTIÁRIO COM 04 VASOS SANITÁRIOS, 02 LAVATÓRIOS, 01 MICTÓRIO CALHA E 04 CHUVEIROS (6,00 X 2,35M). NÃO INCLUI MOBILIZAÇÃO E DESMOBILIZAÇÃO.","un/mês",8,1098.55,8788.4]
["4.12","LOCAÇÃO DE CONTAINER ALMOXARIFADO (6,00 X 2,40M). NÃO INCLUI MOBILIZAÇÃO E DESMOBILIZAÇÃO.","un/mês",8,723.64,5789.12]
["4.13","FRETE PARA ENTREGA OU RETIRADA DE CONTAINER PARA OBRA EM NAZARÉ DA MATA EM GUINDAUTO (MUNCK) MODELO ARGOS 20.5 COM CAPACIDADE PARA 6,0 TON A 4,0 M DE RAIO.","un",6,3324.22,19945.32]
["5.","ESTRUTURA"]
["5.1.","INFRAESTRUTURA"]
["5.1.1.","SAPATAS / PESCOÇO DOS PILARES",""]
["5.1.1.1","MONTAGEM E DESMONTAGEM DE FÔRMA DE PILARES RETANGULARES E ESTRUTURAS SIMILARES, PÉ-DIREITO SIMPLES, EM CHAPA DE MADEIRA COMPENSADA RESINADA, 4 UTILIZAÇÕES. AF_09/2020","m²",61.04,91.899999999999991,5609.57]
["5.1.1.2","LASTRO DE CONCRETO MAGRO, APLICADO EM BLOCOS DE COROAMENTO OU SAPATAS. AF_01/2024","m³",4.8,766.2,3677.76]
["5.1.1.3","FABRICAÇÃO, MONTAGEM E DESMONTAGEM DE FÔRMA PARA SAPATA, EM CHAPA DE MADEIRA COMPENSADA RESINADA, E=17 MM, 4 UTILIZAÇÕES. AF_01/2024","m²",44.72,189.76999999999998,8486.51]
["5.1.1.4","CONCRETAGEM DE SAPATAS, FCK= 25 MPA COM ADIÇÃO DE METACAULIM, E USO DE BOMBA LANÇAMENTO, ADENSAMENTO E ACABAMENTO.","m³",21.11,1295.98,27358.13]
["5.1.1.5","PINTURA IMPERMEABILIZANTE COM TINTA ASFÁLTICA, 2 DEMÃOS, QUARTZOLIT (AQUA), VEDACIT (NEUTROL), VIAPOL (VEDALAGE PRETO), SIKA (IGOL ASFALTO ECO) OU EQUIVALENTE.","m²",127.62,29.36,3746.92]
["5.1.1.6","CONCRETAGEM DE PILARES, FCK = 25 MPA COM ADIÇÃO DE METACAULIM E USO DE BOMBA - LANÇAMENTO, ADENSAMENTO E ACABAMENTO.","m³",3.5,1234.8,4321.8]
["5.1.1.7","PINTURA IMPERMEABILIZANTE COM TINTA ASFÁLTICA, 2 DEMÃOS, QUARTZOLIT (AQUA), VEDACIT (NEUTROL), VIAPOL (VEDALAGE PRETO), SIKA (IGOL ASFALTO ECO) OU EQUIVALENTE.","m²",61.04,29.36,1792.13]
["5.1.1.8","ESCAVAÇÃO MECANIZADA PARA BLOCO DE COROAMENTO OU SAPATA COM RETROESCAVADEIRA (INCLUINDO ESCAVAÇÃO PARA COLOCAÇÃO DE FÔRMAS). AF_01/2024","m³",443.35,41.09,18217.25]
["5.1.1.9","ATERRO MANUAL DE VALAS COM SOLO ARGILO-ARENOSO. AF_08/2023","m³",83.49,73.319999999999993,6121.48]
["5.1.1.10","REATERRO MANUAL APILOADO COM SOQUETE.","m³",333.96,64.900000000000006,21674]
["5.1.1.11","TRANSPORTE HORIZONTAL COM JERICA DE 60 L, DE MASSA/ GRANEL (UNIDADE: M3XKM). AF_07/2019","m³XKm",2.84,1590.1599999999999,4516.05]
["5.1.1.12","REMOÇÃO DE MATERIAL DE PRIMEIRA CATEGORIA EM CAMINHÃO BASCULANTE, D.M.T. 6 KM, INCLUSIVE CARGA MANUAL E DESCARGA MECÂNICA.","m³",142.21,53.02,7539.97]
["5.1.2.","CINTAS",""]
["5.1.2.1","LASTRO DE CONCRETO MAGRO, APLICADO EM CINTAS DE CONCRETO.","m³",4.04,766.2,3095.44]
["5.1.2.2","FABRICAÇÃO, MONTAGEM E DESMONTAGEM DE FÔRMA PARA VIGA BALDRAME, EM CHAPA DE MADEIRA COMPENSADA RESINADA, E=17 MM, 2 UTILIZAÇÕES. AF_01/2024","m²",297.32,132.63999999999999,39436.519999999997]
["5.1.2.3","CONCRETAGEM DE BLOCOS DE COROAMENTO E VIGAS BALDRAMES, FCK= 25 MPA COM ADIÇÃO DE METACAULIM E USO DE BOMBA \u0096LANÇAMENTO, ADENSAMENTO E ACABAMENTO. ","m³",22.34,1266.29,28288.91]
["5.1.2.4","PINTURA IMPERMEABILIZANTE COM TINTA ASFÁLTICA, 2 DEMÃOS, QUARTZOLIT (AQUA), VEDACIT (NEUTROL), VIAPOL (VEDALAGE PRETO), SIKA (IGOL ASFALTO ECO) OU EQUIVALENTE.","m²",346,29.36,10158.56]
["5.1.2.5","ESCAVAÇÃO MECANIZADA PARA VIGA BALDRAME OU SAPATA CORRIDA COM MINI-ESCAVADEIRA (INCLUINDO ESCAVAÇÃO PARA COLOCAÇÃO DE FÔRMAS). AF_01/2024","m³",190.03,56.46,10729.09]
["5.1.2.6","ATERRO MANUAL DE VALAS COM SOLO ARGILO-ARENOSO. AF_08/2023","m³",32.729999999999997,73.319999999999993,2399.7600000000002]
["5.1.2.7","REATERRO MANUAL APILOADO COM SOQUETE.","m³",130.91999999999999,64.900000000000006,8496.7000000000007]
["5.1.2.8","TRANSPORTE HORIZONTAL COM JERICA DE 60 L, DE MASSA/ GRANEL (UNIDADE: M3XKM). AF_07/2019","m³XKm",1.54,1590.1599999999999,2448.84]
["5.1.2.9","REMOÇÃO DE MATERIAL DE PRIMEIRA CATEGORIA EM CAMINHÃO BASCULANTE, D.M.T. 6 KM, INCLUSIVE CARGA MANUAL E DESCARGA MECÂNICA.","m³",76.84,53.02,4074.05]
["5.1.3.","PISO",""]
["5.1.3.1","LASTRO DE CONCRETO MAGRO, APLICADO EM PISOS, LAJES SOBRE SOLO OU RADIERS. AF_01/2024","m³",29.34,699.29,20517.16]
["5.1.4.","SAPATA CORRIDA",""]
["5.1.4.1","LASTRO DE CONCRETO MAGRO, APLICADO EM BLOCOS DE COROAMENTO OU SAPATAS. AF_01/2024","m³",0.22,766.2,168.56]
["5.1.4.2","FABRICAÇÃO, MONTAGEM E DESMONTAGEM DE FÔRMA PARA SAPATA CORRIDA, EM CHAPA DE MADEIRA COMPENSADA RESINADA, E=17 MM, 2 UTILIZAÇÕES. AF_01/2024","m²",7.05,152.69,1076.46]
["5.1.4.3","CONCRETAGEM DE SAPATAS, FCK= 25 MPA COM ADIÇÃO DE METACAULIM, E USO DE BOMBA LANÇAMENTO, ADENSAMENTO E ACABAMENTO.","m³",0.9,1295.98,1166.3800000000001]
["5.1.4.4","PINTURA IMPERMEABILIZANTE COM TINTA ASFÁLTICA, 2 DEMÃOS, QUARTZOLIT (AQUA), VEDACIT (NEUTROL), VIAPOL (VEDALAGE PRETO), SIKA (IGOL ASFALTO ECO) OU EQUIVALENTE.","m²",10.199999999999999,29.36,299.47000000000003]
["5.1.4.5","ESCAVAÇÃO MANUAL PARA VIGA BALDRAME OU SAPATA CORRIDA (INCLUINDO ESCAVAÇÃO PARA COLOCAÇÃO DE FÔRMAS). AF_01/2024","m³",4.97,112.91,561.16]
["5.1.4.6","ATERRO MANUAL DE VALAS COM SOLO ARGILO-ARENOSO. AF_08/2023","m³",0.81,73.319999999999993,59.38]
["5.1.4.7","REATERRO MANUAL APILOADO COM SOQUETE.","m³",3.25,64.900000000000006,210.92]
["5.1.4.8","TRANSPORTE HORIZONTAL COM JERICA DE 60 L, DE MASSA/ GRANEL (UNIDADE: M3XKM). AF_07/2019","m³XKm",0.04,1590.1599999999999,63.6]
["5.1.4.9","REMOÇÃO DE MATERIAL DE PRIMEIRA CATEGORIA EM CAMINHÃO BASCULANTE, D.M.T. 6 KM, INCLUSIVE CARGA MANUAL E DESCARGA MECÂNICA.","m³",2.23,53.02,118.23]
["5.1.5.","RESERVATÓRIO",""]
["5.1.5.1","LASTRO DE CONCRETO MAGRO, APLICADO EM PAREDES DE CONCRETO.","m³",0.59,766.2,452.05]
["5.1.5.2","MONTAGEM E DESMONTAGEM DE FÔRMA DE LAJE MACIÇA, PÉ-DIREITO SIMPLES, EM CHAPA DE MADEIRA COMPENSADA RESINADA, 2 UTILIZAÇÕES. AF_09/2020","m²",80.09,63.510000000000005,5086.51]
["5.1.5.3","FABRICAÇÃO, MONTAGEM E DESMONTAGEM DE FÔRMA PARA ESTRUTURAS ESPECIAIS (PAREDES DE RESERVATÓRIO, FOSSA SÉPTICA) EM CHAPA DE MADEIRA COMPENSADA RESINADA, E = 17 MM, 2 UTILIZAÇÕES. ","m²",185.24,143.65,26609.72]
["5.1.5.4","CONCRETAGEM DE PAREDES DE RESERVATÓRIO, FCK=25 MPA, COM USO DE BOMBA, INCLUSO ADITIVO LIQUIDO IMPERMEABILIZANTE CRISTALIZANTE - LANÇAMENTO, ADENSAMENTO E ACABAMENTO.","m³",14.49,618.2299999999999,8958.15]
["5.1.5.5","CONCRETAGEM DE VIGAS E LAJES, FCK=25 MPA, PARA LAJES MACIÇAS OU NERVURADAS COM USO DE BOMBA, INCLUSO ADITIVO LIQUIDO IMPERMEABILIZANTE CRISTALIZANTE - LANÇAMENTO, ADENSAMENTO E ACABAMENTO.","m³",11.11,618.2299999999999,6868.53]
["5.1.5.6","ESCAVAÇÃO MECÂNICA VALAS EM QUALQUER TIPO DE SOLO EXCETO ROCHA, PROF. 0<H<4 M","m³",120.92,7.97,963.73]
["5.1.5.7","ATERRO MANUAL DE VALAS COM SOLO ARGILO-ARENOSO. AF_08/2023","m³",6.66,73.319999999999993,488.31]
["5.1.5.8","REATERRO MANUAL APILOADO COM SOQUETE.","m³",26.62,64.900000000000006,1727.63]
["5.1.5.9","TRANSPORTE HORIZONTAL COM JERICA DE 60 L, DE MASSA/ GRANEL (UNIDADE: M3XKM). AF_07/2019","m³XKm",2.4500000000000002,1590.1599999999999,3895.89]
["5.1.5.10","REMOÇÃO DE MATERIAL DE PRIMEIRA CATEGORIA EM CAMINHÃO BASCULANTE, D.M.T. 6 KM, INCLUSIVE CARGA MANUAL E DESCARGA MECÂNICA.","m³",122.58,53.02,6499.19]
["5.1.6.","BANCO/BASE DE MASTROS",""]
["5.1.6.1","ALVENARIA DE VEDAÇÃO DE BLOCOS CERÂMICOS FURADOS NA HORIZONTAL DE 9X19X19CM (ESPESSURA 19CM, BLOCO DEITADO) E ARGAMASSA DE ASSENTAMENTO COM PREPARO MANUAL.","m²",5.48,117.95,646.36]
["5.1.6.2","CHAPISCO APLICADO EM ALVENARIA (SEM PRESENÇA DE VÃOS) E ESTRUTURAS DE CONCRETO DE FACHADA, COM COLHER DE PEDREIRO.  ARGAMASSA TRAÇO 1:3 COM PREPARO EM BETONEIRA 400L. AF_10/2022","m²",11.25,7.2100000000000009,81.11]
["5.1.6.3","EXECUÇÃO DE LAJE TIPO TRELIÇADA Β 13, INCLUINDO VIGOTAS TRELIÇADAS COM EPS, ESCORAMENTO, CAPEAMENTO, INCLUSIVE CONCRETO.","m²",8.8699999999999992,157.82999999999998,1399.95]
["5.2.","SUPERSTRUTURA (PILAR / VIGA/ LAJE - FORMA E CONCRETO)"]
["5.2.1.","PILAR"]
["5.2.1.1","MONTAGEM E DESMONTAGEM DE FÔRMA DE PILARES RETANGULARES E ESTRUTURAS SIMILARES, PÉ-DIREITO SIMPLES, EM CHAPA DE MADEIRA COMPENSADA RESINADA, 4 UTILIZAÇÕES. AF_09/2020","m²",131.94999999999999,91.899999999999991,12126.2]
["5.2.1.2","CONCRETAGEM DE PILARES, FCK = 25 MPA, COM USO DE BOMBA - LANÇAMENTO, ADENSAMENTO E ACABAMENTO. AF_02/2022_PS","m³",7.89,519.36,4097.75]
["5.2.2.","VIGA"]
["5.2.2.1","MONTAGEM E DESMONTAGEM DE FÔRMA DE VIGA, ESCORAMENTO METÁLICO, PÉ-DIREITO SIMPLES, EM CHAPA DE MADEIRA RESINADA, 2 UTILIZAÇÕES. AF_09/2020","m²",292.52,189.94,55561.24]
["5.2.2.2","CONCRETAGEM DE VIGAS E LAJES, FCK=25 MPA, PARA LAJES MACIÇAS OU NERVURADAS COM USO DE BOMBA, INCLUSO ADITIVO LIQUIDO IMPERMEABILIZANTE CRISTALIZANTE - LANÇAMENTO, ADENSAMENTO E ACABAMENTO.","m³",22.93,618.2299999999999,14176.01]
["5.2.3.","LAJE"]
["5.2.3.1","MONTAGEM E DESMONTAGEM DE FÔRMA DE LAJE MACIÇA, PÉ-DIREITO SIMPLES, EM CHAPA DE MADEIRA COMPENSADA RESINADA, 2 UTILIZAÇÕES. AF_09/2020","m²",7.24,63.510000000000005,459.81]
["5.2.3.2","CONCRETAGEM DE VIGAS E LAJES, FCK=25 MPA, PARA LAJES MACIÇAS OU NERVURADAS COM USO DE BOMBA, INCLUSO ADITIVO LIQUIDO IMPERMEABILIZANTE CRISTALIZANTE - LANÇAMENTO, ADENSAMENTO E ACABAMENTO.","m³",1.0900000000000001,618.2299999999999,673.87]
["5.2.3.3","EXECUÇÃO DE LAJE TIPO TRELIÇADA Β 13, INCLUINDO VIGOTAS TRELIÇADAS COM EPS, ESCORAMENTO, CAPEAMENTO, INCLUSIVE CONCRETO.","m²",463.29,157.82999999999998,73121.06]
["5.3.","ARMAÇÃO",""]
["5.3.1","ARMAÇÃO DE SAPATA ISOLADA, VIGA BALDRAME E SAPATA CORRIDA UTILIZANDO AÇO CA-60 DE 5 MM - MONTAGEM. AF_01/2024","kg",376,15.620000000000001,5873.12]
["5.3.2","ARMAÇÃO DE SAPATA ISOLADA, VIGA BALDRAME E SAPATA CORRIDA UTILIZANDO AÇO CA-50 DE 6,3 MM - MONTAGEM. AF_01/2024","kg",1,14.01,14.01]
["5.3.3","ARMAÇÃO DE SAPATA ISOLADA, VIGA BALDRAME E SAPATA CORRIDA UTILIZANDO AÇO CA-50 DE 8 MM - MONTAGEM. AF_01/2024","kg",665,12.6,8379]
["5.3.4","ARMAÇÃO DE SAPATA ISOLADA, VIGA BALDRAME E SAPATA CORRIDA UTILIZANDO AÇO CA-50 DE 10 MM - MONTAGEM. AF_01/2024","kg",1088,11.06,12033.28]
["5.3.5","ARMAÇÃO DE BLOCO, SAPATA ISOLADA, VIGA BALDRAME E SAPATA CORRIDA UTILIZANDO AÇO CA-50 DE 12,5 MM - MONTAGEM. AF_01/2024","kg",120,9.31,1117.2]
["5.3.6","ARMAÇÃO DE BLOCO, SAPATA ISOLADA, VIGA BALDRAME E SAPATA CORRIDA UTILIZANDO AÇO CA-50 DE 16 MM - MONTAGEM. AF_01/2024","kg",81,8.620000000000001,698.22]
["5.3.7","ARMAÇÃO DE PILAR OU VIGA DE ESTRUTURA CONVENCIONAL DE CONCRETO ARMADO UTILIZANDO AÇO CA-60 DE 5,0 MM - MONTAGEM. AF_06/2022","kg",545,12.74,6943.3]
["5.3.8","ARMAÇÃO DE PILAR OU VIGA DE ESTRUTURA CONVENCIONAL DE CONCRETO ARMADO UTILIZANDO AÇO CA-50 DE 6,3 MM - MONTAGEM. AF_06/2022","kg",105,11.55,1212.75]
["5.3.9","ARMAÇÃO DE PILAR OU VIGA DE ESTRUTURA CONVENCIONAL DE CONCRETO ARMADO UTILIZANDO AÇO CA-50 DE 8,0 MM - MONTAGEM. AF_06/2022","kg",243,10.510000000000002,2553.9299999999998]
["5.3.10","ARMAÇÃO DE PILAR OU VIGA DE ESTRUTURA CONVENCIONAL DE CONCRETO ARMADO UTILIZANDO AÇO CA-50 DE 10,0 MM - MONTAGEM. AF_06/2022","kg",965,9.1999999999999993,8878]
["5.3.11","ARMAÇÃO DE PILAR OU VIGA DE ESTRUTURA CONVENCIONAL DE CONCRETO ARMADO UTILIZANDO AÇO CA-50 DE 12,5 MM - MONTAGEM. AF_06/2022","kg",98,7.63,747.74]
["5.3.12","ARMAÇÃO DE PILAR OU VIGA DE ESTRUTURA CONVENCIONAL DE CONCRETO ARMADO UTILIZANDO AÇO CA-50 DE 16,0 MM - MONTAGEM. AF_06/2022","kg",676,7.32,4948.32]
["5.3.13","ARMAÇÃO DE PILAR OU VIGA DE ESTRUTURA CONVENCIONAL DE CONCRETO ARMADO UTILIZANDO AÇO CA-50 DE 20,0 MM - MONTAGEM. AF_06/2022","kg",722,8.24,5949.28]
["5.3.14","ARMAÇÃO EM TELA DE AÇO SOLDADA NERVURADA Q-61, AÇO CA-60, 3,4MM, MALHA 15X15CM","kg",570,10.55,6013.5]
["5.3.15","ARMAÇÃO DE LAJE DE ESTRUTURA CONVENCIONAL DE CONCRETO ARMADO UTILIZANDO AÇO CA-50 DE 6,3 MM - MONTAGEM. AF_06/2022","kg",290,10.94,3172.6]
["5.3.16","ARMAÇÃO DE LAJE DE ESTRUTURA CONVENCIONAL DE CONCRETO ARMADO UTILIZANDO AÇO CA-50 DE 8,0 MM - MONTAGEM. AF_06/2022","kg",342,9.9600000000000009,3406.32]
["5.3.17","ARMAÇÃO DE LAJE DE ESTRUTURA CONVENCIONAL DE CONCRETO ARMADO UTILIZANDO AÇO CA-50 DE 10,0 MM - MONTAGEM. AF_06/2022","kg",163,8.7100000000000009,1419.73]
["5.3.18","ARMAÇÃO DE LAJE DE ESTRUTURA CONVENCIONAL DE CONCRETO ARMADO UTILIZANDO AÇO CA-50 DE 12,5 MM - MONTAGEM. AF_06/2022","kg",254,7.2,1828.8]
["5.3.19","ARMAÇÃO DE ESTRUTURAS DIVERSAS DE CONCRETO ARMADO, EXCETO VIGAS, PILARES, LAJES E FUNDAÇÕES, UTILIZANDO AÇO CA-60 DE 5,0 MM - MONTAGEM. AF_06/2022","kg",17,15.73,267.41000000000003]
["5.3.20","ARMAÇÃO DE ESTRUTURAS DIVERSAS DE CONCRETO ARMADO, EXCETO VIGAS, PILARES, LAJES E FUNDAÇÕES, UTILIZANDO AÇO CA-50 DE 6,3 MM - MONTAGEM. AF_06/2022","kg",505,13.760000000000002,6948.8]
["5.3.21","ARMAÇÃO DE ESTRUTURAS DIVERSAS DE CONCRETO ARMADO, EXCETO VIGAS, PILARES, LAJES E FUNDAÇÕES, UTILIZANDO AÇO CA-50 DE 8,0 MM - MONTAGEM. AF_06/2022","kg",1092,12.07,13180.44]
["5.3.22","ARMAÇÃO DE ESTRUTURAS DIVERSAS DE CONCRETO ARMADO, EXCETO VIGAS, PILARES, LAJES E FUNDAÇÕES, UTILIZANDO AÇO CA-50 DE 10,0 MM - MONTAGEM. AF_06/2022","kg",15,10.3,154.5]
["5.3.23","ARMAÇÃO DE ESTRUTURAS DIVERSAS DE CONCRETO ARMADO, EXCETO VIGAS, PILARES, LAJES E FUNDAÇÕES, UTILIZANDO AÇO CA-50 DE 12,5 MM - MONTAGEM. AF_06/2022","kg",91,8.36,760.76]
["5.3.24","ARMAÇÃO DE ESTRUTURAS DIVERSAS DE CONCRETO ARMADO, EXCETO VIGAS, PILARES, LAJES E FUNDAÇÕES, UTILIZANDO AÇO CA-50 DE 20,0 MM - MONTAGEM. AF_06/2022","kg",460,8.67,3988.2]
["5.4.","CORREDOR",""]
["5.4.1","LASTRO DE CONCRETO MAGRO, APLICADO EM BLOCOS DE COROAMENTO OU SAPATAS. AF_01/2024","m³",0.65,766.2,498.03]
["5.4.2","FABRICAÇÃO, MONTAGEM E DESMONTAGEM DE FÔRMA PARA SAPATA, EM CHAPA DE MADEIRA COMPENSADA RESINADA, E=17 MM, 4 UTILIZAÇÕES. AF_01/2024","m²",20.48,189.76999999999998,3886.48]
["5.4.3","CONCRETAGEM DE SAPATAS, FCK= 25 MPA COM ADIÇÃO DE METACAULIM, E USO DE BOMBA LANÇAMENTO, ADENSAMENTO E ACABAMENTO.","m³",4.0999999999999996,1295.98,5313.51]
["5.4.4","PINTURA IMPERMEABILIZANTE COM TINTA ASFÁLTICA, 2 DEMÃOS, QUARTZOLIT (AQUA), VEDACIT (NEUTROL), VIAPOL (VEDALAGE PRETO), SIKA (IGOL ASFALTO ECO) OU EQUIVALENTE.","m²",30.72,29.36,901.93]
["5.4.5","ESCAVAÇÃO MECANIZADA PARA BLOCO DE COROAMENTO OU SAPATA COM RETROESCAVADEIRA (INCLUINDO ESCAVAÇÃO PARA COLOCAÇÃO DE FÔRMAS). AF_01/2024","m³",33.700000000000003,41.09,1384.73]
["5.4.6","ATERRO MANUAL DE VALAS COM SOLO ARGILO-ARENOSO. AF_08/2023","m³",5.79,73.319999999999993,424.52]
["5.4.7","REATERRO MANUAL APILOADO COM SOQUETE.","m³",23.16,64.900000000000006,1503.08]
["5.4.8","TRANSPORTE HORIZONTAL COM JERICA DE 60 L, DE MASSA/ GRANEL (UNIDADE: M3XKM). AF_07/2019","m³XKm",0.27,1590.1599999999999,429.34]
["5.4.9","FORNECIMENTO E INSTALAÇÃO DE CHAPA DE AÇO GROSSA 3/8\" COMO PLACA DE BASE DO PILAR","un",16,105.06,1680.96]
["5.4.10","REMOÇÃO DE MATERIAL DE PRIMEIRA CATEGORIA EM CAMINHÃO BASCULANTE, D.M.T. 6 KM, INCLUSIVE CARGA MANUAL E DESCARGA MECÂNICA.","m³",13.69,53.02,725.84]
["5.4.11","PILAR METÁLICO PERFIL LAMINADO OU SOLDADO EM AÇO ESTRUTURAL, COM CONEXÕES SOLDADAS, 150X100X4.8 MM, CONFORME PROJETO INCLUSOS MÃO DE OBRA, TRANSPORTE E IÇAMENTO UTILIZANDO GUINDASTE - FORNECIMENTO E INSTALAÇÃO.","kg",1299.82,14.61,18990.37]
["5.4.12","VIGA METÁLICA EM PERFIL LAMINADO OU SOLDADO EM AÇO ESTRUTURAL, COM CONEXÕES SOLDADAS, 100X70X4.8 MM, CONFORME PROJETO, INCLUSOS MÃO DE OBRA, TRANSPORTE E IÇAMENTO UTILIZANDO GUINDASTE - FORNECIMENTO E INSTALAÇÃO. ","kg",907.23,16.149999999999999,14651.76]
["5.4.13","VIGA METÁLICA EM PERFIL LAMINADO OU SOLDADO EM AÇO ESTRUTURAL, COM CONEXÕES SOLDADAS, L 2\"X3/16\", CONFORME PROJETO, INCLUSOS MÃO DE OBRA, TRANSPORTE E IÇAMENTO UTILIZANDO GUINDASTE - FORNECIMENTO E INSTALAÇÃO. ","kg",105.45,15.16,1598.62]
["5.4.14","BARRA REDONDA EM AÇO (VARÕES), DIÂMETRO DE 10,0 MM, SOLDADA NA ESTRUTURA DE COLOCAÇÃO DE COBOGÓS.","kg",415.76,13.78,5729.17]
["5.4.15","FORNECIMENTO E INSTALAÇÃO DE LAJE EM PAINEL DE CONCRETO LEVE, 3000X610X90MM 2P, LIGHT WALL OU EQUIVALENTE","m²",122.54,291.45999999999998,35715.5]
["5.5.","MURO",""]
["5.5.1","FABRICAÇÃO, MONTAGEM E DESMONTAGEM DE FÔRMA PARA VIGA BALDRAME, EM CHAPA DE MADEIRA COMPENSADA RESINADA, E=17 MM, 2 UTILIZAÇÕES. AF_01/2024","m²",9.92,132.63999999999999,1315.78]
["5.5.2","CONCRETAGEM DE VIGAS E LAJES, FCK=25 MPA, PARA LAJES MACIÇAS OU NERVURADAS COM USO DE BOMBA, INCLUSO ADITIVO LIQUIDO IMPERMEABILIZANTE CRISTALIZANTE - LANÇAMENTO, ADENSAMENTO E ACABAMENTO.","m³",2.44,618.2299999999999,1508.48]
["5.5.3","ALVENARIA DE EMBASAMENTO COM BLOCO ESTRUTURAL DE CONCRETO, DE 14X19X39CM E ARGAMASSA DE ASSENTAMENTO COM PREPARO EM BETONEIRA.","m³",3.65,866.47,3162.61]
["5.5.4","PINTURA IMPERMEABILIZANTE COM TINTA ASFÁLTICA, 2 DEMÃOS, QUARTZOLIT (AQUA), VEDACIT (NEUTROL), VIAPOL (VEDALAGE PRETO), SIKA (IGOL ASFALTO ECO) OU EQUIVALENTE.","m²",26.3,29.36,772.16]
["5.5.5","ARMAÇÃO HORIZONTAL PARA CINTA DE CONCRETO; AÇO CA-60 COM DIÂMETRO DE 5,0 MM.","kg",13.9,15.08,209.61]
["5.5.6","ARMAÇÃO HORIZONTAL PARA ALVENARIA EM BLOCOS DE CONCRETO / CINTA DE CONCRETO; AÇO CA-50 COM DIÂMETRO DE 8,0 MM.","kg",65.010000000000005,10.27,667.65]
["5.5.7","ARMAÇÃO VERTICAL PARA ALVENARIA EM BLOCOS DE CONCRETO; AÇO CA-50 COM DIÂMETRO DE 10,0 MM.","kg",23.36,9.2200000000000006,215.37]
["5.5.8","GRAUTEAMENTO HORIZONTAL (CINTA SUPERIOR) EM ALVENARIA DE BLOCOS DE CONCRETO, UTILIZANDO GRAUTE FGK=30MPA.","m³",0.41,1078.54,442.2]
["5.5.9","GRAUTEAMENTO VERTICAL EM ALVENARIA DE BLOCOS DE CONCRETO, UTILIZANDO GRAUTE FGK=30MPA.","m³",7.0000000000000007E-2,1119.57,78.36]
["5.5.10","ALVENARIA DE VEDAÇÃO DE BLOCOS VAZADOS DE CONCRETO DE 14X19X39 CM (ESPESSURA 14 CM)  E ARGAMASSA DE ASSENTAMENTO COM PREPARO EM BETONEIRA. AF_12/2021","m²",82.5,92.39,7622.17]
["5.5.11","ALVENARIA EM BLOCOS CANALETA DE CONCRETO, 14X19X19CM.","m",32.549999999999997,23.25,756.78]
["5.6.","PLATIBANDA",""]
["5.6.1","ARMAÇÃO HORIZONTAL PARA ALVENARIA EM BLOCOS DE CONCRETO / CINTA DE CONCRETO; AÇO CA-50 COM DIÂMETRO DE 8,0 MM.","kg",75.41,10.27,774.46]
["5.6.2","ARMAÇÃO VERTICAL PARA ALVENARIA EM BLOCOS DE CONCRETO; AÇO CA-50 COM DIÂMETRO DE 10,0 MM.","kg",84.97,9.2200000000000006,783.42]
["5.6.3","GRAUTEAMENTO HORIZONTAL (CINTA SUPERIOR) EM ALVENARIA DE BLOCOS DE CONCRETO, UTILIZANDO GRAUTE FGK=30MPA.","m³",0.57999999999999996,1078.54,625.54999999999995]
["5.6.4","GRAUTEAMENTO VERTICAL EM ALVENARIA DE BLOCOS DE CONCRETO, UTILIZANDO GRAUTE FGK=30MPA.","m³",1.06,1119.57,1186.74]
["6.","ARQUITETURA"]
["6.1.","VEDAÇÕES"]
["6.1.1.","ALVENARIA DE VEDAÇÃO"]
["6.1.1.1","ALVENARIA DE VEDAÇÃO DE BLOCOS CERÂMICOS FURADOS NA HORIZONTAL DE 9X19X19CM (ESPESSURA 19CM, BLOCO DEITADO) E ARGAMASSA DE ASSENTAMENTO COM PREPARO MANUAL.","m²",386.39,117.95,45574.7]
["6.1.1.2","ALVENARIA DE VEDAÇÃO DE BLOCOS CERÂMICOS FURADOS NA HORIZONTAL DE 9X19X19 CM (ESPESSURA 9 CM) E ARGAMASSA DE ASSENTAMENTO COM PREPARO EM BETONEIRA. AF_12/2021","m²",751.72,88.550000000000011,66564.800000000003]
["6.1.1.3","ALVENARIA DE VEDAÇÃO DE BLOCOS VAZADOS DE CONCRETO DE 14X19X39 CM (ESPESSURA 14 CM)  E ARGAMASSA DE ASSENTAMENTO COM PREPARO EM BETONEIRA. AF_12/2021","m²",242.62,92.39,22415.66]
["6.1.1.4","ALVENARIA EM BLOCOS CANALETA DE CONCRETO, 14X19X19CM.","m",206.54,23.25,4802.05]
["6.1.1.5","FIXAÇÃO (ENCUNHAMENTO) DE ALVENARIA DE VEDAÇÃO COM ARGAMASSA APLICADA COM BISNAGA. AF_03/2024","m",684.79,12.600000000000001,8628.35]
["6.1.2.","COBOGÓ"]
["6.1.2.1","FORNECIMENTO E INSTALAÇÃO DE PAINEL DE COBOGÓS, LINHA BREEZE BRICK DA MANUFATTI OU EQUIVALENTE TÉCNICO, DIMENSÕES: 3,5X10,5X25CM ASSENTADOS EM VARÕES DE FERRO, FIXADOS POR ESTRUTURA METÁLICA.","m²",133.86000000000001,399.97,53539.98]
["6.2.","REVESTIMENTO DE PAREDE INTERNA"]
["6.2.1.","CHAPISCO INTERNO"]
["6.2.1.1","CHAPISCO APLICADO EM ALVENARIAS E ESTRUTURAS DE CONCRETO INTERNAS, COM COLHER DE PEDREIRO.  ARGAMASSA TRAÇO 1:3 COM PREPARO EM BETONEIRA 400L. AF_10/2022","m²",1417.75,4.51,6394.05]
["6.2.2.","EMBOÇO/ MASSA ÚNICA INTERNO"]
["6.2.2.1","MASSA ÚNICA, EM ARGAMASSA TRAÇO 1:2:8, PREPARO MECÂNICO, APLICADA MANUALMENTE EM PAREDES INTERNAS DE AMBIENTES COM ÁREA ENTRE 5M² E 10M², E = 17,5MM, COM TALISCAS. AF_03/2024","m²",1142.42,38.769999999999996,44291.62]
["6.2.3.","PINTURA DE PAREDE INTERNA"]
["6.2.3.1","FUNDO SELADOR ACRÍLICO, APLICAÇÃO MANUAL EM PAREDE, UMA DEMÃO. AF_04/2023","m²",605.76,4.43,2683.51]
["6.2.3.2","EMASSAMENTO COM MASSA LÁTEX, APLICAÇÃO EM PAREDE, DUAS DEMÃOS, LIXAMENTO MANUAL. AF_04/2023","m²",605.76,16.989999999999998,10291.86]
["6.2.3.3","APLICAÇÃO MANUAL DE PINTURA COM TINTA ACRÍLICA SEMI-BRILHO, COR BRANCO GELO, CORAL DECORA OU EQUIVALENTE, EM PAREDES INTERNAS, DUAS DEMÃOS.","m²",488.58,12.19,5955.79]
["6.2.3.4","APLICAÇÃO MANUAL DE PINTURA COM TINTA ACRÍLICA SEMI-BRILHO, COR CINZA CLARO, CORAL DECORA OU EQUIVALENTE, EM PAREDES INTERNAS, DUAS DEMÃOS.","m²",117.18,12.18,1427.25]
["6.2.3.5","APLICAÇÃO MANUAL DE TEXTURA PREMIUM COM EFEITO CIMENTO QUEIMADO, REF.: DIA DE CHUVA DA SUVINIL OU EQUIVALENTE, EM PAREDES, UMA DEMÃO.","m²",86.21,61.91,5337.26]
["6.2.4.","REVESTIMENTO DE PAREDE INTERNA EM PORCELANATO/CERÂMICA"]
["6.2.4.1","FORNECIMENTO DE REVESTIMENTO CERÂMICO NA COR BRANCA, ATLAS OU EQUIVALENTE TÉCNICO, DIMENSÕES APROXIMADAS 5X10CM, JUNTA RETA, ASSENTADA EM PISOS/PAREDES/TETOS, NO SENTIDO HORIZONTAL, COM ARGAMASSA COLANTE INDUSTRIALIZADA AC III E REJUNTADA COM ARGAMASSA DE REJUNTAMENTO FLEXÍVEL E IMPERMEÁVEL.","m²",256.95,119.31,30656.7]
["6.2.4.2","FORNECIMENTO E ASSENTAMENTO DE MIX DE PASTILHAS DE PORCELANA 5 X 5 CM, NA COR COLINA (40%), REF: JD 4420, E NA COR VERDE ETNA (60%), REF: JD 4600, JATOBÁ OU EQUIVALENTE TÉCNICO, ASSENTADO EM PAREDES INTERNAS COM ARGAMASSA COLANTE INDUSTRIALIZADA AC III E REJUNTADA COM ARGAMASSA DE REJUNTAMENTO FLEXÍVEL IMPERMEÁVEL NA COR CINZA PLATINUM.","m²",32.71,230.66,7544.88]
["6.2.4.3","FORNECIMENTO E ASSENTAMENTO DE PORCELANATO RESISTENTE AO ESCORREGAMENTO STATE CEMENT EXT DA ELIANE OU EQUIVALENTE, 90 X 90 CM, ACABAMENTO RETIFICADO, ASSENTADO EM PISO OU PAREDE COM ARGAMASSA INDUSTRIALIZADA AC-III E REJUNTADO COM ARGAMASSA DE REJUNTAMENTO FLEXÍVEL E IMPERMEÁVEL.","m²",71.78,205.86,14776.63]
["6.2.4.4","ASSENTAMENTO DE LADRILHO HIDRÁULICO COM ARGAMASSA COLANTE TIPO AC III (REAPROVEITAMENTO DE LADRILHO HIDRÁULICO EXISTENTE NO ACERVO DO TJPE).","m²",15.14,25.869999999999997,391.67]
["6.2.5.","REVESTIMENTO RIPADO"]
["6.2.5.1","FORNECIMENTO E INSTALAÇÃO DE REVESTIMENTO RIPADO DE MADEIRA ECOLÓGICA + HPDE (PAINEL), LINHA ARKWOOD FP, PARA AMBIENTES INTERNOS, COR A DEFINIR, ARKOS OU EQUIVALENTE TÉCNICO.","m²",44.8,591.29999999999995,26490.240000000002]
["6.3.","REVESTIMENTO DE PAREDE EXTERNA"]
["6.3.1.","CHAPISCO EXTERNO E FUNDAÇÃO"]
["6.3.1.1","CHAPISCO APLICADO EM ALVENARIA (COM PRESENÇA DE VÃOS) E ESTRUTURAS DE CONCRETO DE FACHADA, COM COLHER DE PEDREIRO.  ARGAMASSA TRAÇO 1:3 COM PREPARO EM BETONEIRA 400L. AF_10/2022","m²",1642.61,8.48,13929.33]
["6.3.2.","EMBOÇO / MASSA UNICA EXTERNO"]
["6.3.2.1","EMBOÇO OU MASSA ÚNICA EM ARGAMASSA TRAÇO 1:2:8, PREPARO MECÂNICO COM BETONEIRA 400 L, APLICADA MANUALMENTE EM PANOS DE FACHADA COM PRESENÇA DE VÃOS, ESPESSURA DE 25 MM. AF_08/2022","m²",1497.55,58.26,87247.26]
["6.3.3.","REVESTIMENTO DE PAREDE EXTERNA"]
["6.3.3.1","FORNECIMENTO DE REVESTIMENTO CERÂMICO NA COR BRANCA, ATLAS OU EQUIVALENTE TÉCNICO, DIMENSÕES APROXIMADAS 5X10CM, JUNTA RETA, ASSENTADA EM PISOS/PAREDES/TETOS, NO SENTIDO HORIZONTAL, COM ARGAMASSA COLANTE INDUSTRIALIZADA AC III E REJUNTADA COM ARGAMASSA DE REJUNTAMENTO FLEXÍVEL E IMPERMEÁVEL.","m²",752.64,119.31,89797.47]
["6.3.3.2","FORNECIMENTO E APLICAÇÃO DE JUNTA DE MASTIQUE, INCLUSIVE PREENCHIMENTO DA JUNTA COM TARUCEL 20MM.","m",244.62,67.239999999999995,16448.240000000002]
["6.3.3.3","FORNECIMENTO E ASSENTAMENTO DE MIX DE PASTILHAS DE PORCELANA 5 X 5 CM, NA COR COLINA (40%), REF: JD 4420, E NA COR VERDE ETNA (60%), REF: JD 4600, JATOBÁ OU EQUIVALENTE TÉCNICO, ASSENTADO EM PAREDES EXTERNAS COM ARGAMASSA COLANTE INDUSTRIALIZADA AC III-E E REJUNTADA COM ARGAMASSA DE REJUNTAMENTO FLEXÍVEL IMPERMEÁVEL NA COR CINZA PLATINUM.","m²",112.68,233.63,26325.42]
["6.3.3.4","FORNECIMENTO E ASSENTAMENTO DE PEDRA ITACOMOLY DO NORTE (30X5CM), TIPO CANJIQUINHA, ASSENTADA COM ARGAMASSA DE CIMENTO E AREIA NO TRAÇO 1:6.","m²",4.28,105.31,450.72]
["6.3.4.","PINTURA DE PAREDE EXTERNA"]
["6.3.4.1","APLICAÇÃO MANUAL DE PINTURA A CAL (CAIAÇÃO) EM PAREDES, DUAS DEMÃOS.","m²",398.08,7.21,2870.15]
["6.4.","REVESTIMENTO  DE TETO"]
["6.4.1.","CHAPISCO EXTERNO EM TETO"]
["6.4.1.1","CHAPISCO APLICADO NO TETO OU EM ALVENARIA E ESTRUTURA, COM ROLO PARA TEXTURA ACRÍLICA. ARGAMASSA TRAÇO 1:4 E EMULSÃO POLIMÉRICA (ADESIVO) COM PREPARO EM BETONEIRA 400L. AF_10/2022","m²",27.93,6.1499999999999995,171.76]
["6.4.2.","CHAPISCO INTERNO EM TETO"]
["6.4.2.1","CHAPISCO APLICADO NO TETO OU EM ALVENARIA E ESTRUTURA, COM ROLO PARA TEXTURA ACRÍLICA. ARGAMASSA TRAÇO 1:4 E EMULSÃO POLIMÉRICA (ADESIVO) COM PREPARO EM BETONEIRA 400L. AF_10/2022","m²",82,6.1499999999999995,504.3]
["6.4.3.","EMBOÇO / MASSA ÚNICA INTERNA EM TETO"]
["6.4.3.1","MASSA ÚNICA, EM ARGAMASSA TRAÇO 1:2:8, PREPARO MECÂNICO, APLICADA MANUALMENTE EM TETO, E = 17,5MM, COM TALISCAS. AF_03/2024","m²",82,46.23,3790.86]
["6.4.4.","EMBOÇO / MASSA ÚNICA EXTERNA EM TETO"]
["6.4.4.1","MASSA ÚNICA, EM ARGAMASSA TRAÇO 1:2:8, PREPARO MECÂNICO, APLICADA MANUALMENTE EM TETO, E = 17,5MM, COM TALISCAS. AF_03/2024","m²",27.93,46.23,1291.2]
["6.4.5.","FORRO DE GESSO"]
["6.4.5.1","FORRO EM DRYWALL, PARA AMBIENTES COMERCIAIS, INCLUSIVE ESTRUTURA BIRECIONAL DE FIXAÇÃO. AF_08/2023_PS","m²",6.71,68.19,457.55]
["6.4.6.","FORRO REMOVIVEL"]
["6.4.6.1","FORNECIMENTO E INSTALAÇÃO DE FORRO REMOVÍVEL EM PAINÉIS DE LÃ MINERAL, NA COR BRANCA, THERMATEX STAR DA AMF OU EQUIVALENTE, NAS DIMENSÕES DE 625X625MM, ESPESSURA DE 15MM, ESTRUTURADO COM PERFIS METÁLICOS COM ACABAMENTO NA COR BRANCA.","m²",298.69,95.410000000000011,28498.01]
["6.4.6.2","FORNECIMENTO E INSTALAÇÃO DE FORRO REMOVÍVEL EM PAINÉIS DE LÃ MINERAL, NA COR PRETA, THERMATEX STAR DA AMF OU EQUIVALENTE, NAS DIMENSÕES DE 625X625MM, ESPESSURA DE 15MM, ESTRUTURADO COM PERFIS METÁLICOS COM ACABAMENTO NA COR PRETA.","m²",31.17,102.46000000000001,3193.67]
["6.4.7.","PINTURA EM TETO"]
["6.4.7.1","FUNDO SELADOR ACRÍLICO, APLICAÇÃO MANUAL EM TETO, UMA DEMÃO. AF_04/2023","m²",80.67,5.46,440.45]
["6.4.7.2","EMASSAMENTO COM MASSA LÁTEX, APLICAÇÃO EM TETO, DUAS DEMÃOS, LIXAMENTO MANUAL. AF_04/2023","m²",80.67,32.21,2598.38]
["6.4.7.3","PINTURA LÁTEX PVA, NA COR BRANCO NEVE, APLICAÇÃO MANUAL EM TETO, DUAS DEMÃOS.","m²",80.67,14.120000000000001,1139.06]
["6.4.8.","REVESTIMENTO DE TETO"]
["6.4.8.1","FORNECIMENTO DE REVESTIMENTO CERÂMICO NA COR BRANCA, ATLAS OU EQUIVALENTE TÉCNICO, DIMENSÕES APROXIMADAS 5X10CM, JUNTA RETA, ASSENTADA EM PISOS/PAREDES/TETOS, NO SENTIDO HORIZONTAL, COM ARGAMASSA COLANTE INDUSTRIALIZADA AC III E REJUNTADA COM ARGAMASSA DE REJUNTAMENTO FLEXÍVEL E IMPERMEÁVEL.","m²",26.95,119.31,3215.4]
["6.5.","REVESTIMENTO  DE PISO INTERNO"]
["6.5.1.","CONTRAPISO"]
["6.5.1.1","CONTRAPISO EM ARGAMASSA TRAÇO 1:4 (CIMENTO E AREIA), PREPARO MECÂNICO COM BETONEIRA 400 L, APLICADO EM ÁREAS MOLHADAS SOBRE LAJE, ADERIDO, ACABAMENTO NÃO REFORÇADO, ESPESSURA 3CM. AF_07/2021","m²",863.55,51.82,44749.16]
["6.5.1.2","CONTRAPISO EM ARGAMASSA TRAÇO 1:4 (CIMENTO E AREIA), PREPARO MECÂNICO COM BETONEIRA 400 L, APLICADO EM ÁREAS SECAS SOBRE LAJE, ADERIDO, ACABAMENTO NÃO REFORÇADO, ESPESSURA 3CM. AF_07/2021","m²",307.02,38.380000000000003,11783.42]
["6.5.2.","REVESTIMENTO DE PISO E RODAPÉ"]
["6.5.2.1","FORNECIMENTO E ASSENTAMENTO DE PORCELANATO RESISTENTE AO ESCORREGAMENTO STATE CEMENT EXT DA ELIANE OU EQUIVALENTE, 90 X 90 CM, ACABAMENTO RETIFICADO, ASSENTADO EM PISO OU PAREDE COM ARGAMASSA INDUSTRIALIZADA AC-III E REJUNTADO COM ARGAMASSA DE REJUNTAMENTO FLEXÍVEL E IMPERMEÁVEL.","m²",118.26,205.86,24345]
["6.5.2.2","FORNECIMENTO E ASSENTAMENTO DE PORCELANATO NATURAL STATE CEMENT NA DA ELIANE OU EQUIVALENTE, 90 X 90 CM, ACABAMENTO RETIFICADO, ASSENTADO EM PISO OU PAREDE COM ARGAMASSA INDUSTRIALIZADA AC-III E REJUNTADO COM ARGAMASSA DE REJUNTAMENTO FLEXÍVEL E IMPERMEÁVEL.","m²",297.81,205.86,61307.16]
["6.5.2.3","FORNECIMENTO E ASSENTAMENTO DE RODAPÉ EM GRANITO NATURAL POLIDO VERDE UBATUBA, ALTURA 10 CM, ESPESSURA 2,0 CM.","m",192.33,81.09,15596.03]
["6.5.2.4","FORNECIMENTO E ASSENTAMENTO DE RODAPÉ EM PORCELANATO RESISTENTE AO ESCORREGAMENTO STATE CEMENT EXT DA ELIANE OU EQUIVALENTE, 90 X 90 CM, ACABAMENTO RETIFICADO, COM 10CM DE ALTURA, ASSENTADO COM ARGAMASSA INDUSTRIALIZADA AC-III E REJUNTADO COM ARGAMASSA DE REJUNTAMENTO FLEXÍVEL E IMPERMEÁVEL.","m",25.26,22.14,559.25]
["6.6.","REVESTIMENTO  DE PISO EXTERNO"]
["6.6.1.","REVESTIMENTO DE PISO"]
["6.6.1.1","FORNECIMENTO DE REVESTIMENTO CERÂMICO NA COR BRANCA, ATLAS OU EQUIVALENTE TÉCNICO, DIMENSÕES APROXIMADAS 5X10CM, JUNTA RETA, ASSENTADA EM PISOS/PAREDES/TETOS, NO SENTIDO HORIZONTAL, COM ARGAMASSA COLANTE INDUSTRIALIZADA AC III E REJUNTADA COM ARGAMASSA DE REJUNTAMENTO FLEXÍVEL E IMPERMEÁVEL.","m²",11.53,119.31,1375.64]
["6.6.1.2","FORNECIMENTO E ASSENTAMENTO DE PEDRA ITACOMOLY DO NORTE (30X5CM), TIPO CANJIQUINHA, ASSENTADA COM ARGAMASSA DE CIMENTO E AREIA NO TRAÇO 1:6.","m²",1.18,105.31,124.26]
["6.6.2.","PINTURA DE PISO",""]
["6.6.2.1","PINTURA DE PISO COM TINTA ACRÍLICA, APLICAÇÃO MANUAL, 2 DEMÃOS, INCLUSO FUNDO PREPARADOR. AF_05/2021","m²",14.92,21.36,318.69]
["6.7.","IMPERMEABILIZAÇÃO"]
["6.7.1","IMPERMEABILIZAÇÃO DE SUPERFÍCIE COM MANTA ASFÁLTICA, UMA CAMADA, INCLUSIVE APLICAÇÃO DE PRIMER ASFÁLTICO, E=4MM. AF_09/2023","m²",36.479999999999997,119.17,4347.32]
["6.7.2","IMPERMEABILIZAÇÃO DE SUPERFÍCIE COM MANTA ASFÁLTICA, UMA CAMADA, INCLUSIVE APLICAÇÃO DE PRIMER ASFÁLTICO, E=4MM. AF_09/2023","m²",36.18,119.17,4311.57]
["6.7.3","IMPERMEABILIZAÇÃO DE SUPERFÍCIE COM MANTA ASFÁLTICA, UMA CAMADA, INCLUSIVE APLICAÇÃO DE PRIMER ASFÁLTICO, E=4MM. AF_09/2023","m²",162.29,119.17,19340.09]
["6.7.4","IMPERMEABILIZAÇÃO DE SUPERFÍCIE COM MANTA ASFÁLTICA AUTOPROTEGIDA COM PELÍCULA DE ALUMÍNIO TIPO III - B, E = 3MM, INCLUSIVE APLICAÇÃO DE PRIMER.","m²",122.46,101.13,12384.37]
["6.7.5","PINTURA IMPERMEABILIZANTE COM MANTA LÍQUIDA, 3 DEMÃOS, VEDACIT (VEDAPREN PAREDE BRANCO), SIKA (IGOLFLEX FACHADA BRANCO), QUARTZOLIT, CORAL (PROTEÇÃO SOL E CHUVA), BAUTECH OU EQUIVALENTE.","m²",277.16000000000003,35.86,9938.9500000000007]
["6.7.6","PINTURA IMPERMEABILIZANTE COM TINTA EMBORRACHADA, 3 DEMÃOS, CORAL, SIKA, BAUTECH, SHERWIN WILLIAMS OU EQUIVALENTE.","m²",355.54,47.33,16827.7]
["6.7.7","FORNECIMENTO E APLICAÇÃO DE PINTURA IMPERMEABILIZANTE COM ARGAMASSA POLIMÉRICA (CAMADA 01) VIAPLUS 1.000 OU EQUIVALENTE, E IMPERMEABILIZANTE FLEXÍVEL (CAMADA 02) VIAPLUS 5.000 OU EQUIVALENTE.","m²",14.92,71.88,1072.44]
["6.7.8","FORNECIMENTO E APLICAÇÃO DE PINTURA IMPERMEABILIZANTE COM ARGAMASSA POLIMÉRICA (CAMADA 01) VIAPLUS 1.000 OU EQUIVALENTE, E IMPERMEABILIZANTE FLEXÍVEL (CAMADA 02) VIAPLUS 5.000 OU EQUIVALENTE.","m²",23.97,71.88,1722.96]
["6.7.9","PROTEÇÃO MECÂNICA DE SUPERFICIE HORIZONTAL COM ARGAMASSA DE CIMENTO E AREIA, TRAÇO 1:3, E=3CM. AF_09/2023","m²",162.29,52.47,8515.35]
["6.7.10","PROTEÇÃO MECÂNICA DE SUPERFICIE HORIZONTAL COM ARGAMASSA DE CIMENTO E AREIA, TRAÇO 1:3, E=3CM. AF_09/2023","m²",36.18,52.47,1898.36]
["6.7.11","PROTEÇÃO MECÂNICA DE SUPERFÍCIE VERTICAL COM ARGAMASSA DE CIMENTO E AREIA, TRAÇO 1:3, E=3CM. AF_09/2023","m²",36.479999999999997,69.509999999999991,2535.7199999999998]
["6.7.12","TRATAMENTO DE RODAPÉ COM TELA DE POLIÉSTER. AF_09/2023","m",15.96,4.91,78.36]
["6.8.","ESQUADRIAS"]
["6.8.1.","VERGA-CONTRAVERGA EM CONCRETO"]
["6.8.1.1","CONTRAVERGA PRÉ-MOLDADA, ESPESSURA DE *20* CM. AF_03/2024","m",56.49,24.98,1411.12]
["6.8.1.2","VERGA PRÉ-MOLDADA COM ATÉ 1,5 M DE VÃO, ESPESSURA DE *20* CM. AF_03/2024","m",56.49,25.689999999999998,1451.22]
["6.8.1.3","VERGA PRÉ-MOLDADA COM ATÉ 1,5 M DE VÃO, ESPESSURA DE *20* CM. AF_03/2024","m",53.76,25.689999999999998,1381.09]
["6.8.2.","ESQUADRIA DE ALUMÍNIO"]
["6.8.2.1","PORTA EM ALUMÍNIO DE ABRIR TIPO VENEZIANA EM ALUMINIO ANODIZADO PRETO COM GUARNIÇÃO, FIXAÇÃO COM PARAFUSOS - DE GIRO E 05 FOLHAS FIXAS COM VENEZIANA EM ALUMÍNIO,FORNECIMENTO E INSTALAÇÃO (5,55 X 2,10).","un",1,4375.3999999999996,4375.3999999999996]
["6.8.2.2","PORTA EM ALUMÍNIO DE ABRIR TIPO VENEZIANA EM ALUMINIO ANODIZADO PRETO COM GUARNIÇÃO, FIXAÇÃO COM PARAFUSOS - FORNECIMENTO E INSTALAÇÃO (0,90 X 2,10).","un",4,709.5100000000001,2838.04]
["6.8.2.3","PORTA EM ALUMÍNIO DE ABRIR TIPO VENEZIANA EM ALUMINIO ANODIZADO PRETO COM GUARNIÇÃO, FIXAÇÃO COM PARAFUSOS - FORNECIMENTO E INSTALAÇÃO (1,10 X 1,80).","un",2,743.29000000000008,1486.58]
["6.8.3.","ESQUADRIA DE ALUMÍNIO E VIDRO"]
["6.8.3.1","JANELA DE ALUMÍNIO ANODIZADO PRETO DE CORRER COM 2 FOLHAS, COM VIDROS VERDE LAMINADO 6MM, BATENTE, FERRAGENS E CONTRAMARCO. FORNECIMENTO E INSTALAÇÃO. JA01 2,00X1,00","un",3,2064.7799999999997,6194.34]
["6.8.3.2","JANELA DE ALUMÍNIO ANODIZADO PRETO DE CORRER COM 2 FOLHAS, VIDRO VERDE JATEADO 6MM, BATENTE, FERRAGENS E CONTRAMARCO. FORNECIMENTO E INSTALAÇÃO. JA02 1,00X0,60M","un",5,548.29999999999995,2741.5]
["6.8.3.3","JANELA DE ALUMÍNIO ANODIZADO PRETO DE CORRER PRETA COM 4 FOLHAS, VIDRO VERDE JATEADO 6MM, BATENTE, FERRAGENS E CONTRAMARCO. FORNECIMENTO E INSTALAÇÃO. JA03 2,50X0,60M","un",8,1762.57,14100.56]
["6.8.3.4","JANELA DE ALUMÍNIO ANODIZADO PRETO, DE CORRER COM 4 FOLHAS, VIDRO VERDE JATEADO 6MM, BATENTE, FERRAGENS E CONTRAMARCO. FORNECIMENTO E INSTALAÇÃO. JA04 4,00X0,60M","un",2,2806.2799999999997,5612.56]
["6.8.3.5","JANELA DE ALUMÍNIO ANODIZADO PRETO TIPO FIXA E PIVOTANTE, 11 FOLHAS, VIDRO VERDE LAMINADO 6MM, BATENTE, FERRAGENS E CONTRAMARCO. FORNECIMENTO E INSTALAÇÃO. JA05 8,3M2","un",1,9179.19,9179.19]
["6.8.3.6","JANELA DE ALUMÍNIO ANODIZADO PRETO TIPO FIXA 1 FOLHA, VIDRO VERDE LAMINADO 6MM, PELÍCULA REFLETIVA, BATENTE, FERRAGENS E CONTRAMARCO. FORNECIMENTO E INSTALAÇÃO. V01 1,50X1,00M","un",1,1690.48,1690.48]
["6.8.3.7","ESQUADRIA DE ALUMÍNIO ANODIZADO PRETO COM PORTA DUPLA DE ABRIR E 03 JANELAS MAXIM-AR E 18 FOLHAS FIXAS, FIXAÇÃO COM PARAFUSOS, INCLUSIVE CONTRAMARCO E VIDROS - FORNECIMENTO E INSTALAÇÃO. PAV01 5,3X5,00M","un",1,32961.54,32961.54]
["6.8.3.8","PORTA DE ALUMÍNIO ANODIZADO PRETO DE ABRIR, 02 FOLHAS E BANDEIRA FIXA, FIXAÇÃO COM PARAFUSOS, INCLUSIVE CONTRAMARCO E VIDROS - FORNECIMENTO E INSTALAÇÃO. PAV02 2,00X2,80M","un",3,9488.1299999999992,28464.39]
["6.8.3.9","IMPERMEABILIZAÇÃO DE SUPERFÍCIE COM ARGAMASSA POLIMÉRICA / MEMBRANA ACRÍLICA, 3 DEMÃOS. AF_09/2023","m²",7.79,33.020000000000003,257.22000000000003]
["6.8.4.","ESQUADRIAS DE MADEIRA E ACESSÓRIOS"]
["6.8.4.1","KIT DE PORTA PRONTA DE MADEIRA, TIPO GIRO, PINTURA EM ESMALTE SINTÉTICO ACRÍLICO COM ACABAMENTO ACETINADO NA COR PRETA, SEMI-OCA (LEVE OU MÉDIA), PADRÃO MÉDIO, 90X210CM, ESPESSURA DE 3,5CM, ITENS INCLUSOS: DOBRADIÇAS, MONTAGEM E INSTALAÇÃO DO BATENTE, SEM FECHADURA - FORNECIMENTO E INSTALAÇÃO.","un",18,908.73,16357.14]
["6.8.4.2","KIT DE PORTA PRONTA DE MADEIRA, TIPO GIRO, PINTURA EM ESMALTE SINTÉTICO ACRÍLICO COM ACABAMENTO ACETINADO NA COR PRETA, SEMI-OCA (LEVE OU MÉDIA), PADRÃO MÉDIO, 70X210CM, ESPESSURA DE 3,5CM, ITENS INCLUSOS: DOBRADIÇAS, MONTAGEM E INSTALAÇÃO DO BATENTE, SEM FECHADURA - FORNECIMENTO E INSTALAÇÃO.","un",2,818.69,1637.38]
["6.8.4.3","KIT DE PORTA PRONTA DE MADEIRA, TIPO GIRO, PINTURA EM ESMALTE SINTÉTICO ACRÍLICO COM ACABAMENTO ACETINADO NA COR PRETA, SEMI-OCA (LEVE OU MÉDIA), PADRÃO MÉDIO, 90X210CM, ESPESSURA DE 3,5CM, INCLUSIVE CHAPA DE AÇO INOX NA BASE DOS DOIS LADOS H=0,40M, BANHEIRO PCD, ITENS INCLUSOS: DOBRADIÇAS, MONTAGEM E INSTALAÇÃO DO BATENTE, SEM FECHADURA - FORNECIMENTO E INSTALAÇÃO.","un",2,1067.21,2134.42]
["6.8.4.4","PORTA PIVOTANTE DE MADEIRA, PINTURA EM ESMALTE SINTÉTICO ACRÍLICO COM ACABAMENTO ACETINADO NA COR PRETA, SEMI-OCA (LEVE OU MÉDIA), PADRÃO MÉDIO, 90X210CM, ESPESSURA DE 3,5CM, COM UM LADO REVESTIDO EM REVESTIMENTO RIPADO DE MADEIRA ECOLÓGICA (ARKWOOD FP, ARKOS OU EQUIVALENTE), ACABAMENTO TIPO PORTA OCULTA. ITENS INCLUSOS: DOBRADIÇAS, MONTAGEM E INSTALAÇÃO DO BATENTE, SEM FECHADURA - FORNECIMENTO E INSTALAÇÃO.","un",1,1953.78,1953.78]
["6.8.5.","ACESSÓRIOS"]
["6.8.5.1","FORNECIMENTO E INSTALAÇÃO DE MOLA AÉREA FECHA PORTA, PRATA, PARA PORTAS DE TRÁFEGO LEVE, COM LARGURA MENOR QUE 95 CM, FORÇA DE FECHAMENTO 2/3 CONTROLADA POR MEIO DE AJUSTES DA MOLA E DO BRAÇO, PESO MÁXIMO DA PORTA DE 60KG. ","un",22,175.97,3871.34]
["6.8.5.2","FECHADURA DE EMBUTIR PARA PORTAS INTERNAS, COMPLETA, ACABAMENTO PADRÃO MÉDIO, COM EXECUÇÃO DE FURO - FORNECIMENTO E INSTALAÇÃO. AF_12/2019","un",24,146.69,3520.56]
["6.8.5.3","FORNECIMENTO E INSTALAÇÃO DE PUXADOR SIMPLES COM FECHADURA DE EMBUTIR PARA PORTAS INTERNAS, COMPLETA, ACABAMENTO PADRÃO MÉDIO, COM EXECUÇÃO DE FURO.","un",1,211.20000000000002,211.2]
["6.8.6.","PORTA INTERNA DOS WC´S"]
["6.8.6.1","FORNECIMENTO E INSTALAÇÃO DE DIVISÓRIA SANITÁRIA COM PAINÉIS EM LAMINADO ESTRUTURAL TS, NA COR CINZA, NEOCOM OU EQUIVALENTE TÉCNICO","m²",13.42,1025.31,13759.66]
["6.8.6.2","FORNECIMENTO E INSTALAÇÃO DE PORTA PARA DIVISÓRIA SANITÁRIA COM PAINÉIS EM LAMINADO ESTRUTURAL TS, NA COR PRETA, NEOCOM OU EQUIVALENTE TÉCNICO, DIMENSÕES = 0,60X1,65M","un",5,1015.04,5075.2]
["6.9.","MÁRMORES E GRANITOS"]
["6.9.1.","BALCÃO E BANCADA EM GRANITO"]
["6.9.1.1","FORNECIMENTO E INSTALAÇÃO DE BANCADA EM GRANITO NATURAL POLIDO VERDE UBATUBA, ESPESSURA DE 2CM, TAMPO SUPERIOR COM AS MEDIDAS DE (1,20x0,65x2 + 1,60x0,75)M, ACABAMENTO RETO, COM PAREDES EXTERNAS REVESTIDAS EM GRANITO, CONFORME DETALHE BG01 (BANCADA DO JUIZ).","un",1,4540.32,4540.32]
["6.9.1.2","FORNECIMENTO E INSTALAÇÃO DE BANCADA EM GRANITO NATURAL POLIDO VERDE UBATUBA, ESPESSURA DE 2CM, TAMPO SUPERIOR COM AS MEDIDAS DE (1,60x0,60)M, ACABAMENTO RETO, COM PAREDES EXTERNAS REVESTIDAS EM GRANITO, CONFORME DETALHE BG02 (BANCADA DO DEFENSOR E PROMOTOR).","un",2,1739.77,3479.54]
["6.9.1.3","FORNECIMENTO E INSTALAÇÃO DE BANCADA EM GRANITO NATURAL POLIDO VERDE UBATUBA, ESPESSURA DE 2CM, TAMPO SUPERIOR COM AS MEDIDAS DE (5,00x0,60)M, ACABAMENTO RETO, COM PAREDES EXTERNAS REVESTIDAS EM GRANITO, CONFORME DETALHE BG03 (BANCADA DOS JURADOS).","un",1,6289.83,6289.83]
["6.9.1.4","FORNECIMENTO E INSTALAÇÃO DE BANCADA EM GRANITO NATURAL POLIDO VERDE UBATUBA, ESPESSURA DE 2CM, TAMPO SUPERIOR COM AS MEDIDAS DE (5,00x0,23)M, ACABAMENTO RETO, COM PAREDES EXTERNAS REVESTIDAS EM GRANITO, CONFORME DETALHE BG04 (BANCADA DOS JURADOS 2).","un",1,5034.6099999999997,5034.6099999999997]
["6.9.1.5","FORNECIMENTO E INSTALAÇÃO DE BANCADA EM GRANITO NATURAL POLIDO VERDE UBATUBA, ESPESSURA DE 2CM, TAMPO SUPERIOR COM AS MEDIDAS DE (3,04x1,30)M, ACABAMENTO RETO, COM PAREDES EXTERNAS REVESTIDAS EM GRANITO, CONFORME DETALHE BG05 (BANCADA DA RECEPÇÃO).","un",1,6791.21,6791.21]
["6.9.1.6","FORNECIMENTO E INSTALAÇÃO DE BANCADA EM GRANITO NATURAL POLIDO VERDE UBATUBA, ESPESSURA DE 2CM, TAMPO SUPERIOR COM AS MEDIDAS DE (2,15x0,55)M, ACABAMENTO RETO, COM ABERTURA PARA CUBAS DE EMBUTIR, CONFORME DETALHE BG06.","un",1,1359.88,1359.88]
["6.9.1.7","FORNECIMENTO E INSTALAÇÃO DE BANCADA EM GRANITO NATURAL POLIDO VERDE UBATUBA, ESPESSURA DE 2CM, TAMPO SUPERIOR COM AS MEDIDAS DE (2,15x0,55)M, ACABAMENTO RETO, COM ABERTURA PARA CUBAS DE EMBUTIR, CONFORME DETALHE BG07.","un",1,1359.88,1359.88]
["6.9.1.8","FORNECIMENTO E INSTALAÇÃO DE BANCADA EM GRANITO NATURAL POLIDO VERDE UBATUBA, ESPESSURA DE 2CM, TAMPO SUPERIOR COM AS MEDIDAS DE (2,90x0,55)M, ACABAMENTO RETO, COM ABERTURA PARA CUBA DE EMBUTIR, CONFORME DETALHE BG08.","un",1,1351.7600000000002,1351.76]
["6.9.1.9","FORNECIMENTO E INSTALAÇÃO DE BANCADA EM GRANITO NATURAL POLIDO VERDE UBATUBA, ESPESSURA DE 2CM, TAMPO SUPERIOR COM AS MEDIDAS DE (1,00x0,50)M, ACABAMENTO RETO, COM ABERTURA PARA CUBA DE EMBUTIR, CONFORME DETALHE BG09.","un",2,616.70999999999992,1233.42]
["6.9.1.10","FORNECIMENTO E INSTALAÇÃO DE MONTANTE EM GRANITO NATURAL BIPOLIDO VERDE UBATUBA, COM 2CM DE ESPESSURA, H=1,80M, ENGASTADO EM PAREDE/PISO, ACABAMENTO RETO, PARA DIVISÃO DOS BANHEIROS E MICTÓRIO, CONFORME DETALHES.","m²",3.3,658.31000000000006,2172.42]
["6.9.2.","CHAPIM DE GRANITO"]
["6.9.2.1","FORNECIMENTO E ASSENTAMENTO DE CHAPIM EM GRANITO VERDE UBATUBA, ACABAMENTO RETO, L = 20 CM, ASSENTADO COM ARGAMASSA 1:6 COM ADITIVO. ","m",10.6,110.58999999999999,1172.25]
["6.9.3.","ESPELHO DE GRANITO"]
["6.9.3.1","FORNECIMENTO E INSTALAÇÃO DE ESPELHO EM GRANITO NATURAL POLIDO VERDE UBATUBA, ALTURA 10 CM, ESPESSURA 2,0 CM.","m",20.32,81.09,1647.74]
["6.9.3.2","FORNECIMENTO E INSTALAÇÃO DE ESPELHO EM GRANITO NATURAL POLIDO VERDE UBATUBA, COM FRISO, ACABAMENTO RETO, ALTURA 15 CM, ESPESSURA 2,0 CM.","m",11.32,108.13,1224.03]
["6.9.3.3","FORNECIMENTO E INSTALAÇÃO DE ESPELHO EM GRANITO NATURAL POLIDO VERDE UBATUBA, ALTURA 15 CM, ESPESSURA 2,0 CM.","m",10.119999999999999,82.419999999999987,834.09]
["6.9.3.4","FORNECIMENTO E INSTALAÇÃO DE MOLDURA EM GRANITO NATURAL POLIDO VERDE UBATUBA, LARGURA 27 CM, ESPESSURA 2,0 CM.","m",38.1,165.5,6305.55]
["6.9.4.","SOLEIRAS"]
["6.9.4.1","FORNECIMENTO E INSTALAÇÃO DE SOLEIRA EM GRANITO VERDE UBATUBA, LARGURA 15 CM, ESPESSURA 2,0 CM.","m",26.9,83.41,2243.7199999999998]
["6.9.4.2","FORNECIMENTO E INSTALAÇÃO DE SOLEIRA EM GRANITO VERDE UBATUBA, LARGURA 25 CM, ESPESSURA 2,0 CM.","m",19.600000000000001,139.04000000000002,2725.18]
["6.10.","SERRALHARIA"]
["6.10.1.","CORRIMÃO"]
["6.10.1.1","FORNECIMENTO E INSTALAÇÃO DE CONJUNTO DE GUARDA-CORPO COM CORRIMÃO EM AÇO INOX ESCOVADO EM \"L\", SENDO O GUARDA-CORPO COM DIÂMETRO Ø= DE 1 E 1/2\", ALTURA DE h=1,10 m, LONGARINAS INTERMEDIÁRIAS COM DIÂMETRO Ø= DE 1/2\" COM ALTURAS DE h=0,50 m E h=0,25 m DO PISO, E MONTANTES COM DIÂMETRO Ø= DE 1 E 1/2\" FIXADOS NO PISO. CORRIMÃO DUPLO COM DIÂMETRO Ø= DE 1 E 1/2\", ALTURAS DE h=0,92 m (PARTE SUPERIOR) E h=0,70 m (PARTE INFERIOR). ","m",11.94,1126.6799999999998,13452.55]
["6.10.1.2","FORNECIMENTO E INSTALAÇÃO DE CORRIMÃO EM AÇO INOX ESCOVADO DE Ø=1 E 1/2, DUPLO, ALTURAS h= 0,92 (SUPERIOR) E h=0,70 m (INFERIOR) FIXADO NA PAREDE.","m",3.26,282.18,919.9]
["6.10.2.","FERRO"]
["6.10.2.1","CONFECÇÃO E MONTAGEM DE ESCADA MARINHEIRO COMPOSTA POR PERFIS EM BARRA CHATA 75X8MM, BARRAS REDONDAS COM SEÇÃO 3/4\", BARRA CHATA COM SEÇÃO DE 75X10MM, PERFIS DO TIPO L (SEÇÃO 1 1/2\" X 3/16\") E CHAPAS DE BASE COM SEÇÃO 8X50X50MM, PARA FIXAÇÃO DOS PARABOLTS DO TIPO WALSYWA, COM SEÇÃO DE 1/2\". TODOS OS PERFIS GALVANIZADOS À FOGO EM AÇO DO TIPO ASTM A36, COM SOLDA EM ELETRODO 6013, 7018, 6011 OU 6010, PINTURA DE FUNDO COM PRIMER À BASE DE POLIURETANO COM ESPESSURA DE 35 MICRAS DE COR DIFERENTE DE PRETA E PINTURA DE ACABAMENTO COM TINTA À BASE DE POLIURETANO DE COR PRETA COM ESPESSURA DE 35 MICRAS, CONFORME PROJETO.","m",5.85,938.48,5490.1]
["6.10.2.2","FORNECIMENTO E ASSENTAMENTO DE GRADE DE FERRO PARA VÃOS COM TRECHO FIXO E DUAS PORTA DE GIRO, CONTORNO COM BARRA CHATA DE 1\" X 1/4\", E BARRAS REDONDAS DE 3/4\"  COM ESPAÇAMENTO MÉDIO ENTRE AS BARRAS DE 14 CM E TELA MOEDA. INCLUINDO PINTURA DE FUNDO E DE ACABAMENTO. PROJETO ESPECÍFICO GF 01 (3,50 X 4,00 M) OBRA NAZARÉ DA MATA.","un",1,6080.49,6080.49]
["6.10.2.3","FORNECIMENTO E ASSENTAMENTO DE GRADE DE FERRO FIXA PARA VÃOS, CONTORNO COM BARRA CHATA DE 1\" X 1/4\", E BARRAS REDONDAS DE 3/4\"  COM ESPAÇAMENTO MÉDIO ENTRE AS BARRAS DE 14 CM E TELA MOEDA. INCLUINDO PINTURA DE FUNDO E DE ACABAMENTO. PROJETO ESPECÍFICO GF 02 (0,50 X 4,00 M) OBRA NAZARÉ DA MATA.","un",1,1601.62,1601.62]
["6.10.2.4","FORNECIMENTO E ASSENTAMENTO DE GRADE DE FERRO FIXA PARA VÃOS TIPO QUADRICULADA, CONTORNO COM BARRA CHATA DE 1\" X 1/4\", E BARRAS HORIZONTAIS E VERTICAIS DE 1\"X1/8\" COM ESPAÇAMENTO MÉDIO ENTRE AS BARRAS DE 14 CM. INCLUINDO PINTURA DE FUNDO E DE ACABAMENTO. PROJETO ESPECÍFICO GF 03 (1,00 X 2,00 M) OBRA NAZARÉ DA MATA.","un",3,1091.76,3275.28]
["6.10.2.5","FORNECIMENTO E ASSENTAMENTO DE GRADE DE FERRO FIXA PARA VÃOS TIPO QUADRICULADA, CONTORNO COM BARRA CHATA DE 1\" X 1/4\", E BARRAS HORIZONTAIS E VERTICAIS DE 1\"X1/8\" COM ESPAÇAMENTO MÉDIO ENTRE AS BARRAS DE 14 CM. INCLUINDO PINTURA DE FUNDO E DE ACABAMENTO. PROJETO ESPECÍFICAO GF 04 (0,60 X 1,00 M) OBRA NAZARÉ DA MATA.","un",4,327.52,1310.08]
["6.10.2.6","FORNECIMENTO E ASSENTAMENTO DE GRADE DE FERRO FIXA PARA VÃOS TIPO QUADRICULADA, CONTORNO COM BARRA CHATA DE 1\" X 1/4\", E BARRAS HORIZONTAIS E VERTICAIS DE 1\"X1/8\" COM ESPAÇAMENTO MÉDIO ENTRE AS BARRAS DE 14 CM. INCLUINDO PINTURA DE FUNDO E DE ACABAMENTO. PROJETO ESPECÍFICO GF 05 (0,60 X 2,50 M) OBRA NAZARÉ DA MATA.","un",7,818.82,5731.74]
["6.10.2.7","FORNECIMENTO E ASSENTAMENTO DE GRADE DE FERRO FIXA PARA VÃOS TIPO QUADRICULADA, CONTORNO COM BARRA CHATA DE 1\" X 1/4\", E BARRAS HORIZONTAIS E VERTICAIS DE 1\"X1/8\" COM ESPAÇAMENTO MÉDIO ENTRE AS BARRAS DE 14 CM. INCLUINDO PINTURA DE FUNDO E DE ACABAMENTO. PROJETO ESPECÍFICO GF 06 (0,60 X 4,00 M) OBRA NAZARÉ DA MATA.","un",2,1310.0999999999999,2620.1999999999998]
["6.10.2.8","FORNECIMENTO E ASSENTAMENTO DE GRADE DE FERRO DE GIRO PARA VÃOS TIPO QUADRICULADA, CONTORNO COM BARRA CHATA DE 1\" X 1/4\", E BARRAS HORIZONTAIS E VERTICAIS DE 1\"X1/8\" COM ESPAÇAMENTO MÉDIO ENTRE AS BARRAS DE 14 CM. COM FERROLHO. INCLUINDO PINTURA DE FUNDO E DE ACABAMENTO. PROJETO ESPECÍFICO GF 07 (2,10 X 0,95 M) OBRA NAZARÉ DA MATA.","un",4,1195.4100000000001,4781.6400000000003]
["6.10.2.9","FORNECIMENTO E ASSENTAMENTO DE GRADE DE FERRO PARA VÃOS TIPO QUADRICULADA COM TRECHO FIXO EM BANDEIRA E UM PORTÃO DE GIRO, CONTORNO COM BARRA CHATA DE 1\" X 1/4\", E BARRAS HORIZONTAIS E VERTICAIS DE 1\"X1/8\" COM ESPAÇAMENTO MÉDIO ENTRE AS BARRAS DE 14 CM. INCLUINDO FERRAGENS. INCLUINDO PINTURA DE FUNDO E DE ACABAMENTO. PROJETO ESPECÍFICO GF09 (2,80 X 2,00 M) OBRA NAZARÉ DA MATA.","un",3,3255.54,9766.6200000000008]
["6.10.2.10","FORNECIMENTO E ASSENTAMENTO DE GRADE DE FERRO PARA VÃOS TIPO QUADRICULADA COM TRECHO FIXO E UM PORTÃO DE GIRO, CONTORNO COM BARRA CHATA DE 1\" X 1/4\", E BARRAS HORIZONTAIS E VERTICAIS DE 1\"X1/8\" COM ESPAÇAMENTO MÉDIO ENTRE AS BARRAS DE 14 CM.  INCLUINDO FERRAGENS. INCLUINDO PINTURA DE FUNDO E DE ACABAMENTO. PROJETO ESPECÍFICO GF10 (2,10 X 5,60 M) OBRA NAZARÉ DA MATA.","un",1,6525.94,6525.94]
["6.10.2.11","IMPERMEABILIZAÇÃO DE SUPERFÍCIE COM ARGAMASSA POLIMÉRICA / MEMBRANA ACRÍLICA, 3 DEMÃOS. AF_09/2023","m²",0.66,33.020000000000003,21.79]
["6.10.3.","GRADIL E PORTÃO DE ACESSO"]
["6.10.3.1","FORNECIMENTO E ASSENTAMENTO DE PORTÃO GRADIL DE GIRO DUAS FOLHAS ELETROFUNDIDO (TIPO ELETROGRADI BARRA 25X2MM, FIO 4,8 MM E MALHA 65X132MM) COM PINTURA ELETRÓSTÁTICA. SITELA OU SIMILAR. MEDINDO 3,40 X 1,50 M, COM TRECHO FIXO EM BANDEIRA. PROJETO ESPECÍFICO GF08 OBRA NAZARÉ DA MATA.","un",2,4629,9258]
["6.10.3.2","FORNECIMENTO E ASSENTAMENTO DE PORTÃO EM GRADIL ELETROFUNDIDO (TIPO ELETROGRADI BARRA 25X2MM, FIO 4,8 MM E MALHA 65X132MM) DE CORRER, MEDINDO 2,10 X 1,80 M, COM PINTURA ELETRÓSTÁTICA NA COR CINZA, PARA PROJETO ESPECÍFICO GF11 OBRA NAZARÉ DA MATA.","un",2,2114.67,4229.34]
["6.10.3.3","FORNECIMENTO E ASSENTAMENTO DE PORTÃO GRADIL DE GIRO DUAS FOLHAS ELETROFUNDIDO (TIPO ELETROGRADI BARRA 25X2MM, FIO 4,8 MM E MALHA 65X132MM) COM PINTURA ELETRÓSTÁTICA. SITELA OU SIMILAR. MEDINDO 2,00 X 1,60 M, PROJETO ESPECÍFICO GF12 OBRA NAZARÉ DA MATA.","un",1,2904.47,2904.47]
["6.10.3.4","FORNECIMENTO E ASSENTAMENTO DE GRADIL ELETROFUNDIDO (TIPO ELETROGRADI BARRA 25X2MM, FIO 4,8 MM E MALHA 65X132MM) COM PINTURA ELETRÓSTÁTICA, SITELA OU SIMILAR. PARA PROJETO ESPECÍFICO GF13 OBRA NAZARÉ DA MATA. ","m²",70.38,254.23,17892.7]
["6.10.3.5","FORNECIMENTO E ASSENTAMENTO DE PORTÃO GRADIL DE GIRO DUAS FOLHAS ELETROFUNDIDO (TIPO ELETROGRADI BARRA 25X2MM, FIO 4,8 MM E MALHA 65X132MM) COM PINTURA ELETRÓSTÁTICA, SITELA OU SIMILAR MEDINDO 2,00 X 3,5 M, PROJETO ESPECÍFICO GF14 OBRA NAZARÉ DA MATA.","un",1,6353.55,6353.55]
["6.10.3.6","FORNECIMENTO E ASSENTAMENTO DE PORTÃO GRADIL DE GIRO DUAS FOLHAS ELETROFUNDIDO (TIPO ELETROGRADI BARRA 25X2MM, FIO 4,8 MM E MALHA 65X132MM) COM PINTURA ELETRÓSTÁTICA. SITELA OU SIMILAR. MEDINDO 2,00 X 2,40 M, PROJETO ESPECÍFICO GF15 OBRA NAZARÉ DA MATA.","un",2,4356.71,8713.42]
["6.10.3.7","FORNECIMENTO E ASSENTAMENTO DE PORTÃO GRADIL DE GIRO DUAS FOLHAS ELETROFUNDIDO (TIPO ELETROGRADI BARRA 25X2MM, FIO 4,8 MM E MALHA 65X132MM) COM PINTURA ELETRÓSTÁTICA. SITELA OU SIMILAR. MEDINDO 2,00 X 2,70 M, PROJETO ESPECÍFICO GF16 OBRA NAZARÉ DA MATA.","un",1,4901.3,4901.3]
["6.10.3.8","FORNECIMENTO E ASSENTAMENTO DE PORTÃO EM GRADIL ELETROFUNDIDO (TIPO ELETROGRADI BARRA 25X2MM, FIO 4,8 MM E MALHA 65X132MM)) DE CORRER, MEDINDO 2,10 X 1,35 M, COM PINTURA ELETRÓSTÁTICA NA COR CINZA, PARA PROJETO ESPECÍFICO GF17 OBRA NAZARÉ DA MATA.","un",1,1588.79,1588.79]
["6.11.","INSTALAÇÕES HIDROSSANITÁRIAS (LOUÇAS, METAIS E ACESSÓRIOS SANITÁRIOS)"]
["6.11.1.","ACESSORIOS /ACABAMENTO PARA WC´S"]
["6.11.1.1","FORNECIMENTO E INSTALAÇÃO DE DISPENSER DE PAPEL HIGIÊNICO ROLO 300M, DE SOBREPOR, EM INOX, MARCA GLOBO OU EQUIVALENTE.","un",8,174.70000000000002,1397.6]
["6.11.1.2","FORNECIMENTO E ASSENTAMENTO DE PORTA PAPEL TOALHA, TOALHEIRO EM PLÁSTICO ABS, PARA PAPEL TOALHA INTERFOLHEADO DA SANTHER, MILCLEAN, LALEKA DA DIXHIGIENE OU EQUIVALENTE.","un",7,93.95,657.65]
["6.11.1.3","SABONETEIRA PLASTICA TIPO DISPENSER PARA SABONETE LIQUIDO COM RESERVATORIO 800 A 1500 ML, INCLUSO FIXAÇÃO. AF_01/2020","un",6,84.67,508.02]
["6.11.1.4","FORNECIMENTO DE ESPELHO CRISTAL 4MM, COLOCADO SOBRE CHAPAS DE ISOPOR, FIXADO COM PARAFUSO DE AÇO GALVANIZADO, INCLUSIVE ASSENTAMENTO","m²",4.91,377.76,1854.8]
["6.11.2.","LOUÇAS E METAIS SANITÁRIOS"]
["6.11.2.1","FORNECIMENTO E FIXAÇÃO DE ASSENTO PARA BACIA SANITÁRIA SEM ABERTURA FRONTAL, EM POLIESTER, COM FIXAÇÃO CROMADA, LINHA CONFORTO","un",1,405.8,405.8]
["6.11.2.2","FORNECIMENTO E FIXAÇÃO DE ASSENTO PARA BACIA SANITÁRIA PP COM CAIXA ACOPLADA, LINHA UNIVERSAL, CELITE OU EQUIVALENTE.","un",7,40.51,283.57]
["6.11.2.3","FORNECIMENTO E INSTALAÇÃO DE BACIA SANITÁRIA CONVENCIONAL SEM ABERTURA FRONTAL, LINHA ACESSO CONFORT, REF. 31310 CELITE OU EQUIVALENTE.","un",1,640.83000000000004,640.83000000000004]
["6.11.2.4","FORNECIMENTO E ASSENTAMENTO DE BACIA SANITÁRIA LINHA AZALEA, REF. 91351, CELITE OU EQUIVALENTE, COM CAIXA DE DESCARGA ACOPLADA, SISTEMA ECOFLUSH 3/6, REF. 91570, COR BRANCA, INCLUSIVE ENGATE FLEXÍVEL.","un",7,837.84999999999991,5864.95]
["6.11.2.5","BACIA TURCA COM TUBO DE LIGAÇÃO, COR BRANCA (08251), LINHA TURCA - LOUÇAS CELITE OU EQUIVALENTE TÉCNICO -  FORNECIMENTO E INSTALAÇÃO.","un",2,727.06999999999994,1454.14]
["6.11.2.6","FORNECIMENTO E ASSENTAMENTO DE MICTÓRIO DE LOUÇA BRANCA COM SIFÃO INTEGRADO E MEDIDA 33X28X53 CM FERRAGENS EM METAL CROMADO, REGISTRO DE PRESSÃO 1416 DE 1/2\" E TUBO DE LIGAÇÃO 1/2\".","un",2,641.19000000000005,1282.3800000000001]
["6.11.2.7","CUBA DE EMBUTIR OVAL EM LOUÇA BRANCA, 35 X 50CM OU EQUIVALENTE - FORNECIMENTO E INSTALAÇÃO. AF_01/2020","un",6,131.54,789.24]
["6.11.2.8","FORNECIMENTO E INSTALAÇÃO DE CUBA DE AÇO INOX RETANGULAR 46X30X12CM, FABRICAÇÃO TRAMONTINA OU EQUIVALENTE, INCLUSIVE ENGATE FLEXÍVEL.","un",1,201.51999999999998,201.52]
["6.11.2.9","FORNECIMENTO E INSTALAÇÃO DE LAVATÓRIO DE LOUÇA COM COLUNA SUSPENSA, LINHA ACESSO, CÓD.31055, CELITE OU EQUIVALENTE.","un",2,519.26,1038.52]
["6.11.2.10","TANQUE DE LOUÇA BRANCA COM COLUNA, 30L OU EQUIVALENTE, INCLUSO O ENGATE FLEXÍVEL EM PVC - FORNECIMENTO E INSTALAÇÃO","un",1,657.75,657.75]
["6.11.2.11","FORNECIMENTO E INSTALAÇÃO DE DUCHA HIGIÊNICA COM REGISTRO E DERIVAÇÃO, LINHA LINK, REF.: 1984.C.ACT.LNK.CR, DA DECA OU EQUIVALENTE TÉCNICO.","un",1,410.59000000000003,410.59]
["6.11.2.12","FORNECIMENTO E INSTALAÇÃO DE ACABAMENTO PARA VÁLVULA DE DESCARGA LINHA ECO CONFORTO, HYDRA OU EQUIVALENTE","un",1,686.52,686.52]
["6.11.2.13","BARRA DE APOIO RETA, EM ACO INOX POLIDO, COMPRIMENTO 40CM, FIXADA COM PARAFUSOS - FORNECIMENTO E INSTALAÇÃO.","un",6,271.46999999999997,1628.82]
["6.11.2.14","BARRA DE APOIO RETA, EM ACO INOX POLIDO, COMPRIMENTO 80 CM,  FIXADA NA PAREDE - FORNECIMENTO E INSTALAÇÃO. AF_01/2020","un",5,365.42,1827.1]
["6.12.","AGENCIAMENTO EXTERNO"]
["6.12.1.","PISO INTERTRAVADO / MEIO-FIO"]
["6.12.1.1","ASSENTAMENTO DE GUIA (MEIO-FIO) EM TRECHO RETO, CONFECCIONADA EM CONCRETO PRÉ-FABRICADO, DIMENSÕES 100X15X13X30 CM (COMPRIMENTO X BASE INFERIOR X BASE SUPERIOR X ALTURA). AF_01/2024","m",124.89,50.1,6256.98]
["6.12.1.2","EXECUÇÃO DE PAVIMENTO EM PISO INTERTRAVADO, COM BLOCO RETANGULAR COR NATURAL DE 20 X 10 CM, ESPESSURA 8 CM. INCLUINDO COLCHÃO DE AREIA DE E= 6CM E COM REJUNTAMENTO DE AREIA.","m²",385.21,67.42,25970.85]
["6.12.1.3","EXECUÇÃO DE PASSEIO (CALÇADA) OU PISO DE CONCRETO COM CONCRETO MOLDADO IN LOCO, FEITO EM OBRA, ACABAMENTO CONVENCIONAL, ESPESSURA 10 CM, ARMADO.","m²",234.6,105.63000000000001,24780.79]
["6.12.2.","ESTACIONAMENTOS"]
["6.12.2.1","PINTURA DE DEMARCAÇÃO DE VAGA COM TINTA ACRÍLICA, E = 10 CM, APLICAÇÃO MANUAL. AF_05/2021","m",15.28,4.63,70.739999999999995]
["6.12.2.2","PINTURA DE PISO COM TINTA ACRÍLICA, APLICAÇÃO MANUAL, 2 DEMÃOS, INCLUSO FUNDO PREPARADOR. AF_05/2021","m²",5.52,21.36,117.9]
["6.12.2.3","EXECUÇÃO DE PISO TÁTIL DE ALERTA, EM LAJOTA DE CONCRETO, COM DIMENSÕES 25X25CM, ASSENTADO COM ARGAMASSA TRAÇO 1:6, APLICADO SOBRE LASTRO DE CONCRETO.","m²",1.65,123.64,204]
["6.12.3.","PAISAGISMO"]
["6.12.3.1","FORNECIMENTO E COLOCAÇÃO DE CASCALHO DE CASCA DE PINUS.","m²",53.06,46.430000000000007,2463.5700000000002]
["6.12.3.2","FORNECIMENTO E PLANTIO DE MUDAS DE CROTON, INCLUSIVE PREPARAÇÃO DE SOLO (FERTILIZANTE).","un",16,7.99,127.84]
["6.12.3.3","FORNECIMENTO E PLANTIO DE DRACENA REFLEXA, INCLUSIVE PREPARAÇÃO DE SOLO (TERRA VEGETAL E FERTILIZANTE).","un",17,89.6,1523.2]
["6.12.3.4","FORNECIMENTO E PLANTIO DE MUDAS DE DRACENA TRICOLOR, INCLUSIVE PREPARAÇÃO DE SOLO (TERRA VEGETAL E FERTILIZANTE).","un",40,12.930000000000001,517.20000000000005]
["6.12.3.5","FORNECIMENTO E PLANTIO DE MUDAS DE JIBÓIA, 15 UNIDADES POR METRO QUADRADO, INCLUSIVE PREPARAÇÃO DO TERRENO PARA PLANTIO (TERRA VEGETAL E FERTILIZANTE)","m²",62.29,207.31,12913.33]
["6.12.3.6","FORNECIMENTO E PLANTIO DE ESPADA DE SÃO JORGE, INCLUSIVE PREPARAÇÃO DE SOLO (TERRA VEGETAL E FERTILIZANTE).","un",21,32.369999999999997,679.77]
["6.12.3.7","FORNECIMENTO E PLANTIO DE GRAMA AMENDOIM, INCLUSIVE PREPARAÇÃO DE SOLO (TERRA VEGETAL E FERTILIZANTE).","m²",16.12,44.309999999999995,714.27]
["6.12.3.8","FORNECIMENTO E PLANTIO DE GRAMA ESMERALDA EM PLACAS, INCLUSIVE PREPARAÇÃO DE SOLO (TERRA VEGETAL E FERTILIZANTE).","m²",166.85,32.700000000000003,5455.99]
["6.12.3.9","FORNECIMENTO E PLANTIO DE PALMEIRA FENIX, COM CERCA DE 1,00M DE ALTURA, INCLUINDO PREPARAÇÃO DE COVA COM 40 X 40 X 40 CM, COM BARRO JARDIM E ESTRUME BOVINO.","un",6,147.95999999999998,887.76]
["6.13.","IDENTIDADE VISUAL"]
["6.13.1","FORNECIMENTO E ASSENTAMENTO DE MASTRO PARA BANDEIRA EM TUBO DE FERRO GALVANIZADO DE 2 1/2¨, 2¨ E 1 1/2\", TRIPLO, COMPRIMENTO TOTAL 19M (9,12M X 2\" 1/2 + 7,78M X 2\" + 2,10M X 1 1/2\"), CONFORME DETALHES, INCLUSIVE PINTURA ANTICORROSIVA E PINTURA EM ESMALTE SINTÉTICO, COR A DEFINIR.","un",1,1577.99,1577.99]
["6.13.2","INSTALAÇÃO DE LETREIRO \"MINISTRO DJALMA TAVARES DA CUNHA MELO\" COM LETRAS TIPO CAIXA, FONTE ARIAL BLACK, COM 5cm DE PROFUNDIDADE, ALTURA COM 20cm, CHAPA 20, EM AÇO INOX 316L ESCOVADO, COM SISTEMA DE FIXAÇÃO EM PREGOS E BUCHAS OU PERFIL TIPO \"L\". (CONFORME DETALHE) (NÃO INCLUI FORNECIMENTO)","un",32,29.43,941.76]
["6.13.3","INSTALAÇÃO DE LETREIRO \"TRIBUNAL DE JUSTIÇA DE PERNAMBUCO\" COM LETRAS TIPO CAIXA, FONTE ARIAL BLACK, COM 5cm DE PROFUNDIDADE, ALTURA COM 20cm, CHAPA 20, EM AÇO INOX 316L ESCOVADO, COM SISTEMA DE FIXAÇÃO EM PREGOS E BUCHAS OU PERFIL TIPO \"L\". (CONFORME DETALHE) (NÃO INCLUI FORNECIMENTO)","un",30,29.43,882.9]
["6.13.4","INSTALAÇÃO DE LETREIRO \"FÓRUM DE NAZARÉ DA MATA\" COM LETRAS TIPO CAIXA, FONTE ARIAL BLACK, COM 5cm DE PROFUNDIDADE, ALTURA COM 30cm, CHAPA 20, EM AÇO INOX 316L ESCOVADO, COM SISTEMA DE FIXAÇÃO EM PREGOS E BUCHAS OU PERFIL TIPO \"L\". (CONFORME DETALHE) (NÃO INCLUI FORNECIMENTO)","un",21,29.43,618.03]
["6.13.5","INSTALAÇÃO DE LETREIRO \"TJPE\" COM LETRAS TIPO CAIXA, FONTE ARIAL BLACK, COM 5cm DE PROFUNDIDADE, ALTURA COM 30cm, CHAPA 20, EM AÇO INOX 316L ESCOVADO, COM SISTEMA DE FIXAÇÃO EM PREGOS E BUCHAS OU PERFIL TIPO \"L\". (CONFORME DETALHE) (NÃO INCLUI FORNECIMENTO)","un",4,29.43,117.72]
["6.14.","COBERTA"]
["6.14.1","TRAMA DE MADEIRA COMPOSTA POR TERÇAS PARA TELHADOS DE ATÉ 2 ÁGUAS PARA TELHA ESTRUTURAL DE FIBROCIMENTO, INCLUSO TRANSPORTE VERTICAL.","m",240.38,42.48,10211.34]
["6.14.2","TELHAMENTO COM TELHA ESTRUTURAL DE FIBROCIMENTO E= 8 MM, COM ATÉ 2 ÁGUAS, INCLUSO IÇAMENTO. AF_07/2019_PS","m²",289.24,130.88999999999999,37858.620000000003]
["6.14.3","FORNECIMENTO E FIXAÇÃO DE CUMEEIRA NORMAL EM FIBROCIMENTO PARA TELHA DE 8mm, INCLUSIVE IÇAMENTO","m",14.26,57.61,821.51]
["6.14.4","PINTURA IMPERMEABILIZANTE COM MANTA LÍQUIDA, 3 DEMÃOS, VEDACIT (VEDAPREN PAREDE BRANCO), SIKA (IGOLFLEX FACHADA BRANCO), QUARTZOLIT, CORAL (PROTEÇÃO SOL E CHUVA), BAUTECH OU EQUIVALENTE.","m²",28.96,35.86,1038.5]
["6.14.5","RUFO EM CONCRETO ARMADO, FCK=20 MPA, LARGURA 30CM, ESPESSURA 5CM.","m",95.68,40.83,3906.61]
["6.14.6","FORNECIMENTO E INSTALAÇÃO DE CHAPIM SOBRE MUROS LINEARES, EM CONCRETO PRÉ-MOLDADO, L = 24 CM, ASSENTADO COM ARGAMASSA.","m",205.9,34.130000000000003,7027.36]
["6.14.7","FORNECIMENTO E INSTALAÇÃO DE LINHA DE VIDA NA COBERTA (INSTALADA JUNTO AO PISO)","m",8.3800000000000008,70.36,589.61]
["7.","INSTALAÇÕES ELÉTRICAS"]
["7.1.","ALARME E SONORIZAÇÃO"]
["7.1.1.","Caixa de passagem"]
["7.1.1.1","PONTO DE SONOFLETOR EM TETO/PAREDE, COMPOSTO POR ELETRODUTO DE PVC RÍGIDO DE 3/4\" COM LUVA DE ROSCA INTERNA E DEMAIS ACESSÓRIOS - FORNECIMENTO E INSTALAÇÃO."," pt",6,84.2,505.2]
["7.1.1.2","CAIXA RETANGULAR 4X2” EM ALUMÍNIO – FORNECIMENTO E INSTALAÇÃO.","un",3,23.84,71.52]
["7.1.1.3","PONTO DE MICROFONE PELO PISO, COMPOSTO POR ELETRODUTO DE PVC RÍGIDO DE 1\" COM LUVA DE ROSCA INTERNA E DEMAIS ACESSÓRIOS - FORNECIMENTO E INSTALAÇÃO."," pt",4,144.84,579.36]
["7.1.1.4","FORNECIMENTO TAMPA CEGA, 4X4 POL., COR BRANCA, NA LINHA PIAL PLUS OU EQUIVALENTE, INCLUSIVE INSTALAÇÃO.","un",6,3.81,22.86]
["7.1.1.5","CAIXA RETANGULAR 4X4\", EM PVC, INSTALADA EM TETO. FORNECIMENTO E INSTALAÇÃO.","un",6,14,84]
["7.1.1.6","PLACA/TAMPA PARA 2 TOMADAS DE PISO 4\"X4\" EM INOX OU LATÃO – FORNECIMENTO E INSTALAÇÃO.","un",4,40.379999999999995,161.52000000000001]
["7.1.1.7","CAIXA RETANGULAR 4X4\", EM ALUMÍNIO, INSTALADA NO PISO. FORNECIMENTO E INSTALAÇÃO.","un",4,30.98,123.92]
["7.1.1.8","PONTO PARA ALARME EM TETO/PAREDE, COMPOSTO POR CABO TELEFÔNICO CCI-50, 4 PARES, SEM BLINDAGEM, ELETRODUTO DE PVC CORRUGADO 1\", ELETRODUTO DE PVC RÍGIDO DE 1\" COM LUVA DE ROSCA INTERNA E DEMAIS ACESSÓRIOS - FORNECIMENTO E INSTALAÇÃO."," pt",20,260.79000000000002,5215.8]
["7.1.1.9","CAIXA RETANGULAR 4X2\", ALTA (2,00 M DO PISO), EM PVC, INSTALADA EM ALVENARIA. FORNECIMENTO E INSTALAÇÃO.","un",20,40.39,807.8]
["7.1.1.10","CAIXA RETANGULAR 4X4\", EM PVC, INSTALADA EM ALVENARIA. FORNECIMENTO E INSTALAÇÃO.","un",4,21.990000000000002,87.96]
["7.1.1.11","CONDULETE DE ALUMÍNIO COM TAMPA, TIPO T, PARA ELETRODUTO ROSCÁVEL DE 1\", APARENTE, INCLUSIVE ACESSÓRIOS DE FIXAÇÃO. FORNECIMENTO E INSTALAÇÃO.","un",2,46.269999999999996,92.54]
["7.1.1.12","CONDULETE DE PVC, TIPO T, PARA ELETRODUTO ROSCÁVEL DE 3/4\", APARENTE, INCLUSIVE ACESSÓRIOS DE FIXAÇÃO. FORNECIMENTO E INSTALAÇÃO.","un",2,37.369999999999997,74.739999999999995]
["7.1.1.13","BLOCO TELEFÔNICO BLI-10 COM CANALETA – FORNECIMENTO E INSTALAÇÃO.","un",2,24.39,48.78]
["7.1.1.14","CONDULETE DE PVC, TIPO T, PARA ELETRODUTO ROSCÁVEL DE 1\", APARENTE, INCLUSIVE ACESSÓRIOS DE FIXAÇÃO. FORNECIMENTO E INSTALAÇÃO.","un",2,50.45,100.9]
["7.1.1.15","FORNECIMENTO E INSTALAÇÃO DE TAMPA CEGA PARA CONDULETE EM PVC CAIXA 4\" X 2\"","un",4,9.7199999999999989,38.880000000000003]
["7.1.1.16","CAIXA DE PASSAGEM METÁLICA DE EMBUTIR 20X20X10 CM – FORNECIMENTO E INSTALAÇÃO.","un",1,110.09,110.09]
["7.1.1.17","PLACA CEGA PARA CAIXA 4X4\", COMPOSTA POR SUPORTE E PLACA NA COR BRANCA, PIALPLUS OU EQUIVALENTE. FORNECIMENTO E INSTALAÇÃO.","un",2,12.760000000000002,25.52]
["7.1.1.18","PLACA CEGA PARA CAIXA 4X2\", COMPOSTA POR SUPORTE E PLACA NA COR BRANCA, PIALPLUS OU EQUIVALENTE. FORNECIMENTO E INSTALAÇÃO.","un",22,8.61,189.42]
["7.1.1.19","QUADRO DE DISTRIBUIÇÃO PARA TELEFONE Nº 3, DE EMBUTIR, PADRÃO TELEBRÁS, DIMENSÕES 40X40X12CM EM CHAPA DE AÇO GALVANIZADO E DEMAIS ACESSÓRIOS. FORNECIMENTO E INSTALAÇÃO.","un",1,190.14,190.14]
["7.1.2.","Segmento de transporte de cabos"]
["7.1.2.1","ELETROCALHA PERFURADA, GALVANIZADA, DIM.: 50X50MM, CHAPA 22, INCLUSIVE CONEXÕES, ACESSÓRIOS DE DERIVAÇÃO, MATERIAIS PARA FIXAÇÃO E SUSTENTAÇÃO. FORNECIMENTO E INSTALAÇÃO.       ","m",57.73,71.31,4116.72]
["7.1.2.2","ELETRODUTO RÍGIDO ROSCÁVEL, EM PVC, DN 25 MM (3/4\"), COM LUVA DE ROSCA INTERNA E CONEXÕES, INSTALADO EM PAREDE, INCLUINDO RASGOS EM ALVENARIA.  FORNECIMENTO E INSTALAÇÃO.","m",3.83,25.080000000000002,96.05]
["7.2.","CABEAMENTO ESTRUTURADO"]
["7.2.1.","Caixa de passagem"]
["7.2.1.1","PONTO DUPLO PARA VOZ/DADOS EM ALVENARIA, COMPOSTO POR TUBULAÇÃO EM ELETRODUTO DE PVC RÍGIDO 1\", ELETRODUTO PVC CORRUGADO 1\", COM LUVA DE ROSCA INTERNA, CURVA E ACESSÓRIOS, CABO UTP 4 PARES (2X), CAT. 5E, FURUKAWA OU EQUIVALENTE, PARA DUAS TOMADA RJ45 (VOZ/DADOS) INCLUINDO A RESERVA TÉCNICA DE CABO DE 11M (2X5,5M)."," pt",20,364.27,7285.4]
["7.2.1.2","PONTO DUPLO PARA VOZ/DADOS NO PISO, COMPOSTO POR TUBULAÇÃO EM ELETRODUTO DE PVC RÍGIDO 1\", ELETRODUTO PVC CORRUGADO 1\", COM LUVA DE ROSCA INTERNA, CURVA E ACESSÓRIOS, CABO UTP 4 PARES (2X), CAT. 5E, FURUKAWA OU EQUIVALENTE, PARA DUAS TOMADA RJ45 (VOZ/DADOS) INCLUINDO A RESERVA TÉCNICA DE CABO DE 11M (2X5,5M)."," pt",9,462.89,4166.01]
["7.2.1.3","PONTO SIMPLES PARA VOZ/DADOS EM ALVENARIA, COMPOSTO POR TUBULAÇÃO EM ELETRODUTO DE PVC RÍGIDO 1\", ELETRODUTO PVC CORRUGADO 1\", COM LUVA DE ROSCA INTERNA, CURVA E ACESSÓRIOS, CABO UTP 4 PARES (2X), CAT. 5E, FURUKAWA OU EQUIVALENTE, PARA UMA TOMADA RJ45 (VOZ/DADOS) INCLUINDO A RESERVA TÉCNICA DE CABO DE 11M (2X5,5M)."," pt",3,228.11,684.33]
["7.2.1.4","PATCH PANEL 48 PORTAS, CATEGORIA 5E - FORNECIMENTO E INSTALAÇÃO. AF_11/2019","un",3,3207.63,9622.89]
["7.2.1.5","SWITCH 48 PORTAS RJ-45 10/100 + 2 10/100/1000, INCLUSIVE FIXAÇÃO.","un",1,3380.43,3380.43]
["7.2.1.6","RACK FECHADO DE PISO COM PORTA EM ACRÍLICO - 24 U´S – FORNECIMENTO E INSTALAÇÃO.","un",1,1692.71,1692.71]
["7.2.1.7","CAIXA RETANGULAR 4X4\", EM ALUMÍNIO, INSTALADA NO PISO. FORNECIMENTO E INSTALAÇÃO.","un",9,30.98,278.82]
["7.2.1.8","CAIXA RETANGULAR 4X4\", EM PVC, INSTALADA EM ALVENARIA. FORNECIMENTO E INSTALAÇÃO.","un",2,21.990000000000002,43.98]
["7.2.1.9","CONDULETE DE PVC, TIPO T, PARA ELETRODUTO ROSCÁVEL DE 1\", APARENTE, INCLUSIVE ACESSÓRIOS DE FIXAÇÃO. FORNECIMENTO E INSTALAÇÃO.","un",4,50.45,201.8]
["7.2.1.10","FORNECIMENTO E INSTALAÇÃO DE TAMPA CEGA PARA CONDULETE EM PVC CAIXA 4\" X 2\"","un",4,9.7199999999999989,38.880000000000003]
["7.2.1.11","CAIXA ENTERRADA PARA INSTALAÇÕES TELEFÔNICAS TIPO R1, EM ALVENARIA COM BLOCOS DE CONCRETO, DIMENSÕES INTERNAS: 0,35X0,60X0,60 M, EXCLUINDO TAMPÃO. AF_12/2020","un",4,556.28,2225.12]
["7.2.1.12","TAMPA PARA CAIXA TIPO R1, EM FERRO FUNDIDO, DIMENSÕES INTERNAS: 0,40 X 0,60 M - FORNECIMENTO E INSTALAÇÃO. AF_12/2020","un",4,331.83000000000004,1327.32]
["7.2.1.13","CAIXA RETANGULAR 4X2\", EM PVC, INSTALADA EM ALVENARIA. FORNECIMENTO E INSTALAÇÃO.","un",2,18.64,37.28]
["7.2.1.14","CAIXA RETANGULAR 4X4\", EM PVC, INSTALADA EM ALVENARIA. FORNECIMENTO E INSTALAÇÃO.","un",20,21.990000000000002,439.8]
["7.2.1.15","TOMADA DUPLA PARA VOZ/DADOS PARA CAIXA 4X4\", COMPOSTA POR SUPORTE, PLACA PARA QUATRO POSTOS, DOIS MÓDULOS DE TOMADA RJ45 CAT. 5E, COR BRANCA, PIALPLUS OU EQUIVALENTE, INCLUSIVE CONEXÃO/CRIMPAGEM TIPO IMPACTO (PUSH-DOWN). FORNECIMENTO E INSTALAÇÃO.","un",20,93.6,1872]
["7.2.1.16","TOMADA SIMPLES PARA VOZ/DADOS PARA CAIXA 4X2 \", COMPOSTA POR SUPORTE, PLACA PARA UM POSTO E UM MÓDULO DE TOMADA RJ45, CAT. 5E, COR BRANCA, PIALPLUS OU EQUIVALENTE, INCLUSIVE CONEXÃO/CRIMPAGEM TIPO IMPACTO (PUSH-DOWN). FORNECIMENTO E INSTALAÇÃO.","un",2,48.730000000000004,97.46]
["7.2.1.17","TOMADA DUPLA DE PISO PARA VOZ/DADOS PARA CAIXA 4X4\", COMPOSTA POR SUPORTE, PLACA PARA DOIS POSTOS EM INOX OU LATÃO, DOIS MÓDULOS DE TOMADA RJ45 CAT. 5E, PIALPLUS OU EQUIVALENTE, INCLUSIVE CONEXÃO/CRIMPAGEM TIPO IMPACTO (PUSH-DOWN). FORNECIMENTO E INSTALAÇÃO.","un",9,129.35000000000002,1164.1500000000001]
["7.2.1.18","PLACA CEGA PARA CAIXA 4X4\", COMPOSTA POR SUPORTE E PLACA NA COR BRANCA, PIALPLUS OU EQUIVALENTE. FORNECIMENTO E INSTALAÇÃO.","un",2,12.760000000000002,25.52]
["7.2.1.19","QUADRO DE DISTRIBUIÇÃO PARA TELEFONE Nº 4, DE SOBREPOR, PADRÃO TELEBRÁS, DIMENSÕES 60X60X12CM EM CHAPA DE AÇO GALVANIZADO E DEMAIS ACESSÓRIOS. FORNECIMENTO E INSTALAÇÃO.","un",1,333.01,333.01]
["7.2.2.","Conexão do porta-cabos"]
["7.2.2.1","CURVA 90 GRAUS PARA ELETRODUTO, PVC, ROSCÁVEL, DN 32 MM (1\"), PARA CIRCUITOS TERMINAIS, INSTALADA EM FORRO - FORNECIMENTO E INSTALAÇÃO. AF_03/2023","un",1,18.64,18.64]
["7.2.3.","Segmento de transporte de cabos"]
["7.2.3.1","ELETROCALHA PERFURADA, GALVANIZADA, DIM.: 100X50MM, CHAPA 18, INCLUSIVE CONEXÕES, ACESSÓRIOS DE DERIVAÇÃO, MATERIAIS PARA FIXAÇÃO E SUSTENTAÇÃO. FORNECIMENTO E INSTALAÇÃO.        ","m",14.3,89.93,1285.99]
["7.2.3.2","ELETROCALHA PERFURADA, GALVANIZADA, DIM.: 50X50MM, CHAPA 22, INCLUSIVE CONEXÕES, ACESSÓRIOS DE DERIVAÇÃO, MATERIAIS PARA FIXAÇÃO E SUSTENTAÇÃO. FORNECIMENTO E INSTALAÇÃO.       ","m",46.28,71.31,3300.22]
["7.2.3.3","ELETRODUTO RÍGIDO ROSCÁVEL, EM PVC, DN 50 MM (1 1/2\"), COM LUVA DE ROSCA INTERNA E CONEXÕES, INSTALAÇÃO APARENTE, FIXADO COM ABRAÇADEIRA.  FORNECIMENTO E INSTALAÇÃO.","m",1.1299999999999999,40.32,45.56]
["7.2.3.4","ELETRODUTO RÍGIDO ROSCÁVEL, EM PVC, DN 60 MM (2\"), COM LUVA DE ROSCA INTERNA E CONEXÕES, INSTALAÇÃO APARENTE, FIXADO COM ABRAÇADEIRA.  FORNECIMENTO E INSTALAÇÃO.","m",3.85,48.620000000000005,187.18]
["7.2.3.5","ELETRODUTO RÍGIDO ROSCÁVEL, PVC, DN 60 MM (2\"), COM LUVA DE ROSCA INTERNA E CONEXÕES, INSTALAÇÃO ENTERRADA ENVELOPADO EM CONCRETO ESTRUTURAL FCK ≥ 20 MPA, TRAÇO 1:2:7:3 (25X25CM), INCLUINDO ESCAVAÇÃO E REATERRO.  (COM 25CM DE ALTURA E 40CM DE BASE) – FORNECIMENTO E INSTALAÇÃO.","m",52.04,144.72999999999999,7531.74]
["7.3.","CFTV"]
["7.3.1.","Caixa de passagem"]
["7.3.1.1","PONTO DE CFTV EM ALVENARIA, COMPOSTO POR TUBULAÇÃO EM ELETRODUTO DE PVC RÍGIDO 1\", ELETRODUTO PVC CORRUGADO 1\", COM LUVA DE ROSCA INTERNA, CURVA E ACESSÓRIOS, CABO UTP 4 PARES (2X), CAT. 5E, FURUKAWA OU EQUIVALENTE, PARA UMA TOMADA RJ45 (VOZ/DADOS) INCLUINDO A RESERVA TÉCNICA DE CABO DE 11M (2X5,5M)."," pt",6,305.31,1831.86]
["7.3.1.2","TOMADA SIMPLES PARA VOZ/DADOS PARA CAIXA 4X2 \", COMPOSTA POR SUPORTE, PLACA PARA UM POSTO E UM MÓDULO DE TOMADA RJ45, CAT. 5E, COR BRANCA, PIALPLUS OU EQUIVALENTE, INCLUSIVE CONEXÃO/CRIMPAGEM TIPO IMPACTO (PUSH-DOWN). FORNECIMENTO E INSTALAÇÃO.","un",10,48.730000000000004,487.3]
["7.3.1.3","PONTO DE CFTV EM TETO/ALVENARIA, COMPOSTO POR TUBULAÇÃO EM ELETRODUTO DE PVC RÍGIDO 1\", ELETRODUTO PVC CORRUGADO 1\", COM LUVA DE ROSCA INTERNA, CURVA E ACESSÓRIOS, CABO UTP 4 PARES (2X), CAT. 5E, FURUKAWA OU EQUIVALENTE, PARA UMA TOMADA RJ45 (VOZ/DADOS) INCLUINDO A RESERVA TÉCNICA DE CABO DE 11M (2X5,5M)."," pt",1,305.31,305.31]
["7.3.1.4","PATCH PANEL 24 PORTAS, CATEGORIA 5E - FORNECIMENTO E INSTALAÇÃO. AF_11/2019","un",1,767.1,767.1]
["7.3.1.5","PONTO DE CFTV SOBREPOR NO TETO, COMPOSTO POR TUBULAÇÃO EM ELETRODUTO DE PVC RÍGIDO 1\", COM LUVA DE ROSCA INTERNA, CURVA E ACESSÓRIOS, CABO UTP 4 PARES (2X), CAT. 5E, FURUKAWA OU EQUIVALENTE, PARA UMA TOMADA RJ45 (VOZ/DADOS) INCLUINDO A RESERVA TÉCNICA DE CABO DE 11M (2X5,5M)."," pt",3,272.19,816.57]
["7.3.1.6","SWITCH 24 PORTAS RJ-45 10/100 + 2 10/100/1000, INCLUSIVE FIXAÇÃO.","un",1,1034.73,1034.73]
["7.3.1.7","RACK FECHADO DE PISO COM PORTA EM ACRÍLICO - 24 U´S – FORNECIMENTO E INSTALAÇÃO.","un",1,1692.71,1692.71]
["7.3.1.8","CAIXA RETANGULAR 4X2” EM ALUMÍNIO – FORNECIMENTO E INSTALAÇÃO.","un",3,23.84,71.52]
["7.3.1.9","CAIXA RETANGULAR 4X2\", ALTA (2,00 M DO PISO), EM PVC, INSTALADA EM ALVENARIA. FORNECIMENTO E INSTALAÇÃO.","un",7,40.39,282.73]
["7.3.1.10","CONDULETE DE PVC, TIPO T, PARA ELETRODUTO ROSCÁVEL DE 1\", APARENTE, INCLUSIVE ACESSÓRIOS DE FIXAÇÃO. FORNECIMENTO E INSTALAÇÃO.","un",3,50.45,151.35]
["7.3.1.11","FORNECIMENTO E INSTALAÇÃO DE TAMPA CEGA PARA CONDULETE EM PVC CAIXA 4\" X 2\"","un",3,9.7199999999999989,29.16]
["7.3.2.","Segmento de transporte de cabos"]
["7.3.2.1","ELETROCALHA PERFURADA, GALVANIZADA, DIM.: 50X50MM, CHAPA 22, INCLUSIVE CONEXÕES, ACESSÓRIOS DE DERIVAÇÃO, MATERIAIS PARA FIXAÇÃO E SUSTENTAÇÃO. FORNECIMENTO E INSTALAÇÃO.       ","m",58.48,71.31,4170.2]
["7.4.","ALIMENTADORES"]
["7.4.1.","Caixa de distribuição elétrica"]
["7.4.1.1","DISJUNTOR TERMOMAGNÉTICO TRIPOLAR , CORRENTE NOMINAL DE 125A - FORNECIMENTO E INSTALAÇÃO. AF_10/2020","un",1,447.15999999999997,447.16]
["7.4.1.2","DISJUNTOR TRIPOLAR TIPO DIN, CORRENTE NOMINAL DE 32A - FORNECIMENTO E INSTALAÇÃO. AF_10/2020","un",1,85.65,85.65]
["7.4.1.3","DISJUNTOR TRIPOLAR TIPO DIN, CORRENTE NOMINAL DE 40A - FORNECIMENTO E INSTALAÇÃO. AF_10/2020","un",4,93.53,374.12]
["7.4.1.4","DISJUNTOR TRIPOLAR TIPO DIN, CORRENTE NOMINAL DE 50A - FORNECIMENTO E INSTALAÇÃO. AF_10/2020","un",1,103.8,103.8]
["7.4.1.5","DISJUNTOR TRIPOLAR 80 A, PADRÃO DIN (LINHA BRANCA), CURVA DE DISPARO C, CORRENTE DE INTERRUPÇÃO 10KA, REF.: SIEMENS 5SX1 OU SIMILAR – FORNECIMENTO E INSTALAÇÃO. ","un",2,285.64,571.28]
["7.4.1.6","DISPOSITIVO DPS CLASSE II, 1 POLO, 440V, 40KA, INCLUINDO TERMINAIS A COMPRESSÃO EM COBRE ESTANHADO. FORNECIMENTO E INSTALAÇÃO.","un",4,174.69,698.76]
["7.4.1.7","QUADRO DE DISTRIBUIÇÃO DE ENERGIA DE SOBREPOR, EM CHAPA METÁLICA, PARA 40 DISJUNTORES TERMOMAGNÉTICOS MONOPOLARES, PADRÃO DIN, COM BARRAMENTO TRIFÁSICO (100A), GUIA PARA DISJUNTOR GERAL, BARRAS DE NEUTRO E TERRA E DEMAIS ACESSÓRIOS. FORNECIMENTO E INSTALAÇÃO.","un",4,891.82,3567.28]
["7.4.2.","Caixa de passagem"]
["7.4.2.1","CAIXA DE PASSAGEM 100X100X80MM, CHAPA 18, COM TAMPA PARAFUSADA – FORNECIMENTO E INSTALAÇÃO.","un",1,43.34,43.34]
["7.4.2.2","CAIXA ENTERRADA ELÉTRICA RETANGULAR, EM ALVENARIA COM TIJOLOS CERÂMICOS MACIÇOS, FUNDO COM BRITA, DIMENSÕES INTERNAS: 0,6X0,6X0,6 M. AF_12/2020","un",4,483.07000000000005,1932.28]
["7.4.2.3","CAIXA ENTERRADA ELÉTRICA RETANGULAR, EM ALVENARIA COM TIJOLOS CERÂMICOS MACIÇOS, FUNDO COM BRITA, DIMENSÕES INTERNAS: 0,8X0,8X1,0 M.","un",1,888.86999999999989,888.87]
["7.4.3.","Segmento de fluxo"]
["7.4.3.1","CABO DE COBRE FLEXÍVEL, ISOLADO CLASSE 4 OU 5, SEÇÃO NOMINAL DE 6 MM², ANTI-CHAMA, 0,6/1,0KV - 70ºC, INCLUSIVE INSTALAÇÃO.","m",6.15,7.7299999999999995,47.53]
["7.4.3.2","CABO DE COBRE FLEXÍVEL, ISOLADO CLASSE 4 OU 5, SEÇÃO NOMINAL DE 35 MM², ANTI-CHAMA, 0,6/1,0KV - 70ºC, INCLUSIVE INSTALAÇÃO.","m",5.8,36.06,209.14]
["7.4.4.","Segmento de transporte de cabos"]
["7.4.4.1","CABO DE COBRE FLEXÍVEL, ISOLADO CLASSE 4 OU 5, SEÇÃO NOMINAL DE 10 MM², ANTI-CHAMA, 0,6/1,0KV - 70ºC, INCLUSIVE INSTALAÇÃO.","m",18.03,12.219999999999999,220.32]
["7.4.4.2","CABO DE COBRE FLEXÍVEL, ISOLADO CLASSE 4 OU 5, SEÇÃO NOMINAL DE 16 MM², ANTI-CHAMA, 0,6/1,0KV - 70ºC, INCLUSIVE INSTALAÇÃO.","m",2.65,17.68,46.85]
["7.4.4.3","CABO DE COBRE FLEXÍVEL, ISOLADO CLASSE 4 OU 5, SEÇÃO NOMINAL DE 25 MM², ANTI-CHAMA, 0,6/1,0KV - 70ºC, INCLUSIVE INSTALAÇÃO.","m",10.6,25.169999999999998,266.8]
["7.4.4.4","CABO DE COBRE FLEXÍVEL, ISOLADO CLASSE 4 OU 5, SEÇÃO NOMINAL DE 6 MM², ANTI-CHAMA, 0,6/1,0KV - 70ºC, INCLUSIVE INSTALAÇÃO.","m",12.63,7.7299999999999995,97.62]
["7.4.4.5","CABO DE COBRE FLEXÍVEL, ISOLADO CLASSE 4 OU 5, SEÇÃO NOMINAL DE 35 MM², ANTI-CHAMA, 0,6/1,0KV - 70ºC, INCLUSIVE INSTALAÇÃO.","m",108.3,36.06,3905.29]
["7.4.4.6","ELETROCALHA PERFURADA, GALVANIZADA, DIM.: 100X50MM, CHAPA 18, INCLUSIVE CONEXÕES, ACESSÓRIOS DE DERIVAÇÃO, MATERIAIS PARA FIXAÇÃO E SUSTENTAÇÃO. FORNECIMENTO E INSTALAÇÃO.        ","m",2.5299999999999998,89.93,227.52]
["7.4.4.7","ELETRODUTO RÍGIDO ROSCÁVEL, EM PVC, DN 40 MM (1.1/4\"), COM LUVA DE ROSCA INTERNA E CONEXÕES, INSTALAÇÃO APARENTE, FIXADO COM ABRAÇADEIRA.  FORNECIMENTO E INSTALAÇÃO.","m",3.01,35.840000000000003,107.87]
["7.4.4.8","ELETRODUTO RÍGIDO ROSCÁVEL, PVC, DN 60 MM (2\"), COM LUVA DE ROSCA INTERNA E CONEXÕES, INSTALAÇÃO ENTERRADA ENVELOPADO EM CONCRETO ESTRUTURAL FCK ≥ 20 MPA, TRAÇO 1:2:7:3 (25X25CM), INCLUINDO ESCAVAÇÃO E REATERRO.  (COM 25CM DE ALTURA E 40CM DE BASE) – FORNECIMENTO E INSTALAÇÃO.","m",59.28,144.72999999999999,8579.59]
["7.4.4.9","ELETRODUTO RÍGIDO ROSCÁVEL, PVC, DN 60 MM (2\"), COM LUVA DE ROSCA INTERNA E CONEXÕES, INSTALAÇÃO ENTERRADA, INCLUINDO ESCAVAÇÃO E REATERRO.  FORNECIMENTO E INSTALAÇÃO.","m",0.75,56.78,42.58]
["7.5.","PONTOS DE CLIMATIZAÇÃO"]
["7.5.1.","Alarme"]
["7.5.1.1","CONDULETE DE ALUMÍNIO COM TAMPA, TIPO X, PARA ELETRODUTO ROSCÁVEL DE 1\", APARENTE, INCLUSIVE ACESSÓRIOS DE FIXAÇÃO. FORNECIMENTO E INSTALAÇÃO.","un",20,49.22,984.4]
["7.5.1.2","PONTO DE FORÇA PARA CONDENSADORA COMPOSTO POR FIAÇÃO EM CABO DE COBRE FLEXÍVEL DE 4,0MM², COM ISOLAÇÃO EM PVC, ANTICHAMA E CLASSE TÉRMICA 70° C E ISOLAÇÃO 750V, ELETRODUTO DE PVC RÍGIDO DE 1.1/2”, ELETRODUTO METÁLICO DE 1\" COM LUVA DE ROSCA INTERNA, CURVA PVC ROSCA 1.1/2”, CURVA AÇO GALVANIZADO LEVE 1”, TERMINAL BOX RETO 3/4\" E DEMAIS ACESSÓRIOS – FORNECIMENTO E INSTALAÇÃO."," pt",20,519.29,10385.799999999999]
["7.5.2.","Caixa de distribuição elétrica"]
["7.5.2.1","DISJUNTOR TRIPOLAR 80 A, PADRÃO DIN (LINHA BRANCA), CURVA DE DISPARO C, CORRENTE DE INTERRUPÇÃO 10KA, REF.: SIEMENS 5SX1 OU SIMILAR – FORNECIMENTO E INSTALAÇÃO. ","un",1,285.64,285.64]
["7.5.2.2","DISJUNTOR MONOPOLAR TIPO DIN, CORRENTE NOMINAL DE 16A - FORNECIMENTO E INSTALAÇÃO. AF_10/2020","un",2,13.049999999999999,26.1]
["7.5.2.3","DISJUNTOR MONOPOLAR TIPO DIN, CORRENTE NOMINAL DE 25A - FORNECIMENTO E INSTALAÇÃO. AF_10/2020","un",24,14.46,347.04]
["7.5.2.4","QUADRO DE DISTRIBUIÇÃO DE ENERGIA DE SOBREPOR, EM CHAPA METÁLICA, PARA 40 DISJUNTORES TERMOMAGNÉTICOS MONOPOLARES, PADRÃO DIN, COM BARRAMENTO TRIFÁSICO (100A), GUIA PARA DISJUNTOR GERAL, BARRAS DE NEUTRO E TERRA E DEMAIS ACESSÓRIOS. FORNECIMENTO E INSTALAÇÃO.","un",1,891.82,891.82]
["7.5.3.","Caixa de passagem"]
["7.5.3.1","CONDULETE DE PVC, TIPO E, PARA ELETRODUTO ROSCÁVEL DE 3/4\", APARENTE, INCLUSIVE ACESSÓRIOS DE FIXAÇÃO. FORNECIMENTO E INSTALAÇÃO.","un",5,24.83,124.15]
["7.5.3.2","PONTO PARA TOMADA DE AR EXTERNO COMPOSTO POR FIAÇÃO EM CABO DE COBRE FLEXÍVEL DE 2,5MM² E CABO MULTIPOLAR DE COBRE FLEXÍVEL 2,5MM² (CABO PP), COM ISOLAÇÃO EM PVC, ANTICHAMA E CLASSE TÉRMICA 70° C E ISOLAÇÃO 750V, ELETRODUTO DE PVC RÍGIDO DE 3/4” COM LUVA DE ROSCA INTERNA, CURVA PVC ROSCA 3/4” E DEMAIS ACESSÓRIOS – FORNECIMENTO E INSTALAÇÃO."," pt",5,405.31,2026.55]
["7.5.3.3","CONDULETE DE PVC, TIPO T, PARA ELETRODUTO ROSCÁVEL DE 3/4\", APARENTE, INCLUSIVE ACESSÓRIOS DE FIXAÇÃO. FORNECIMENTO E INSTALAÇÃO.","un",3,37.369999999999997,112.11]
["7.5.3.4","FORNECIMENTO E INSTALAÇÃO DE TAMPA CEGA PARA CONDULETE EM PVC CAIXA 4\" X 2\"","un",8,9.7199999999999989,77.760000000000005]
["7.5.3.5","FORNECIMENTO E INSTALAÇÃO DE CAIXA DE PASSAGEM METÁLICA, CHAPA 18, FIXADA NO TETO E NA PAREDE, 200X200X100MM COM TAMPA PARAFUSADA.","un",6,122.55,735.3]
["7.5.4.","Dispositivo de controle"]
["7.5.4.1","CAIXA RETANGULAR 4\" X 2\", MÉDIA (1,30 M DO PISO), EM PVC, INSTALADA EM ALVENARIA - FORNECIMENTO E INSTALAÇÃO.","un",4,25.8,103.2]
["7.5.4.2","INTERRUPTOR SIMPLES DE UMA SEÇÃO PARA CAIXA 4X2\", COMPOSTO POR SUPORTE, PLACA PARA UM POSTO E UM MÓDULO DE INTERRUPTOR SIMPLES, COR BRANCA, LINHA PIALPLUS OU EQUIVALENTE. FORNECIMENTO E INSTALAÇÃO.","un",3,29.74,89.22]
["7.5.4.3","INTERRUPTOR SIMPLES DE DUAS SEÇÕES PARA CAIXA 4X2\", COMPOSTO POR SUPORTE, PLACA PARA DOIS POSTOS E DOIS MÓDULOS DE INTERRUPTOR SIMPLES, COR BRANCA, LINHA PIALPLUS OU EQUIVALENTE. FORNECIMENTO E INSTALAÇÃO.","un",1,48.980000000000004,48.98]
["7.5.5.","Segmento de transporte de cabos"]
["7.5.5.1","ELETROCALHA PERFURADA, GALVANIZADA, DIM.: 50X50MM, CHAPA 22, INCLUSIVE CONEXÕES, ACESSÓRIOS DE DERIVAÇÃO, MATERIAIS PARA FIXAÇÃO E SUSTENTAÇÃO. FORNECIMENTO E INSTALAÇÃO.       ","m",44.78,71.31,3193.26]
["7.6.","FOTOVOLTAICO"]
["7.6.1.","Caixa de distribuição elétrica"]
["7.6.1.1","CAIXA P/QUADRO ELÉTRICO EM CHAPA METÁLICA D=50 X 40 X 20CM – FORNECIMENTO E INSTALAÇÃO.","un",1,344.27,344.27]
["7.6.2.","Caixa de passagem"]
["7.6.2.1","FORNECIMENTO E INSTALAÇÃO DE CAIXA DE PASSAGEM METÁLICA, CHAPA 18, FIXADA NO TETO E NA PAREDE, 200X200X100MM COM TAMPA PARAFUSADA.","un",3,122.55,367.65]
["7.6.3.","Segmento de cabo"]
["7.6.3.1","CABO DE COBRE NU, TÊMPERA MEIO-DURO, ENCORDOAMENTO CLASSE 2A/3A, SEÇÃO NOMINAL DE 16 MM², PARA ATERRAMENTO, INCLUSIVE INSTALAÇÃO.","m",111.33,21.63,2408.06]
["7.6.3.2","ELETRODUTO DE FERRO GALVANIZADO LEVE DE 3/4\", COM LUVA DE ROSCA INTERNA E ACESSÓRIOS, APARENTE, FIXADO COM ABRAÇADEIRA. FORNECIMENTO E INSTALAÇÃO.","m",79.3,31.33,2484.46]
["7.6.3.3","ELETRODUTO DE PVC RÍGIDO ROSQUEÁVEL DE 3/4\", COM LUVA DE ROSCA INTERNA E CONEXÕES, INSTALAÇÃO APARENTE, FIXADO COM ABRAÇADEIRA. FORNECIMENTO E INSTALAÇÃO.","m",32.03,24,768.72]
["7.6.4.","Segmento de transporte de cabos"]
["7.6.4.1","ELETROCALHA PERFURADA, GALVANIZADA, DIM.: 50X50MM, CHAPA 22, INCLUSIVE CONEXÕES, ACESSÓRIOS DE DERIVAÇÃO, MATERIAIS PARA FIXAÇÃO E SUSTENTAÇÃO. FORNECIMENTO E INSTALAÇÃO.       ","m",97.83,71.31,6976.25]
["7.6.4.2","ELETRODUTO RÍGIDO ROSCÁVEL, EM PVC, DN 50 MM (1 1/2\"), COM LUVA DE ROSCA INTERNA E CONEXÕES, INSTALAÇÃO APARENTE, FIXADO COM ABRAÇADEIRA.  FORNECIMENTO E INSTALAÇÃO.","m",5.16,40.32,208.05]
["7.6.4.3","CONDULETE DE PVC, TIPO E, PARA ELETRODUTO ROSCÁVEL DE 3/4\", APARENTE, INCLUSIVE ACESSÓRIOS DE FIXAÇÃO. FORNECIMENTO E INSTALAÇÃO.","un",5,24.83,124.15]
["7.6.4.4","CONDULETE DE PVC, TIPO LB, PARA ELETRODUTO ROSCÁVEL DE 3/4\", APARENTE, INCLUSIVE ACESSÓRIOS DE FIXAÇÃO. FORNECIMENTO E INSTALAÇÃO.","un",5,22.93,114.65]
["7.6.4.5","CONDULETE DE PVC, TIPO LL, PARA ELETRODUTO ROSCÁVEL DE 3/4'', APARENTE, INCLUSIVE ACESSÓRIOS DE FIXAÇÃO. FORNECIMENTO E INSTALAÇÃO.","un",13,33.480000000000004,435.24]
["7.6.4.6","CONDULETE DE PVC, TIPO T, PARA ELETRODUTO ROSCÁVEL DE 3/4\", APARENTE, INCLUSIVE ACESSÓRIOS DE FIXAÇÃO. FORNECIMENTO E INSTALAÇÃO.","un",9,37.369999999999997,336.33]
["7.6.4.7","FORNECIMENTO E INSTALAÇÃO DE TAMPA CEGA PARA CONDULETE EM PVC CAIXA 4\" X 2\"","un",27,9.7199999999999989,262.44]
["7.6.4.8","TERMINAL A COMPRESSÃO EM COBRE ESTANHADO PARA CABO DE 16MM², 1 FURO, INCLUSIVE PARAFUSO SEXTAVADO EM AÇO INOX 1/4\"X1.1/4\", ARRUELAS LISAS E PORCA SEXTAVADA DE 1/4\" - FORNECIMENTO E INSTALAÇÃO.","un",11,11.010000000000002,121.11]
["7.7.","ILUMINAÇÃO E TOMADAS"]
["7.7.1.","Alarme"]
["7.7.1.1","PONTO DE FORÇA BOMBA, COMPOSTO POR FIAÇÃO EM CABO DE COBRE FLEXÍVEL DE 4,0MM², COM ISOLAÇÃO EM PVC E CLASSE TÉRMICA 70° C, ISOLAÇÃO 750V. ELETRODUTO DE PVC RÍGIDO DE 1”, ELETRODUTO FERRO GALVANIZADO DE 3/4\" COM LUVA DE ROSCA INTERNA E DEMAIS ACESSÓRIOS - FORNECIMENTO E INSTALAÇÃO."," pt",1,351.62,351.62]
["7.7.2.","Caixa de distribuição elétrica"]
["7.7.2.1","DISJUNTOR TRIPOLAR TIPO DIN, CORRENTE NOMINAL DE 40A - FORNECIMENTO E INSTALAÇÃO. AF_10/2020","un",1,93.53,93.53]
["7.7.2.2","DISJUNTOR MONOPOLAR TIPO DIN, CORRENTE NOMINAL DE 16A - FORNECIMENTO E INSTALAÇÃO. AF_10/2020","un",15,13.049999999999999,195.75]
["7.7.2.3","DISJUNTOR MONOPOLAR TIPO DIN, CORRENTE NOMINAL DE 20A - FORNECIMENTO E INSTALAÇÃO. AF_10/2020","un",1,14.46,14.46]
["7.7.2.4","DISJUNTOR MONOPOLAR TIPO DIN, CORRENTE NOMINAL DE 25A - FORNECIMENTO E INSTALAÇÃO. AF_10/2020","un",2,14.46,28.92]
["7.7.2.5","QUADRO DE DISTRIBUIÇÃO DE ENERGIA DE SOBREPOR, EM CHAPA METÁLICA, PARA 40 DISJUNTORES TERMOMAGNÉTICOS MONOPOLARES, PADRÃO DIN, COM BARRAMENTO TRIFÁSICO (100A), GUIA PARA DISJUNTOR GERAL, BARRAS DE NEUTRO E TERRA E DEMAIS ACESSÓRIOS. FORNECIMENTO E INSTALAÇÃO.","un",1,891.82,891.82]
["7.7.3.","Caixa de passagem"]
["7.7.3.1","PONTO PARA TOMADA 2P+T NO TETO, COMPOSTO POR FIAÇÃO EM CABO DE COBRE FLEXÍVEL DE 2,5MM², COM ISOLAÇÃO EM PVC, ANTICHAMA E CLASSE TÉRMICA 70° C E ISOLAÇÃO 750V. ELETRODUTO DE PVC RÍGIDO DE 3/4\" COM LUVA DE ROSCA INTERNA E DEMAIS ACESSÓRIOS - FORNECIMENTO E INSTALAÇÃO."," pt",3,87.15,261.45]
["7.7.3.2","TOMADA PARA CAIXA 4X2\", COMPOSTA POR SUPORTE, PLACA PARA UM POSTO E UM MÓDULO DE TOMADA 2P+T, 10A, 250V, COR BRANCA, LINHA PIALPLUS OU EQUIVALENTE. FORNECIMENTO E INSTALAÇÃO.","un",3,29.05,87.15]
["7.7.3.3","CAIXA RETANGULAR 4X4\", EM PVC, INSTALADA EM ALVENARIA. FORNECIMENTO E INSTALAÇÃO.","un",5,21.990000000000002,109.95]
["7.7.3.4","CONDULETE DE ALUMÍNIO COM TAMPA, TIPO L, PARA ELETRODUTO ROSCÁVEL DE 3/4\", APARENTE, INCLUSIVE ACESSÓRIOS DE FIXAÇÃO. FORNECIMENTO E INSTALAÇÃO.","un",2,29.05,58.1]
["7.7.3.5","CONDULETE DE PVC, TIPO T, PARA ELETRODUTO ROSCÁVEL DE 3/4\", APARENTE, INCLUSIVE ACESSÓRIOS DE FIXAÇÃO. FORNECIMENTO E INSTALAÇÃO.","un",1,37.369999999999997,37.369999999999997]
["7.7.3.6","CAIXA DE PASSAGEM 15X15X10CM (SOBREPOR), FORNECIMENTO E INSTALAÇÃO. ","un",2,37,74]
["7.7.3.7","CAIXA DE PASSAGEM DE ALVENARIA DE BLOCOS CERÂMICOS 10 FUROS 10X20X20CM, DIMENSÃO DE 30X30X30CM, COM REVESTIMENTO INTERNO EM CHAPISCO E REBOCO, TAMPA DE CONCRETO ESP. 5CM E LASTRO DE BRITA 5CM","un",3,135.98000000000002,407.94]
["7.7.3.8","CAIXA RETANGULAR 4X4\", EM PVC, INSTALADA EM TETO. FORNECIMENTO E INSTALAÇÃO.","un",4,14,56]
["7.7.3.9","CAIXA RETANGULAR 4X2\", EM PVC, EMBUTIR EM FORRO – FORNECIMENTO E INSTALAÇÃO","un",2,19.82,39.64]
["7.7.3.10","PLACA CEGA PARA CAIXA 4X4\", COMPOSTA POR SUPORTE E PLACA NA COR BRANCA, PIALPLUS OU EQUIVALENTE. FORNECIMENTO E INSTALAÇÃO.","un",5,12.760000000000002,63.8]
["7.7.3.11","EXAUSTOR PARA BANHEIRO, BIVOLT, REF.: C 80 A, DA VENTOKIT OU EQUIVALENTE - FORNECIMENTO E INSTALAÇÃO.","un",3,256.57,769.71]
["7.7.4.","Conexão do porta-cabos"]
["7.7.4.1","CURVA 90 GRAUS PARA ELETRODUTO, PVC, ROSCÁVEL, DN 32 MM (1\"), PARA CIRCUITOS TERMINAIS, INSTALADA EM FORRO - FORNECIMENTO E INSTALAÇÃO. AF_03/2023","un",1,18.64,18.64]
["7.7.5.","Dispositivo de controle"]
["7.7.5.1","PONTO PARA INTERRUPTOR PARALELO DE UMA SEÇÕES EM ALVENARIA, COMPOSTO POR FIAÇÃO EM CABO DE COBRE FLEXÍVEL DE 2,5MM², COM ISOLAÇÃO EM PVC, ANTICHAMA E CLASSE TÉRMICA 70° C E ISOLAÇÃO 750V. ELETRODUTO DE PVC CORRUGADO 3/4\" E DEMAIS ACESSÓRIOS - FORNECIMENTO E INSTALAÇÃO."," pt",2,86.66,173.32]
["7.7.5.2","PONTO PARA INTERRUPTOR DE UMA SEÇÃO EM ALVENARIA, COMPOSTO POR FIAÇÃO EM CABO DE COBRE FLEXÍVEL DE 2,5MM², COM ISOLAÇÃO EM PVC, ANTICHAMA E CLASSE TÉRMICA 70° C E ISOLAÇÃO 750V. ELETRODUTO DE PVC CORRUGADO 3/4\" E DEMAIS ACESSÓRIOS - FORNECIMENTO E INSTALAÇÃO."," pt",19,86.66,1646.54]
["7.7.5.3","PONTO PARA INTERRUPTOR DE DUAS SEÇÕES EM ALVENARIA, COMPOSTO POR FIAÇÃO EM CABO DE COBRE FLEXÍVEL DE 2,5MM², COM ISOLAÇÃO EM PVC, ANTICHAMA E CLASSE TÉRMICA 70° C E ISOLAÇÃO 750V. ELETRODUTO DE PVC CORRUGADO 3/4\" E DEMAIS ACESSÓRIOS - FORNECIMENTO E INSTALAÇÃO."," pt",2,86.66,173.32]
["7.7.5.4","PONTO PARA INTERRUPTOR DE TRÊS SEÇÕES EM ALVENARIA, COMPOSTO POR FIAÇÃO EM CABO DE COBRE FLEXÍVEL DE 2,5MM², COM ISOLAÇÃO EM PVC, ANTICHAMA E CLASSE TÉRMICA 70° C E ISOLAÇÃO 750V. ELETRODUTO DE PVC CORRUGADO 3/4\" E DEMAIS ACESSÓRIOS - FORNECIMENTO E INSTALAÇÃO."," pt",2,86.66,173.32]
["7.7.5.5","PONTO PARA INTERRUPTOR DE QUATRO SEÇÕES EM ALVENARIA, COMPOSTO POR FIAÇÃO EM CABO DE COBRE FLEXÍVEL DE 2,5MM², COM ISOLAÇÃO EM PVC, ANTICHAMA E CLASSE TÉRMICA 70° C E ISOLAÇÃO 750V. ELETRODUTO DE PVC CORRUGADO 3/4\" E DEMAIS ACESSÓRIOS - FORNECIMENTO E INSTALAÇÃO."," pt",2,86.66,173.32]
["7.7.5.6","CHAVE MAGNÉTICA PARTIDA DIRETA PARA MOTOR MONOFÁSICO 220V, 60HZ – 1/4CV – FORNECIMENTO E INSTALAÇÃO. ","un",1,315.96000000000004,315.95999999999998]
["7.7.5.7","CHAVE DE BOIA AUTOMÁTICA SUPERIOR/INFERIOR 15A/250V - FORNECIMENTO E INSTALAÇÃO. AF_12/2020","un",1,84.08,84.08]
["7.7.5.8","CAIXA RETANGULAR 4\" X 2\", MÉDIA (1,30 M DO PISO), EM PVC, INSTALADA EM ALVENARIA - FORNECIMENTO E INSTALAÇÃO.","un",24,25.8,619.20000000000005]
["7.7.5.9","INTERRUPTOR PARALELO DE UMA SEÇÃO PARA CAIXA 4X2\", COMPOSTO POR SUPORTE, PLACA PARA UM POSTO E UM MÓDULO DE INTERRUPTOR PARALELO, COR BRANCA, LINHA PIALPLUS OU EQUIVALENTE. FORNECIMENTO E INSTALAÇÃO.","un",2,36.380000000000003,72.760000000000005]
["7.7.5.10","INTERRUPTOR SIMPLES DE UMA SEÇÃO PARA CAIXA 4X2\", COMPOSTO POR SUPORTE, PLACA PARA UM POSTO E UM MÓDULO DE INTERRUPTOR SIMPLES, COR BRANCA, LINHA PIALPLUS OU EQUIVALENTE. FORNECIMENTO E INSTALAÇÃO.","un",18,29.74,535.32000000000005]
["7.7.5.11","INTERRUPTOR SIMPLES DE DUAS SEÇÕES PARA CAIXA 4X2\", COMPOSTO POR SUPORTE, PLACA PARA DOIS POSTOS E DOIS MÓDULOS DE INTERRUPTOR SIMPLES, COR BRANCA, LINHA PIALPLUS OU EQUIVALENTE. FORNECIMENTO E INSTALAÇÃO.","un",2,48.980000000000004,97.96]
["7.7.5.12","INTERRUPTOR SIMPLES DE TRÊS SEÇÕES PARA CAIXA 4X2\", COMPOSTO POR SUPORTE, PLACA PARA TRÊS POSTOS E TRÊS MÓDULOS DE INTERRUPTOR SIMPLES, COR BRANCA, LINHA PIALPLUS OU EQUIVALENTE. FORNECIMENTO E INSTALAÇÃO.","un",2,68.64,137.28]
["7.7.5.13","INTERRUPTOR SIMPLES DE UMA SEÇÃO CONJUGADO COM TOMADA 2P+T (10A), PARA CAIXA 4X2\", COMPOSTO POR SUPORTE, PLACA PARA DOIS POSTOS, UM MÓDULO DE INTERRUPTOR SIMPLES E UM MÓDULO DE TOMADA 2P+T (10A), COR BRANCA, LINHA PIALPLUS OU EQUIVALENTE. FORNECIMENTO E INSTALAÇÃO.","un",1,54.6,54.6]
["7.7.5.14","CAIXA RETANGULAR 4X4\", MÉDIA (1,30 M DO PISO), EM PVC, INSTALADA EM ALVENARIA. FORNECIMENTO E INSTALAÇÃO.","un",2,29.439999999999998,58.88]
["7.7.5.15","INTERRUPTOR SIMPLES DE QUATRO SEÇÕES PARA CAIXA 4X4\", COMPOSTO POR SUPORTE, PLACA PARA QUATRO POSTOS E QUATRO MÓDULOS DE INTERRUPTOR SIMPLES, COR BRANCA, LINHA PIALPLUS OU EQUIVALENTE. FORNECIMENTO E INSTALAÇÃO.","un",2,82.419999999999987,164.84]
["7.7.6.","Elemento construtivo genérico"]
["7.7.6.1","CAIXA OCTOGONAL 4X4\", EM PVC, INSTALADA EM TETO. FORNECIMENTO E INSTALAÇÃO.","un",62,15.740000000000002,975.88]
["7.7.7.","Luminária"]
["7.7.7.1","LUMINÁRIA CIRCULAR LED 18W - 1450LM - 6500K - IRC 70 – PAINEL DE EMBUTIR PLAFON. REF.: CHIRAY OU EQUIVALENTE – FORNECIMENTO E INSTALAÇÃO.","un",40,38.89,1555.6]
["7.7.7.2","LUMINÁRIA ARANDELA TIPO TARTARUGA EM ALUMÍNIO NA COR BRANCA, COM GRADE, PARA UMA LÂMPADA BASE E27, INCLUSIVE LÂMPADA LED BULBO DE 10W, E27, 220V, 5000K. FORNECIMENTO E INSTALAÇÃO.  ","un",19,102.66000000000001,1950.54]
["7.7.7.3","LUMINÁRIA RETANGULAR LED 36W DE EMBUTIR MEDIDAS APROXIMADAS *120 X 32* CM - 2060 LM - 6500K REF.: AVANT OU EQUIVALENTE – FORNECIMENTO E INSTALAÇÃO. ","un",86,235.08,20216.88]
["7.7.7.4","PONTO DE LUZ EXTERNA EM ALVENARIA, COMPOSTO POR FIAÇÃO EM CABO DE COBRE FLEXÍVEL DE 2,5MM², COM ISOLAÇÃO EM PVC E CLASSE TÉRMICA 70° C, ISOLAÇÃO 0,6/1,0kV. ELETRODUTO DE PVC CORRUGADO 3/4\", ELETRODUTO DE PVC RÍGIDO DE 1\" COM LUVA DE ROSCA INTERNA E DEMAIS ACESSÓRIOS - FORNECIMENTO E INSTALAÇÃO."," pt",19,164.21,3119.99]
["7.7.7.5","PONTO DE LUZ EXTERNA NO PISO, COMPOSTO POR FIAÇÃO EM CABO DE COBRE FLEXÍVEL DE 2,5MM², COM ISOLAÇÃO EM PVC E CLASSE TÉRMICA 70° C, ISOLAÇÃO 0,6/1,0kV. ELETRODUTO DE PVC RÍGIDO DE 3/4\" COM LUVA DE ROSCA INTERNA E DEMAIS ACESSÓRIOS - FORNECIMENTO E INSTALAÇÃO."," pt",14,171.29000000000002,2398.06]
["7.7.7.6","PONTO DE LUZ EM TETO/PAREDE, COMPOSTO POR FIAÇÃO EM CABO DE COBRE FLEXÍVEL DE 2,5MM² E CABO MULTIPOLAR DE COBRE FLEXÍVEL 2,5MM² (CABO PP), COM ISOLAÇÃO EM PVC E CLASSE TÉRMICA 70° C, ISOLAÇÃO 750V. ELETRODUTO DE PVC RÍGIDO DE 3/4\" COM LUVA DE ROSCA INTERNA E DEMAIS ACESSÓRIOS, DESDE O PONTO DE LUZ ATÉ O QUADRO DE DISTRIBUIÇÃO - FORNECIMENTO E INSTALAÇÃO."," pt",127,94.22999999999999,11967.21]
["7.7.7.7","LUMINÁRIA PARA LÂMPADA DE EMBUTIR NO PISO LED PAR30 10/18W – FORNECIMENTO E INSTALAÇÃO.","un",5,207.84,1039.2]
["7.7.7.8","LUMINÁRIA ESPETO NO PISO PARA LED PAR38 12W – FORNECIMENTO E INSTALAÇÃO.","un",5,173.09,865.45]
["7.7.7.9","LUMINÁRIA TIPO SPOT DE EMBUTIR NO PISO LED 6W – FORNECIMENTO E INSTALAÇÃO.","un",4,232.44,929.76]
["7.7.7.10","FITA LED ECO 12V 10W/M, IP20, 3000K - FORNECIMENTO E INSTALAÇÃO. REFERÊNCIA STELLA OU EQUIVALENTE.","m",8,18.850000000000001,150.80000000000001]
["7.7.7.11","FITA LED PRO 24V 19W/M, IP20, 5000K - FORNECIMENTO E INSTALAÇÃO. REFERÊNCIA STELLA OU EQUIVALENTE.","m",51,64.92,3310.92]
["7.7.7.12","FITA LED EVO 24V 12W/M, IP20, RGBW - FORNECIMENTO E INSTALAÇÃO. REFERÊNCIA STELLA OU EQUIVALENTE.","m",19,93.37,1774.03]
["7.7.8.","Segmento de transporte de cabos"]
["7.7.8.1","ELETROCALHA PERFURADA, GALVANIZADA, DIM.: 50X50MM, CHAPA 22, INCLUSIVE CONEXÕES, ACESSÓRIOS DE DERIVAÇÃO, MATERIAIS PARA FIXAÇÃO E SUSTENTAÇÃO. FORNECIMENTO E INSTALAÇÃO.       ","m",50.13,71.31,3574.77]
["7.7.8.2","CURVA 90 GRAUS PARA ELETRODUTO, PVC, ROSCÁVEL, DN 25 MM (3/4\"), PARA CIRCUITOS TERMINAIS, INSTALADA EM FORRO - FORNECIMENTO E INSTALAÇÃO. AF_03/2023","un",179,14.98,2681.42]
["7.7.9.","Tomada"]
["7.7.9.1","PONTO PARA TOMADA 2P+T EM ALVENARIA, COMPOSTO POR FIAÇÃO EM CABO DE COBRE FLEXÍVEL DE 2,5MM² E 4,0MM², COM ISOLAÇÃO EM PVC, ANTICHAMA E CLASSE TÉRMICA 70° C E ISOLAÇÃO 750V. ELETRODUTO DE PVC CORRUGADO 3/4\", ELETRODUTO DE PVC RÍGIDO DE 3/4\", ELETRODUTO DE PVC RÍGIDO DE 1\" COM LUVA DE ROSCA INTERNA E DEMAIS ACESSÓRIOS - FORNECIMENTO E INSTALAÇÃO."," pt",47,186.04000000000002,8743.8799999999992]
["7.7.9.2","PONTO PARA TOMADA 2P+T DE NO PISO, COMPOSTO POR FIAÇÃO EM CABO DE COBRE FLEXÍVEL DE 2,5MM² E 4,0MM², COM ISOLAÇÃO EM PVC, ANTICHAMA E CLASSE TÉRMICA 70° C E ISOLAÇÃO 750V. ELETRODUTO DE PVC CORRUGADO 3/4\", ELETRODUTO DE PVC RÍGIDO DE 3/4\", ELETRODUTO DE PVC RÍGIDO DE 1\" COM LUVA DE ROSCA INTERNA E DEMAIS ACESSÓRIOS - FORNECIMENTO E INSTALAÇÃO."," pt",9,276.39,2487.5100000000002]
["7.7.9.3","PONTO PARA TOMADA 2P+T DE EMERGÊNCIA EM ALVENARIA, COMPOSTO POR FIAÇÃO EM CABO DE COBRE FLEXÍVEL DE 2,5MM², COM ISOLAÇÃO EM PVC, ANTICHAMA E CLASSE TÉRMICA 70° C E ISOLAÇÃO 750V. ELETRODUTO DE PVC CORRUGADO 3/4\", ELETRODUTO DE PVC RÍGIDO DE 3/4\" COM LUVA DE ROSCA INTERNA E DEMAIS ACESSÓRIOS - FORNECIMENTO E INSTALAÇÃO."," pt",13,188.28,2447.64]
["7.7.9.4","TOMADA DE PISO PARA CAIXA 4X2\", COMPOSTA POR SUPORTE, PLACA PARA UM POSTO EM INOX OU LATÃO E UM MÓDULO DE TOMADA 2P+T, 10A, 250V, LINHA PIALPLUS OU EQUIVALENTE. FORNECIMENTO E INSTALAÇÃO.","un",9,78.58,707.22]
["7.7.9.5","TOMADA DUPLA PARA CAIXA 4X2\", COMPOSTA POR SUPORTE, PLACA PARA DOIS POSTOS E DOIS MÓDULOS DE TOMADA 2P+T, 20A, 250V, COR BRANCA, LINHA PIALPLUS OU EQUIVALENTE. FORNECIMENTO E INSTALAÇÃO.","un",2,53.58,107.16]
["7.7.9.6","TOMADA DUPLA PARA CAIXA 4X2\", COMPOSTA POR SUPORTE, PLACA PARA DOIS POSTOS E DOIS MÓDULOS DE TOMADA 2P+T, 10A, 250V, COR BRANCA, LINHA PIALPLUS OU EQUIVALENTE. FORNECIMENTO E INSTALAÇÃO.","un",38,49.68,1887.84]
["7.7.9.7","TOMADA PARA CAIXA 4X2\", COMPOSTA POR SUPORTE, PLACA PARA UM POSTO E UM MÓDULO DE TOMADA 2P+T, 10A, 250V, COR BRANCA, LINHA PIALPLUS OU EQUIVALENTE. FORNECIMENTO E INSTALAÇÃO.","un",16,29.05,464.8]
["7.7.9.8","TOMADA PARA CAIXA 4X2\", COMPOSTA POR SUPORTE, PLACA PARA UM POSTO E UM MÓDULO DE TOMADA 2P+T, 20A, 250V, COR BRANCA, LINHA PIALPLUS OU EQUIVALENTE. FORNECIMENTO E INSTALAÇÃO.","un",4,31,124]
["7.7.9.9","CAIXA RETANGULAR 4X2\", EM ALUMÍNIO, INSTALADA NO PISO. FORNECIMENTO E INSTALAÇÃO.","un",9,28.130000000000003,253.17]
["7.7.9.10","CAIXA RETANGULAR 4X2\", EM PVC, INSTALADA EM ALVENARIA. FORNECIMENTO E INSTALAÇÃO.","un",60,18.64,1118.4000000000001]
["7.8.","REDE ESTABILIZADA"]
["7.8.1.","Caixa de distribuição elétrica"]
["7.8.1.1","DISJUNTOR TRIPOLAR TIPO DIN, CORRENTE NOMINAL DE 50A - FORNECIMENTO E INSTALAÇÃO. AF_10/2020","un",1,103.8,103.8]
["7.8.1.2","DISJUNTOR MONOPOLAR TIPO DIN, CORRENTE NOMINAL DE 25A - FORNECIMENTO E INSTALAÇÃO. AF_10/2020","un",9,14.46,130.13999999999999]
["7.8.1.3","QUADRO DE DISTRIBUIÇÃO DE ENERGIA DE SOBREPOR, EM CHAPA METÁLICA, PARA 36 DISJUNTORES TERMOMAGNÉTICOS MONOPOLARES, PADRÃO DIN, COM BARRAMENTO TRIFÁSICO (100A), GUIA PARA DISJUNTOR GERAL, BARRAS DE NEUTRO E TERRA E DEMAIS ACESSÓRIOS. FORNECIMENTO E INSTALAÇÃO.","un",1,687.67,687.67]
["7.8.2.","Caixa de passagem"]
["7.8.2.1","TOMADA PARA COMPUTADOR NO PISO EM CAIXA 4X4\", COMPOSTA POR SUPORTE, PLACA PARA DOIS POSTOS EM INOX OU LATÃO, DOIS MÓDULOS DE TOMADA 2P+T 10A-250V. FORNECIMENTO E INSTALAÇÃO.","un",9,83.69,753.21]
["7.8.2.2","PONTO EM PAREDE DE ALVENARIA PARA TOMADA ESTABILIZADA (COMPUTADOR), COMPOSTO POR FIAÇÃO EM CABO DE COBRE FLEXÍVEL DE 4,0MM², COM ISOLAÇÃO EM PVC, ANTICHAMA E CLASSE TÉRMICA 70° C E ISOLAÇÃO 750V, ELETRODUTO DE PVC CORRUGADO DE 3/4\" e 1\", ELETRODUTO DE PVC RÍGIDO DE 3/4\" COM LUVA DE ROSCA INTERNA E DEMAIS ACESSÓRIOS – FORNECIMENTO E INSTALAÇÃO."," pt",20,256.40000000000003,5128]
["7.8.2.3","PONTO NO PISO PARA TOMADA ESTABILIZADA (COMPUTADOR), COMPOSTO POR FIAÇÃO EM CABO DE COBRE FLEXÍVEL DE 4,0MM², COM ISOLAÇÃO EM PVC, ANTICHAMA E CLASSE TÉRMICA 70° C E ISOLAÇÃO 750V, ELETRODUTO DE PVC CORRUGADO DE 3/4\" e 1\", ELETRODUTO DE PVC RÍGIDO DE 3/4\" E 1” COM LUVA DE ROSCA INTERNA E DEMAIS ACESSÓRIOS – FORNECIMENTO E INSTALAÇÃO."," pt",9,360.6,3245.4]
["7.8.2.4","TOMADA PARA COMPUTADOR EM CAIXA 4X4\", COMPOSTA POR SUPORTE, PLACA PARA QUATRO POSTOS NA COR BRANCA, TRÊS MÓDULOS DE TOMADA 2P+T 10A-250V E UM MÓDULO DE TOMADA 2P+T 20A-250V, LINHA PIALPLUS OU EQUIVALENTE. FORNECIMENTO E INSTALAÇÃO.","un",20,97.65,1953]
["7.8.2.5","CAIXA RETANGULAR 4X4\", EM PVC, INSTALADA EM ALVENARIA. FORNECIMENTO E INSTALAÇÃO.","un",2,21.990000000000002,43.98]
["7.8.2.6","CONDULETE DE PVC, TIPO T, PARA ELETRODUTO ROSCÁVEL DE 3/4\", APARENTE, INCLUSIVE ACESSÓRIOS DE FIXAÇÃO. FORNECIMENTO E INSTALAÇÃO.","un",4,37.369999999999997,149.47999999999999]
["7.8.2.7","CAIXA RETANGULAR 4X4\", EM ALUMÍNIO, INSTALADA NO PISO. FORNECIMENTO E INSTALAÇÃO.","un",9,30.98,278.82]
["7.8.2.8","CAIXA RETANGULAR 4X4\", EM PVC, INSTALADA EM ALVENARIA. FORNECIMENTO E INSTALAÇÃO.","un",20,21.990000000000002,439.8]
["7.8.2.9","PLACA CEGA PARA CAIXA 4X4\", COMPOSTA POR SUPORTE E PLACA NA COR BRANCA, PIALPLUS OU EQUIVALENTE. FORNECIMENTO E INSTALAÇÃO.","un",2,12.760000000000002,25.52]
["7.8.3.","Conexão do porta-cabos"]
["7.8.3.1","CURVA 90 GRAUS PARA ELETRODUTO, PVC, ROSCÁVEL, DN 25 MM (3/4\"), PARA CIRCUITOS TERMINAIS, INSTALADA EM FORRO - FORNECIMENTO E INSTALAÇÃO. AF_03/2023","un",6,14.98,89.88]
["7.8.4.","Segmento de transporte de cabos"]
["7.8.4.1","ELETROCALHA PERFURADA, GALVANIZADA, DIM.: 50X50MM, CHAPA 22, INCLUSIVE CONEXÕES, ACESSÓRIOS DE DERIVAÇÃO, MATERIAIS PARA FIXAÇÃO E SUSTENTAÇÃO. FORNECIMENTO E INSTALAÇÃO.       ","m",49.28,71.31,3514.15]
["7.8.4.2","CURVA 90 GRAUS PARA ELETRODUTO, PVC, ROSCÁVEL, DN 25 MM (3/4\"), PARA CIRCUITOS TERMINAIS, INSTALADA EM FORRO - FORNECIMENTO E INSTALAÇÃO. AF_03/2023","un",36,14.98,539.28]
["7.9.","SPDA"]
["7.9.1.","Caixa de passagem"]
["7.9.1.1","CAIXA DE PASSAGEM DE ALVENARIA DE BLOCOS CERÂMICO 9X19X39CM, DIMENSÕES DE 30X30X50CM, COM REVESTIMENTO INTERNO EM CHAPISCO E REBOCO, TAMPA DE CONCRETO ESP.5CM E LASTRO DE BRITA 5 CM.","un",10,151.69999999999999,1517]
["7.9.1.2","SOLDA EXOTÉRMICA PARA CABO / HASTE 50MM² - FORNECIMENTO E INSTALAÇÃO.","un",20,46.92,938.4]
["7.9.1.3","HASTE DE ATERRAMENTO (TIPO COPPERWELD) DE 5/8\" X 3,0 M - FORNECIMENTO E INSTALAÇÃO.","un",10,122.11,1221.0999999999999]
["7.9.2.","Dispositivo de proteção"]
["7.9.2.1","CAIXA DE EQUALIZAÇÃO DE POTENCIAIS PARA USO INTERNO E EXTERNO COM 9 (NOVE) TERMINAIS PARA ATERRAMENTO (BEP), EM POLIPROPILENO, REF. TEL-901, MARCA DE REFERÊNCIA TERMOTÉCNICA OU EQUIVALENTE. FORNECIMENTO E INSTALAÇÃO.","un",1,385.97,385.97]
["7.9.2.2","HASTE DE ATERRAMENTO (TIPO COPPERWELD) DE 5/8\" X 3,0 M - FORNECIMENTO E INSTALAÇÃO.","un",2,122.11,244.22]
["7.9.2.3","APARELHO SINALIZADOR NOTURNO DE OBSTÁCULOS AÉREO, SIMPLES, COM CÉLULA FOTOELÉTRICA, INCLUSIVE UMA (1) LÂMPADA LED E SUPORTE PARA MASTRO. FORNECIMENTO E INSTALAÇÃO.","un",1,118.96000000000001,118.96]
["7.9.2.4","MASTRO TELESCÓPICO DE 5M (3MX2\" E 2MX1.1/2\"), INCL. BASE DE FIXAÇÃO 2\", CAPTOR TIPO FRANKLIN EM LATÃO CROMADO (2 DESCIDAS), ABRAÇADEIRAS GUIA SIMPLES E REFORÇADAS PARA DUAS DESCIDAS, CONJ. DE CONTRAVENTAGEM COM ABRAÇADEIRA PARA 3 ESTAIS EM TUBO DE 2M E DEMAIS ACESSÓRIOS DE FIXAÇÃO. FORNECIMENTO E INSTALAÇÃO. ","un",1,1256.77,1256.77]
["7.9.2.5","CORDOALHA EM CABO DE COBRE NU, TÊMPERA MEIO-DURO, ENCORDOAMENTO CLASSE 2, SEÇÃO NOMINAL DE 35 MM², NÃO ENTERRADA, FIXADA COM PRESILHA DE LATÃO PARA CABO DE 35 MM², INCLUSIVE PARAFUSO EM AÇO INOX FENDA, BUCHA NYLON E VEDAÇÃO DOS FUROS COM SELANTE POLIURETANO, MARCA DE REF. TERMOTÉCNICA OU EQUIVALENTE. FORNECIMENTO E INSTALAÇÃO.","m",9,59.02,531.17999999999995]
["7.9.3.","Segmento de cabo"]
["7.9.3.1","SOLDA EXOTÉRMICA PARA CABO / HASTE 50MM² - FORNECIMENTO E INSTALAÇÃO.","un",73,46.92,3425.16]
["7.9.3.2","CABO DE COBRE NU, TÊMPERA MEIO-DURO, ENCORDOAMENTO CLASSE 2A/3A, SEÇÃO NOMINAL DE 16 MM², PARA ATERRAMENTO, INCLUSIVE INSTALAÇÃO.","m",0.85,21.63,18.38]
["7.9.3.3","CORDOALHA EM CABO DE COBRE NU, TÊMPERA MEIO-DURO, ENCORDOAMENTO CLASSE 2, SEÇÃO NOMINAL DE 35 MM², NÃO ENTERRADA, FIXADA COM PRESILHA DE LATÃO PARA CABO DE 35 MM², INCLUSIVE PARAFUSO EM AÇO INOX FENDA, BUCHA NYLON E VEDAÇÃO DOS FUROS COM SELANTE POLIURETANO, MARCA DE REF. TERMOTÉCNICA OU EQUIVALENTE. FORNECIMENTO E INSTALAÇÃO.","m",274.24,59.02,16185.64]
["7.9.3.4","CABO DE COBRE NU, TÊMPERA MEIO-DURO, ENCORDOAMENTO CLASSE 2A/3A, SEÇÃO NOMINAL DE 50 MM², PARA ATERRAMENTO, INSTALADO EM VALA COM 0,5 M DE PROFUNDIDADE, INCLUSIVE ESCAVAÇÃO E REATERRO.","m",248.43,74.040000000000006,18393.75]
["7.9.3.5","ELETRODUTO DE PVC RÍGIDO ROSQUEÁVEL DE 3/4\", COM LUVA DE ROSCA INTERNA E CONEXÕES, INSTALAÇÃO APARENTE, FIXADO COM ABRAÇADEIRA. FORNECIMENTO E INSTALAÇÃO.","m",0.85,24,20.399999999999999]
["7.9.3.6","CONECTOR PARAFUSO FENDIDO SPLIT-BOLT PARA CABO DE ATÉ 35MM². FORNECIMENTO E INSTALAÇÃO.","un",48,17.439999999999998,837.12]
["7.9.3.7","CAIXA DE INSPEÇÃO SUSPENSA EM POLIPROPILENO, COM TAMPA, ANTI-UV E ANTI-CHAMA (REF. TEL 541) E CONECTOR DE MEDIÇÃO EM LATÃO COM 2 PARAFUSOS PARA CABO DE COBRE 35-70MM² (REF. TEL-562) TERMOTÉCNICA OU EQUIVALENTE - FORNECIMENTO E INSTALAÇÃO.","un",28,150.12,4203.3599999999997]
["7.9.3.8","TERMINAL A COMPRESSÃO EM COBRE ESTANHADO PARA CABO DE 16MM², 1 FURO, INCLUSIVE PARAFUSO SEXTAVADO EM AÇO INOX 1/4\"X1.1/4\", ARRUELAS LISAS E PORCA SEXTAVADA DE 1/4\" - FORNECIMENTO E INSTALAÇÃO.","un",1,11.010000000000002,11.01]
["7.9.3.9","TERMINAL A COMPRESSÃO EM COBRE ESTANHADO PARA CABO DE 35MM², 1 FURO, INCLUSIVE PARAFUSO SEXTAVADO EM AÇO INOX 1/4\"X1.1/4\", ARRUELAS LISAS E PORCA SEXTAVADA DE 1/4\" - FORNECIMENTO E INSTALAÇÃO.","un",1,21.5,21.5]
["7.9.3.10","TERMINAL A COMPRESSÃO EM COBRE ESTANHADO PARA CABO DE 50MM², 1 FURO, INCLUSIVE PARAFUSO SEXTAVADO EM AÇO INOX 1/4\"X1.1/4\", ARRUELAS LISAS E PORCA SEXTAVADA DE 1/4\" - FORNECIMENTO E INSTALAÇÃO.","un",8,29.76,238.08]
["7.9.3.11","SOLDA EXOTÉRMICA PARA CABO / CABO 35MM² - FORNECIMENTO E INSTALAÇÃO.","un",1,44.42,44.42]
["7.10.","SUBESTAÇÃO",""]
["7.10.1","FECHO PARA FITA BANDIT – FORNECIMENTO E INSTALAÇÃO.","un",3,10.17,30.51]
["7.10.2","FITA METÁLICA PERFURADA DE 18MM. FORNECIMENTO E INSTALAÇÃO.","m",6,2.21,13.26]
["7.10.3","PARAFUSO ROSCA SIMPLES CABEÇA QUADRADA 16 X 400MM – FORNECIMENTO E INSTALAÇÃO.","un",10,28.150000000000002,281.5]
["7.10.4","PARAFUSO ROSCA DUPLA 16 X 450MM – FORNECIMENTO E INSTALAÇÃO.","un",2,41,82]
["7.10.5","JOGO DE BUCHA E ARRUELA DE ALUMÍNIO DE 2\", INCLUSIVE FIXAÇÃO.","un",4,9.41,37.64]
["7.10.6","FORNECIMENTO E INSTALAÇÃO DE ARRUELA QUADRADA EM AÇO GALVANIZADO, DIMENSÃO = 38MM, ESPESSURA = 3MM, DIÂMETRO DO FURO = 16MM.","un",24,55.989999999999995,1343.76]
["7.10.7","ISOLADOR POLIMÉRICO, TIPO PINO, PARA TENSÃO 15 KV - FORNECIMENTO E INSTALAÇÃO.","un",6,48.400000000000006,290.39999999999998]
["7.10.8","PINO ISOLADOR, EM AÇO GALVANIZADO PARA CRUZETA, 15 KV, ROSCA 25 MM – FORNECIMENTO E INSTALAÇÃO.     ","un",6,35.78,214.68]
["7.10.9","PARA-RAIOS POLIMÉRICO 12KV - 10KA COM SUPORTE – FORNECIMENTO E INSTALAÇÃO.","un",3,304.34000000000003,913.02]
["7.10.10","CHAVE FUSÍVEL 15KV, 10KA, BASE C – FORNECIMENTO E INSTALAÇÃO.","un",3,470.44,1411.32]
["7.10.11","FORNECIMENTO DE CRUZETA TIPO T 1900MM, INCLUSIVE ACESSÓRIOS PARA INSTALAÇÃO E ASSENTAMENTO EM POSTE.","un",4,269.45999999999998,1077.8399999999999]
["7.10.12","POSTE DE CONCRETO DUPLO T COM COMPRIMENTO NOMINAL DE 10 M, CARGA NOMINAL DE 600 DAN, ENGASTAMENTO BASE CONCRETADA COM 1 M DE CONCRETO E 0,6 M DE SOLO – FORNECIMENTO E INSTALAÇÃO. ","un",1,1745.21,1745.21]
["7.10.13","FORNECIMENTO E INSTALAÇÃO DE CABO DE ALUMÍNIO CAA 4AWG.","m",20,48.57,971.4]
["7.10.14","TRANSFORMADOR DE DISTRIBUIÇÃO, 75 KVA, TRIFÁSICO, AT 13800V, BT 380/220 V, 60 HZ, CLASSE 15 KV, IMERSO EM ÓLEO MINERAL, INSTALAÇÃO EM POSTE - FORNECIMENTO E INSTALAÇÃO. ","un",1,25007.58,25007.58]
["7.10.15","FORNECIMENTO E INSTALAÇÃO CAIXA DE MEDIÇÃO DE AÇO GALVANIZADO, MODELO F3, PADRÃO NEOENGERGIA COM DIMENSÕES 850X550X250MM.","un",1,847.17000000000007,847.17]
["7.10.16","TERMINAL METÁLICO DE PRESSÃO PARA CABO DE 35MM², COM 1 FURO DE FIXAÇÃO. FORNECIMENTO E INSTALAÇÃO.","un",7,24.95,174.65]
["7.10.17","FORNECIMENTO E INSTALAÇÃO DE DISJUNTOR TRIPOLAR DE 125A-380V-10KA EM CAIXA MOLDADA.","un",1,498.62,498.62]
["7.10.18","CABO DE COBRE FLEXÍVEL, TÊMPERA MOLE E ENCORDOAMENTO CLASSES 4 E 5, SEÇÃO NOMINAL DE 35 MM², ISOLAÇÃO ANTI-CHAMA EM COMPOSTO TERMOPLÁSTICO NÃO HALOGENADO, COM BAIXA EMISSÃO DE FUMAÇA, 0,6/1,0KV - 70ºC, INCLUSIVE INSTALAÇÃO.","m",20,56.39,1127.8]
["7.10.19","CABO DE COBRE NU, TÊMPERA MEIO-DURO, ENCORDOAMENTO CLASSE 2A/3A, SEÇÃO NOMINAL DE 50 MM², PARA ATERRAMENTO, INSTALADO EM VALA COM 0,5 M DE PROFUNDIDADE, INCLUSIVE ESCAVAÇÃO E REATERRO.","m",50,74.040000000000006,3702]
["7.10.20","CONECTOR PARAFUSO FENDIDO SPLIT-BOLT PARA CABO DE ATÉ 50MM². FORNECIMENTO E INSTALAÇÃO.","un",20,22.2,444]
["7.10.21","HASTE DE ATERRAMENTO (TIPO COPPERWELD) DE 3/4\" X 3,0 M COM CONECTOR. FORNECIMENTO E INSTALAÇÃO","un",4,227.06,908.24]
["7.10.22","CAIXA SUBTERRÂNEA EM ALVENARIA COM DIMENSÕES INTERNAS DE (0,3X0,3X0,4) M, SOBRE CAMADA DE BRITA COM 0,10M DE ESPESSURA, PAREDES EM ALVENARIA E LAJE DE TAMPA EM CONCRETO ARMADO PARA ASSENTAMENTO DE HASTES DE ATERRAMENTO.","un",4,180.79000000000002,723.16]
["7.10.23","FORNECIMENTO E ASSENTAMENTO DE ELETRODUTO DE FERRO GALVANIZADO DE 2\", INCLUSIVE FIXAÇÃO EM POSTE.","m",9,97.94,881.46]
["7.10.24","ELETRODUTO RÍGIDO ROSCÁVEL, PVC, DN 60 MM (2\"), COM LUVA DE ROSCA INTERNA E CONEXÕES, INSTALAÇÃO ENTERRADA, INCLUINDO ESCAVAÇÃO E REATERRO.  FORNECIMENTO E INSTALAÇÃO.","m",3,56.78,170.34]
["7.10.25","FORNECIMENTO E INSTALAÇÃO DE CURVA 90° DE FERRO GALVANIZADO, 2\".","un",1,36.14,36.14]
["7.10.26","ELETRODUTO RÍGIDO ROSCÁVEL, EM PVC, DN 32 MM (1\"), COM LUVA DE ROSCA INTERNA E CONEXÕES, INSTALAÇÃO APARENTE.  FORNECIMENTO E INSTALAÇÃO.","m",3,16.600000000000001,49.8]
["7.10.27","ELETRODUTO RÍGIDO ROSCÁVEL, EM PVC, DN 20 MM (1/2\"), COM LUVA DE ROSCA INTERNA E CONEXÕES, INSTALAÇÃO APARENTE.  FORNECIMENTO E INSTALAÇÃO.","m",3,10.58,31.74]
["8.","INSTALAÇÕES HIDROSSANITÁRIAS"]
["8.1.","Água fria"]
["8.1.1.","Circular"]
["8.1.1.1","TUBO, PVC, SOLDÁVEL, DN 25MM, INSTALADO EM RAMAL DE DISTRIBUIÇÃO DE ÁGUA - FORNECIMENTO E INSTALAÇÃO. AF_06/2022","m",11.44,12.440000000000001,142.31]
["8.1.1.2","TUBO, PVC, SOLDÁVEL, DN 32MM, INSTALADO EM RAMAL DE DISTRIBUIÇÃO DE ÁGUA - FORNECIMENTO E INSTALAÇÃO. AF_06/2022","m",51.82,18.47,957.11]
["8.1.1.3","TUBO, PVC, SOLDÁVEL, DN 60MM, INSTALADO EM PRUMADA DE ÁGUA - FORNECIMENTO E INSTALAÇÃO. AF_06/2022","m",26.96,25.32,682.62]
["8.1.1.4","FORNECIMENTO E INSTALAÇÃO DE ABRAÇADEIRA TIPO P PARA FIXAÇÃO DE TUBOS, DIÂMETROS ENTRE 15 MM E 35 MM.","un",64,9.5,608]
["8.1.1.5","FORNECIMENTO E INSTALAÇÃO DE ABRAÇADEIRA TIPO M PARA FIXAÇÃO DE TUBOS, DIÂMETROS ENTRE 40 MM E 75 MM.","un",28,15.149999999999999,424.2]
["8.1.2.","Conexão"]
["8.1.2.1","BUCHA DE REDUÇÃO, CURTA, PVC, SOLDÁVEL, DN 32 X 25 MM, INSTALADO EM RAMAL DE DISTRIBUIÇÃO DE ÁGUA - FORNECIMENTO E INSTALAÇÃO. AF_06/2022","un",4,7.1999999999999993,28.8]
["8.1.2.2","BUCHA DE REDUÇÃO PVC, SOLDÁVEL, LONGA, DN 60 X 25 MM, INSTALADO EM RESERVAÇÃO PREDIAL DE ÁGUA - FORNECIMENTO E INSTALAÇÃO. AF_04/2024","un",2,15.05,30.1]
["8.1.2.3","BUCHA DE REDUÇÃO PVC, SOLDÁVEL, LONGA, DN 60 X 32 MM, INSTALADO EM RESERVAÇÃO PREDIAL DE ÁGUA - FORNECIMENTO E INSTALAÇÃO. AF_04/2024","un",1,17.64,17.64]
["8.1.2.4","JOELHO 90 GRAUS, PVC, SOLDÁVEL, DN 25MM, INSTALADO EM RAMAL DE DISTRIBUIÇÃO DE ÁGUA - FORNECIMENTO E INSTALAÇÃO. AF_06/2022","un",6,8.83,52.98]
["8.1.2.5","JOELHO 90 GRAUS, PVC, SOLDÁVEL, DN 32MM, INSTALADO EM RAMAL DE DISTRIBUIÇÃO DE ÁGUA - FORNECIMENTO E INSTALAÇÃO. AF_06/2022","un",8,12.01,96.08]
["8.1.2.6","JOELHO 90 GRAUS, PVC, SOLDÁVEL, DN 60MM, INSTALADO EM PRUMADA DE ÁGUA - FORNECIMENTO E INSTALAÇÃO. AF_06/2022","un",9,36.050000000000004,324.45]
["8.1.2.7","JOELHO DE REDUÇÃO, 90 GRAUS, PVC, SOLDÁVEL, DN 32 MM X 25 MM, INSTALADO EM RAMAL DE DISTRIBUIÇÃO DE ÁGUA - FORNECIMENTO E INSTALAÇÃO. AF_06/2022","un",1,13.54,13.54]
["8.1.2.8","LUVA, PVC, SOLDÁVEL, DN 60MM, INSTALADO EM PRUMADA DE ÁGUA - FORNECIMENTO E INSTALAÇÃO. AF_06/2022","un",1,19.77,19.77]
["8.1.2.9","TE, PVC, SOLDÁVEL, DN 32MM, INSTALADO EM RAMAL DE DISTRIBUIÇÃO DE ÁGUA - FORNECIMENTO E INSTALAÇÃO. AF_06/2022","un",5,16.68,83.4]
["8.1.2.10","TE, PVC, SOLDÁVEL, DN 60MM, INSTALADO EM PRUMADA DE ÁGUA - FORNECIMENTO E INSTALAÇÃO. AF_06/2022","un",6,41.88,251.28]
["8.1.2.11","TÊ DE REDUÇÃO, PVC, SOLDÁVEL, DN 32MM X 25MM, INSTALADO EM RAMAL DE DISTRIBUIÇÃO DE ÁGUA - FORNECIMENTO E INSTALAÇÃO. AF_06/2022","un",3,18.079999999999998,54.24]
["8.1.3.","Registro"]
["8.1.3.1","REGISTRO DE GAVETA BRUTO, LATÃO, ROSCÁVEL, 2\" - FORNECIMENTO E INSTALAÇÃO. AF_08/2021","un",2,131.65,263.3]
["8.1.3.2","ADAPTADOR CURTO COM BOLSA E ROSCA PARA REGISTRO, PVC, SOLDÁVEL, DN 50MM X 1.1/2\", INSTALADO EM RAMAL DE DISTRIBUIÇÃO DE ÁGUA - FORNECIMENTO E INSTALAÇÃO. AF_06/2022","un",2,12.92,25.84]
["8.1.3.3","ADAPTADOR CURTO COM BOLSA E ROSCA PARA REGISTRO, PVC, SOLDÁVEL, DN 60 MM X 2\", INSTALADO EM RESERVAÇÃO PREDIAL DE ÁGUA - FORNECIMENTO E INSTALAÇÃO. AF_04/2024","un",4,17.97,71.88]
["8.1.4.","Reservatório cilíndrico"]
["8.1.4.1","CAIXA D´ÁGUA EM POLIETILENO, 5000 LITROS - FORNECIMENTO E INSTALAÇÃO.","un",2,3785.85,7571.7]
["8.1.5.","Tomada d´água"]
["8.1.5.1","ADAPTADOR COM FLANGES LIVRES, PVC, SOLDÁVEL, DN 60 MM X 2\", INSTALADO EM RESERVAÇÃO PREDIAL DE ÁGUA - FORNECIMENTO E INSTALAÇÃO.","un",2,42.06,84.12]
["8.2.","Água fria (Água fria embutida na parede)"]
["8.2.1.","Registro"]
["8.2.1.1","REGISTRO DE GAVETA BRUTO, LATÃO, ROSCÁVEL, 2\" - FORNECIMENTO E INSTALAÇÃO. AF_08/2021","un",1,131.65,131.65]
["8.2.1.2","REGISTRO DE GAVETA BRUTO, LATÃO, ROSCÁVEL, 1 1/2\", COM ACABAMENTO E CANOPLA CROMADOS - FORNECIMENTO E INSTALAÇÃO. AF_08/2021","un",1,150.19999999999999,150.19999999999999]
["8.2.1.3","REGISTRO DE GAVETA BRUTO, LATÃO, ROSCÁVEL, 3/4\", COM ACABAMENTO E CANOPLA CROMADOS - FORNECIMENTO E INSTALAÇÃO. AF_08/2021","un",10,84.960000000000008,849.6]
["8.2.1.4","REGISTRO DE PRESSÃO BRUTO, LATÃO, ROSCÁVEL, 3/4\", COM ACABAMENTO E CANOPLA CROMADOS - FORNECIMENTO E INSTALAÇÃO. AF_08/2021","un",2,80.81,161.62]
["8.2.1.5","ADAPTADOR CURTO COM BOLSA E ROSCA PARA REGISTRO, PVC, SOLDÁVEL, DN 25MM X 3/4 , INSTALADO EM RAMAL OU SUB-RAMAL DE ÁGUA - FORNECIMENTO E INSTALAÇÃO. AF_06/2022","un",22,6.6000000000000005,145.19999999999999]
["8.2.1.6","ADAPTADOR CURTO COM BOLSA E ROSCA PARA REGISTRO, PVC, SOLDÁVEL, DN 40MM X 1.1/4\", INSTALADO EM RAMAL DE DISTRIBUIÇÃO DE ÁGUA - FORNECIMENTO E INSTALAÇÃO. AF_06/2022","un",1,10.91,10.91]
["8.2.1.7","ADAPTADOR CURTO COM BOLSA E ROSCA PARA REGISTRO, PVC, SOLDÁVEL, DN 50MM X 1.1/2\", INSTALADO EM RAMAL DE DISTRIBUIÇÃO DE ÁGUA - FORNECIMENTO E INSTALAÇÃO. AF_06/2022","un",2,12.92,25.84]
["8.2.1.8","ADAPTADOR CURTO COM BOLSA E ROSCA PARA REGISTRO, PVC, SOLDÁVEL, DN 60MM X 2 , INSTALADO EM PRUMADA DE ÁGUA - FORNECIMENTO E INSTALAÇÃO. AF_06/2022","un",2,17.09,34.18]
["8.3.","Alimentação"]
["8.3.1.","Bomba hidráulica"]
["8.3.1.1","FORNECIMENTO E INSTALAÇÃO DE MOTOBOMBA CENTRÍFUGA, MARCA SCHNEIDER OU SIMILAR, MODELO BC-91 S/T, MOTOR 1/4 CV, MONOFÁSICO, HM = 2 A 14 M, Q = 1,8 A 8,2 M3/H","un",2,1800.01,3600.02]
["8.3.2.","Circular"]
["8.3.2.1","TUBO, PVC, SOLDÁVEL, DN  25 MM, INSTALADO EM RESERVAÇÃO PREDIAL DE ÁGUA - FORNECIMENTO E INSTALAÇÃO. AF_04/2024","m",4.17,6.28,26.18]
["8.3.2.2","TUBO, PVC, SOLDÁVEL, DN 32 MM, INSTALADO EM RESERVAÇÃO PREDIAL DE ÁGUA - FORNECIMENTO E INSTALAÇÃO. AF_04/2024","m",23.58,11.43,269.51]
["8.3.2.3","TUBO, PVC, SOLDÁVEL, DN 40 MM, INSTALADO EM RESERVAÇÃO PREDIAL DE ÁGUA - FORNECIMENTO E INSTALAÇÃO. AF_04/2024","m",2.85,17.21,49.04]
["8.3.2.4","TUBO, PVC, SOLDÁVEL, DN 60 MM, INSTALADO EM RESERVAÇÃO PREDIAL DE ÁGUA - FORNECIMENTO E INSTALAÇÃO. AF_04/2024","m",0.59,31.39,18.52]
["8.3.3.","Conexão"]
["8.3.3.1","ADAPTADOR COM FLANGES LIVRES, PVC, SOLDÁVEL, DN 25 MM X 3/4\", INSTALADO EM RESERVAÇÃO PREDIAL DE ÁGUA - FORNECIMENTO E INSTALAÇÃO.","un",1,14.190000000000001,14.19]
["8.3.3.2","JOELHO 90 GRAUS, PVC, SOLDÁVEL, DN 25MM, INSTALADO EM PRUMADA DE ÁGUA - FORNECIMENTO E INSTALAÇÃO. AF_06/2022","un",2,5.25,10.5]
["8.3.3.3","JOELHO 90 GRAUS, PVC, SOLDÁVEL, DN 32MM, INSTALADO EM RAMAL DE DISTRIBUIÇÃO DE ÁGUA - FORNECIMENTO E INSTALAÇÃO. AF_06/2022","un",12,12.01,144.12]
["8.3.3.4","JOELHO 90 GRAUS, PVC, SOLDÁVEL, DN 40MM, INSTALADO EM RAMAL DE DISTRIBUIÇÃO DE ÁGUA - FORNECIMENTO E INSTALAÇÃO. AF_06/2022","un",4,16.950000000000003,67.8]
["8.3.3.5","JOELHO 90 GRAUS, PVC, SOLDÁVEL, DN 32 MM INSTALADO EM RESERVAÇÃO PREDIAL DE ÁGUA - FORNECIMENTO E INSTALAÇÃO. AF_04/2024","un",2,7.24,14.48]
["8.3.3.6","TÊ DE REDUÇÃO, PVC, SOLDÁVEL, DN 60MM X 50MM, INSTALADO EM RAMAL DE DISTRIBUIÇÃO DE ÁGUA - FORNECIMENTO E INSTALAÇÃO.","un",2,62.260000000000005,124.52]
["8.3.3.7","TORNEIRA DE BOIA PARA CAIXA D'ÁGUA, ROSCÁVEL, 3/4\" - FORNECIMENTO E INSTALAÇÃO. AF_08/2021","un",1,29.08,29.08]
["8.3.4.","Registro"]
["8.3.4.1","REGISTRO DE GAVETA BRUTO, LATÃO, ROSCÁVEL, 2\" - FORNECIMENTO E INSTALAÇÃO. AF_08/2021","un",2,131.65,263.3]
["8.3.4.2","VÁLVULA DE ESFERA BRUTA, BRONZE, ROSCÁVEL, 1'' - FORNECIMENTO E INSTALAÇÃO. AF_08/2021","un",4,74.319999999999993,297.27999999999997]
["8.3.4.3","VÁLVULA DE ESFERA BRUTA, BRONZE, ROSCÁVEL, 1 1/4'' - FORNECIMENTO E INSTALAÇÃO. AF_08/2021","un",2,109.71000000000001,219.42]
["8.3.4.4","VÁLVULA DE RETENÇÃO VERTICAL, DE BRONZE, ROSCÁVEL, 1\" - FORNECIMENTO E INSTALAÇÃO. AF_08/2021","un",2,80.75,161.5]
["8.3.4.5","FORNECIMENTO E INSTALAÇÃO DE VÁLVULA DE SUCÇÃO EM LATÃO, DN = 32MM (1.1/4\").","un",1,152.22999999999999,152.22999999999999]
["8.3.4.6","ADAPTADOR CURTO COM BOLSA E ROSCA PARA REGISTRO, PVC, SOLDÁVEL, DN 32 MM X 1\", INSTALADO EM RESERVAÇÃO PREDIAL DE ÁGUA - FORNECIMENTO E INSTALAÇÃO. AF_04/2024","un",12,4.8599999999999994,58.32]
["8.3.4.7","ADAPTADOR CURTO COM BOLSA E ROSCA PARA REGISTRO, PVC, SOLDÁVEL, DN 40 MM X 1 1/4\", INSTALADO EM RESERVAÇÃO PREDIAL DE ÁGUA - FORNECIMENTO E INSTALAÇÃO. AF_04/2024","un",5,7.58,37.9]
["8.3.4.8","ADAPTADOR CURTO COM BOLSA E ROSCA PARA REGISTRO, PVC, SOLDÁVEL, DN 60 MM X 2\", INSTALADO EM RESERVAÇÃO PREDIAL DE ÁGUA - FORNECIMENTO E INSTALAÇÃO. AF_04/2024","un",4,17.97,71.88]
["8.3.5.","Tomada d´água"]
["8.3.5.1","ADAPTADOR COM FLANGES LIVRES, PVC, SOLDÁVEL, DN 25 MM X 3/4\", INSTALADO EM RESERVAÇÃO PREDIAL DE ÁGUA - FORNECIMENTO E INSTALAÇÃO.","un",2,14.190000000000001,28.38]
["8.3.5.2","ADAPTADOR COM FLANGES LIVRES, PVC, SOLDÁVEL, DN 32 MM X 1\", INSTALADO EM RESERVAÇÃO PREDIAL DE ÁGUA - FORNECIMENTO E INSTALAÇÃO.","un",2,15.010000000000002,30.02]
["8.3.5.3","ADAPTADOR COM FLANGES LIVRES, PVC, SOLDÁVEL, DN 60 MM X 2\", INSTALADO EM RESERVAÇÃO PREDIAL DE ÁGUA - FORNECIMENTO E INSTALAÇÃO.","un",2,42.06,84.12]
["8.3.6.","Acessórios",""]
["8.3.6.1","FORNECIMENTO E INSTALAÇÃO DE BOIA ELÉTRICA PARA CAIXA D'ÁGUA. ","un",2,78.72,157.44]
["8.3.6.2","FORNECIMENTO E INSTALAÇÃO DE ABRAÇADEIRA TIPO P PARA FIXAÇÃO DE TUBOS, DIÂMETROS ENTRE 15 MM E 35 MM.","un",28,9.5,266]
["8.3.6.3","FORNECIMENTO E INSTALAÇÃO DE ABRAÇADEIRA TIPO M PARA FIXAÇÃO DE TUBOS, DIÂMETROS ENTRE 40 MM E 75 MM.","un",4,15.149999999999999,60.6]
["8.4.","Alimentação (Alimentação Enterrada)"]
["8.4.1.","Alimentador predial"]
["8.4.1.1","FORNECIMENTO E INSTALAÇÃO DE COLAR DE TOMADA, FERRO FUNDIDO, DE 3/4\", PARA LIGAÇÃO PREDIAL DE ÁGUA.","un",1,35.299999999999997,35.299999999999997]
["8.4.1.2","FORNECIMENTO E INSTALAÇÃO DE LUVA DE FERRO GALVANIZADO, COM ROSCA BSP MACHO/FEMEA, DE 3/4\"","un",3,19.3,57.9]
["8.4.1.3","REGISTRO DE ESFERA, PVC, ROSCÁVEL, COM VOLANTE, 3/4\" - FORNECIMENTO E INSTALAÇÃO. AF_08/2021","un",2,27.119999999999997,54.24]
["8.4.2.","Circular"]
["8.4.2.1","TUBO, PVC, SOLDÁVEL, DN 25MM, INSTALADO EM RAMAL DE DISTRIBUIÇÃO DE ÁGUA - FORNECIMENTO E INSTALAÇÃO. AF_06/2022","m",9.0500000000000007,12.440000000000001,112.58]
["8.4.2.2","TUBO, PVC, SOLDÁVEL, DN 32MM, INSTALADO EM RAMAL DE DISTRIBUIÇÃO DE ÁGUA - FORNECIMENTO E INSTALAÇÃO. AF_06/2022","m",31.91,18.47,589.37]
["8.4.2.3","TUBO, PVC, SOLDÁVEL, DN 40MM, INSTALADO EM RAMAL DE DISTRIBUIÇÃO DE ÁGUA - FORNECIMENTO E INSTALAÇÃO. AF_06/2022","m",6.71,25.009999999999998,167.81]
["8.4.2.4","ESCAVAÇÃO MANUAL DE VALA COM PROFUNDIDADE MENOR OU IGUAL A 1,30 M. AF_02/2021","m³",1.21,92.08,111.41]
["8.4.2.5","REATERRO MANUAL APILOADO COM SOQUETE.","m³",1.21,64.900000000000006,78.52]
["8.4.3.","Conexão"]
["8.4.3.1","JOELHO 90 GRAUS, PVC, SOLDÁVEL, DN 25MM, INSTALADO EM RAMAL DE DISTRIBUIÇÃO DE ÁGUA - FORNECIMENTO E INSTALAÇÃO. AF_06/2022","un",3,8.83,26.49]
["8.4.3.2","JOELHO 90 GRAUS, PVC, SOLDÁVEL, DN 40MM, INSTALADO EM RAMAL DE DISTRIBUIÇÃO DE ÁGUA - FORNECIMENTO E INSTALAÇÃO. AF_06/2022","un",4,16.950000000000003,67.8]
["8.4.3.3","TE, PVC, SOLDÁVEL, DN 25MM, INSTALADO EM RAMAL DE DISTRIBUIÇÃO DE ÁGUA - FORNECIMENTO E INSTALAÇÃO. AF_06/2022","un",1,12.14,12.14]
["8.4.3.4","TE, PVC, SOLDÁVEL, DN 40MM, INSTALADO EM RAMAL DE DISTRIBUIÇÃO DE ÁGUA - FORNECIMENTO E INSTALAÇÃO. AF_06/2022","un",1,24.03,24.03]
["8.4.4.","Hidrômetro principal"]
["8.4.4.1","REGISTRO DE ESFERA, PVC, ROSCÁVEL, COM BORBOLETA, 3/4\" - FORNECIMENTO E INSTALAÇÃO. AF_08/2021","un",1,22.68,22.68]
["8.4.4.2","JOELHO 90 GRAUS, PVC, SOLDÁVEL, DN 25MM, X 3/4  INSTALADO EM RAMAL DE DISTRIBUIÇÃO DE ÁGUA - FORNECIMENTO E INSTALAÇÃO. AF_06/2022","un",3,9.67,29.01]
["8.4.4.3","TUBO, PVC, SOLDÁVEL, DN 20MM, INSTALADO EM RAMAL DE DISTRIBUIÇÃO DE ÁGUA - FORNECIMENTO E INSTALAÇÃO. AF_06/2022","m",0.28000000000000003,10.8,3.02]
["8.4.4.4","ADAPTADOR CURTO COM BOLSA E ROSCA PARA REGISTRO, PVC, SOLDÁVEL, DN 25MM X 3/4 , INSTALADO EM RAMAL DE DISTRIBUIÇÃO DE ÁGUA - FORNECIMENTO E INSTALAÇÃO. AF_06/2022","un",1,6.0600000000000005,6.06]
["8.4.4.5","JOELHO 90 GRAUS, PVC, SOLDÁVEL, DN 25MM, INSTALADO EM RAMAL DE DISTRIBUIÇÃO DE ÁGUA - FORNECIMENTO E INSTALAÇÃO. AF_06/2022","un",1,8.83,8.83]
["8.4.4.6","TUBO, PVC, SOLDÁVEL, DN 25MM, INSTALADO EM RAMAL DE DISTRIBUIÇÃO DE ÁGUA - FORNECIMENTO E INSTALAÇÃO. AF_06/2022","m",0.85,12.440000000000001,10.57]
["8.5.","Esgoto"]
["8.5.1.","Caixa de alvenaria"]
["8.5.1.1","CAIXA ENTERRADA HIDRÁULICA RETANGULAR, EM CONCRETO PRÉ-MOLDADO, DIMENSÕES INTERNAS: 0,6X0,6X0,5 M. AF_12/2020","un",7,315.19,2206.33]
["8.5.1.2","PINTURA DE PISO COM TINTA ACRÍLICA, APLICAÇÃO MANUAL, 2 DEMÃOS, INCLUSO FUNDO PREPARADOR. AF_05/2021","m²",2.52,21.36,53.82]
["8.5.2.","Caixa de passagem"]
["8.5.2.1","CAIXA DE GORDURA PEQUENA (CAPACIDADE: 19 L), CIRCULAR, EM PVC, DIÂMETRO INTERNO= 0,3 M. AF_12/2020","un",1,299.92,299.92]
["8.5.3.","Caixa sifonada"]
["8.5.3.1","CAIXA SIFONADA, PVC, DN 100 X 100 X 50 MM, JUNTA ELÁSTICA, FORNECIDA E INSTALADA EM RAMAL DE DESCARGA OU EM RAMAL DE ESGOTO SANITÁRIO. AF_08/2022","un",1,43.370000000000005,43.37]
["8.5.4.","Circular"]
["8.5.4.1","TUBO PVC, SERIE NORMAL, ESGOTO PREDIAL, DN 100 MM, FORNECIDO E INSTALADO EM RAMAL DE DESCARGA OU RAMAL DE ESGOTO SANITÁRIO, INCLUSIVE ANEL DE BORRACHA (ESGOTO - FÓRUM DE NAZARÉ DA MATA)","m",56.79,33.93,1926.88]
["8.5.4.2","TUBO PVC, SERIE NORMAL, ESGOTO PREDIAL, DN 50 MM, FORNECIDO E INSTALADO EM RAMAL DE DESCARGA OU RAMAL DE ESGOTO SANITÁRIO, INCLUSIVE ANEL DE BORRACHA (ESGOTO - FÓRUM DE NAZARÉ DA MATA)","m",5.16,25.11,129.56]
["8.5.4.3","ESCAVAÇÃO MANUAL DE VALA COM PROFUNDIDADE MENOR OU IGUAL A 1,30 M. AF_02/2021","m³",4.75,92.08,437.38]
["8.5.4.4","REATERRO MANUAL APILOADO COM SOQUETE.","m³",4.75,64.900000000000006,308.27]
["8.5.5.","Conexão"]
["8.5.5.1","JOELHO 45 GRAUS, PVC, SERIE NORMAL, ESGOTO PREDIAL, DN 50 MM, JUNTA ELÁSTICA, FORNECIDO E INSTALADO EM RAMAL DE DESCARGA OU RAMAL DE ESGOTO SANITÁRIO. AF_08/2022","un",1,14.61,14.61]
["8.6.","Esgoto (Dreno Arcond Enterrado)"]
["8.6.1.","Circular"]
["8.6.1.1","TUBO PVC, SERIE NORMAL, ESGOTO PREDIAL, DN 50 MM, FORNECIDO E INSTALADO EM RAMAL DE DESCARGA OU RAMAL DE ESGOTO SANITÁRIO, INCLUSIVE ANEL DE BORRACHA (ESGOTO DRENO ENTERRADO - FÓRUM DE NAZARÉ DA MATA)","m",5.59,25.990000000000002,145.28]
["8.6.1.2","TUBO PVC, SERIE NORMAL, ESGOTO PREDIAL, DN 40 MM, FORNECIDO E INSTALADO EM RAMAL DE DESCARGA OU RAMAL DE ESGOTO SANITÁRIO. AF_08/2022","m",1.53,20.009999999999998,30.61]
["8.6.1.3","TUBO PVC, SERIE NORMAL, ESGOTO PREDIAL, DN 40 MM, FORNECIDO E INSTALADO EM RAMAL DE DESCARGA OU RAMAL DE ESGOTO SANITÁRIO. AF_08/2022","m",50.87,20.009999999999998,1017.9]
["8.6.1.4","ESCAVAÇÃO MANUAL DE VALA COM PROFUNDIDADE MENOR OU IGUAL A 1,30 M. AF_02/2021","m³",1.9,92.08,174.95]
["8.6.1.5","REATERRO MANUAL APILOADO COM SOQUETE.","m³",1.9,64.900000000000006,123.31]
["8.6.2.","Conexão"]
["8.6.2.1","BUCHA DE REDUÇÃO LONGA, PVC, SÉRIE NORMAL, ESGOTO PREDIAL, DN 50 X 40 MM, JUNTA SOLDÁVEL E ELÁSTICA, FORNECIDO E INSTALADO EM RAMAL DE DESCARGA OU RAMAL DE ESGOTO SANITÁRIO. AF_08/2022","un",2,9.7100000000000009,19.420000000000002]
["8.6.2.2","JOELHO 45 GRAUS, PVC, SERIE NORMAL, ESGOTO PREDIAL, DN 40 MM, JUNTA SOLDÁVEL, FORNECIDO E INSTALADO EM RAMAL DE DESCARGA OU RAMAL DE ESGOTO SANITÁRIO. AF_08/2022","un",9,9.59,86.31]
["8.6.2.3","JOELHO 90 GRAUS, PVC, SERIE NORMAL, ESGOTO PREDIAL, DN 40 MM, JUNTA SOLDÁVEL, FORNECIDO E INSTALADO EM RAMAL DE DESCARGA OU RAMAL DE ESGOTO SANITÁRIO. AF_08/2022","un",11,9.4599999999999991,104.06]
["8.6.2.4","JOELHO 90 GRAUS, PVC, SERIE NORMAL, ESGOTO PREDIAL, DN 50 MM, JUNTA ELÁSTICA, FORNECIDO E INSTALADO EM RAMAL DE DESCARGA OU RAMAL DE ESGOTO SANITÁRIO. AF_08/2022","un",2,14.170000000000002,28.34]
["8.6.2.5","JUNÇÃO SIMPLES, PVC, SERIE NORMAL, ESGOTO PREDIAL, DN 40 MM, JUNTA SOLDÁVEL, FORNECIDO E INSTALADO EM RAMAL DE DESCARGA OU RAMAL DE ESGOTO SANITÁRIO. AF_08/2022","un",7,13.42,93.94]
["8.6.2.6","JUNÇÃO SIMPLES, PVC, SERIE NORMAL, ESGOTO PREDIAL, DN 50 X 50 MM, JUNTA ELÁSTICA, FORNECIDO E INSTALADO EM RAMAL DE DESCARGA OU RAMAL DE ESGOTO SANITÁRIO. AF_08/2022","un",1,23.22,23.22]
["8.6.2.7","TE, PVC, SERIE NORMAL, ESGOTO PREDIAL, DN 40 X 40 MM, JUNTA SOLDÁVEL, FORNECIDO E INSTALADO EM RAMAL DE DESCARGA OU RAMAL DE ESGOTO SANITÁRIO. AF_08/2022","un",1,13.36,13.36]
["8.7.","Pluvial"]
["8.7.1.","Circular"]
["8.7.1.1","TUBO PVC, SÉRIE R, ÁGUA PLUVIAL, DN 100 MM, FORNECIDO E INSTALADO EM CONDUTORES VERTICAIS DE ÁGUAS PLUVIAIS, INCLUSIVE ANEL DE BORRACHA (PLUVIAL - FÓRUM DE NAZARÉ DA MATA)","m",53.6,22.02,1180.27]
["8.7.2.","Coletor pluvial"]
["8.7.2.1","JOELHO 90 GRAUS, PVC, SERIE NORMAL, ESGOTO PREDIAL, DN 100 MM, JUNTA ELÁSTICA, FORNECIDO E INSTALADO EM RAMAL DE DESCARGA OU RAMAL DE ESGOTO SANITÁRIO. AF_08/2022","un",3,24.6,73.8]
["8.7.2.2","FORNECIMENTO E INSTALAÇÃO DE RALO HEMISFÉRICO EM PLÁSTICO DIÂMETRO DE 100MM.","un",10,48.629999999999995,486.3]
["8.7.3.","Conexão"]
["8.7.3.1","JOELHO 90 GRAUS, PVC, SERIE NORMAL, ESGOTO PREDIAL, DN 100 MM, JUNTA ELÁSTICA, FORNECIDO E INSTALADO EM RAMAL DE DESCARGA OU RAMAL DE ESGOTO SANITÁRIO. AF_08/2022","un",2,24.6,49.2]
["8.7.3.2","LUVA DE CORRER, PVC, SERIE R, ÁGUA PLUVIAL, DN 100 MM, JUNTA ELÁSTICA, FORNECIDO E INSTALADO EM CONDUTORES VERTICAIS DE ÁGUAS PLUVIAIS. AF_06/2022","un",2,34.93,69.86]
["8.7.3.3","JOELHO 90 GRAUS, PVC, SERIE R, ÁGUA PLUVIAL, DN 100 MM, JUNTA ELÁSTICA, FORNECIDO E INSTALADO EM CONDUTORES VERTICAIS DE ÁGUAS PLUVIAIS. AF_06/2022","un",24,36.81,883.44]
["8.8.","Pluvial (Água pluvial embutida na parede)"]
["8.8.1.","Circular"]
["8.8.1.1","TUBO PVC, SÉRIE R, ÁGUA PLUVIAL, DN 100 MM, FORNECIDO E INSTALADO EM CONDUTORES VERTICAIS DE ÁGUAS PLUVIAIS. AF_06/2022","m",9.6999999999999993,21.64,209.9]
["8.8.1.2","RASGO LINEAR MECANIZADO EM ALVENARIA, PARA RAMAIS/ DISTRIBUIÇÃO DE INSTALAÇÕES HIDRÁULICAS, DIÂMETROS MAIORES QUE 75 MM E MENORES OU IGUAIS A 100 MM.","m",9.6999999999999993,10.3,99.91]
["8.8.1.3","CHUMBAMENTO LINEAR EM ALVENARIA PARA RAMAIS/DISTRIBUIÇÃO DE INSTALAÇÕES HIDRÁULICAS COM DIÂMETROS MAIORES QUE 75 MM E MENORES OU IGUAIS A 100 MM.","m",9.6999999999999993,36.1,350.17]
["8.8.2.","Conexão"]
["8.8.2.1","JOELHO 90 GRAUS, PVC, SERIE R, ÁGUA PLUVIAL, DN 100 MM, JUNTA ELÁSTICA, FORNECIDO E INSTALADO EM CONDUTORES VERTICAIS DE ÁGUAS PLUVIAIS. AF_06/2022","un",4,36.81,147.24]
["8.9.","Pluvial (Água pluvial enterrada)"]
["8.9.1.","Caixa de alvenaria"]
["8.9.1.1","CAIXA DE AREIA/ÁGUAS PLUVIAIS DE ALVENARIA DE BLOCOS CERÂMICOS 9X19X39CM, DIMENSÕES 60X60CM E HMÁX=1M, COM TAMPA EM CONCRETO ESP. 5CM, LASTRO EM CONCRETO ESP. 10CM, REVESTIDA INTERNAMENTE COM CHAPISCO E REBOCO IMPERMEABILIZANTE, INCLUSIVE ESCAVAÇÃO E REATERRO.","un",6,626.13,3756.78]
["8.9.1.2","PINTURA DE PISO COM TINTA ACRÍLICA, APLICAÇÃO MANUAL, 2 DEMÃOS, INCLUSO FUNDO PREPARADOR. AF_05/2021","m²",2.16,21.36,46.13]
["8.9.2.","Circular"]
["8.9.2.1","TUBO PVC, SÉRIE R, ÁGUA PLUVIAL, DN 100 MM, FORNECIDO E INSTALADO EM RAMAL DE ENCAMINHAMENTO. AF_06/2022","m",40.92,39.28,1607.33]
["8.9.2.2","TUBO PVC, SÉRIE R, ÁGUA PLUVIAL, DN 150 MM, FORNECIDO E INSTALADO EM RAMAL DE ENCAMINHAMENTO. AF_06/2022","m",11.77,50.64,596.03]
["8.9.2.3","FORNECIMENTO E ASSENTAMENTO DE TUBO DE PVC OCRE, JUNTA ELÁSTICA, DN 200 MM, PARA COLETOR PREDIAL DE ESGOTO (VINILFORT - TIGRE OU EQUIVALENTE)","m",32.49,100.03999999999999,3250.29]
["8.9.2.4","ESCAVAÇÃO MANUAL DE VALA COM PROFUNDIDADE MENOR OU IGUAL A 1,30 M. AF_02/2021","m³",9.8800000000000008,92.08,909.75]
["8.9.2.5","REATERRO MANUAL APILOADO COM SOQUETE.","m³",9.8800000000000008,64.900000000000006,641.21]
["8.9.3.","Conexão"]
["8.9.3.1","JOELHO 45 GRAUS, PVC, SERIE R, ÁGUA PLUVIAL, DN 100 MM, JUNTA ELÁSTICA, FORNECIDO E INSTALADO EM RAMAL DE ENCAMINHAMENTO. AF_06/2022","un",5,29.61,148.05000000000001]
["8.9.3.2","JUNÇÃO SIMPLES, PVC, SERIE R, ÁGUA PLUVIAL, DN 100 X 100 MM, JUNTA ELÁSTICA, FORNECIDO E INSTALADO EM RAMAL DE ENCAMINHAMENTO. AF_06/2022","un",1,57.400000000000006,57.4]
["8.10.","Ventilação"]
["8.10.1.","Circular"]
["8.10.1.1","TUBO PVC, SERIE NORMAL, ESGOTO PREDIAL, DN 50 MM, FORNECIDO E INSTALADO EM PRUMADA DE ESGOTO SANITÁRIO OU VENTILAÇÃO, INCLUSIVE ANEL DE BORRACHA (VENTILAÇÃO - FÓRUM DE NAZARÉ DA MATA)","m",13.93,9.66,134.56]
["8.10.2.","Conexão"]
["8.10.2.1","JOELHO 90 GRAUS, PVC, SERIE NORMAL, ESGOTO PREDIAL, DN 50 MM, JUNTA ELÁSTICA, FORNECIDO E INSTALADO EM PRUMADA DE ESGOTO SANITÁRIO OU VENTILAÇÃO. AF_08/2022","un",3,8.57,25.71]
["8.10.2.2","TERMINAL DE VENTILAÇÃO, PVC, SÉRIE NORMAL, ESGOTO PREDIAL, DN 50 MM, JUNTA SOLDÁVEL, FORNECIDO E INSTALADO EM PRUMADA DE ESGOTO SANITÁRIO OU VENTILAÇÃO. AF_08/2022","un",3,7.0600000000000005,21.18]
["8.11.","Ventilação (Ventilação embutida na parede)"]
["8.11.1.","Circular"]
["8.11.1.1","TUBO PVC, SERIE NORMAL, ESGOTO PREDIAL, DN 50 MM, FORNECIDO E INSTALADO EM PRUMADA DE ESGOTO SANITÁRIO OU VENTILAÇÃO, INCLUSIVE ANEL DE BORRACHA (VENTILAÇÃO EMBUTIDA - FÓRUM DE NAZARÉ DA MATA)","m",8.8800000000000008,9.69,86.04]
["8.11.1.2","RASGO LINEAR MECANIZADO EM ALVENARIA, PARA RAMAIS/ DISTRIBUIÇÃO DE INSTALAÇÕES HIDRÁULICAS, DIÂMETROS MAIORES QUE 40 MM E MENORES OU IGUAIS A 75 MM. AF_09/2023","m",8.8800000000000008,8.94,79.38]
["8.11.1.3","CHUMBAMENTO LINEAR EM ALVENARIA PARA RAMAIS/DISTRIBUIÇÃO DE INSTALAÇÕES HIDRÁULICAS COM DIÂMETROS MAIORES QUE 40 MM E MENORES OU IGUAIS A 75 MM. AF_09/2023","m",8.8800000000000008,24.05,213.56]
["8.11.2.","Conexão"]
["8.11.2.1","JOELHO 90 GRAUS, PVC, SERIE NORMAL, ESGOTO PREDIAL, DN 50 MM, JUNTA ELÁSTICA, FORNECIDO E INSTALADO EM PRUMADA DE ESGOTO SANITÁRIO OU VENTILAÇÃO. AF_08/2022","un",2,8.57,17.14]
["8.11.2.2","TERMINAL DE VENTILAÇÃO, PVC, SÉRIE NORMAL, ESGOTO PREDIAL, DN 50 MM, JUNTA SOLDÁVEL, FORNECIDO E INSTALADO EM PRUMADA DE ESGOTO SANITÁRIO OU VENTILAÇÃO. AF_08/2022","un",2,7.0600000000000005,14.12]
["8.12.","Ventilação (Ventilação enterrada)"]
["8.12.1.","Circular"]
["8.12.1.1","TUBO PVC, SERIE NORMAL, ESGOTO PREDIAL, DN 50 MM, FORNECIDO E INSTALADO EM RAMAL DE DESCARGA OU RAMAL DE ESGOTO SANITÁRIO, INCLUSIVE ANEL DE BORRACHA (VENTILAÇÃO ENTERRADA - FÓRUM DE NAZARÉ DA MATA)","m",14.58,28.740000000000002,419.02]
["8.12.1.2","ESCAVAÇÃO MANUAL DE VALA COM PROFUNDIDADE MENOR OU IGUAL A 1,30 M. AF_02/2021","m³",0.57999999999999996,92.08,53.4]
["8.12.1.3","REATERRO MANUAL APILOADO COM SOQUETE.","m³",0.57999999999999996,64.900000000000006,37.64]
["8.12.2.","Conexão"]
["8.12.2.1","JOELHO 90 GRAUS, PVC, SERIE NORMAL, ESGOTO PREDIAL, DN 50 MM, JUNTA ELÁSTICA, FORNECIDO E INSTALADO EM RAMAL DE DESCARGA OU RAMAL DE ESGOTO SANITÁRIO. AF_08/2022","un",6,14.170000000000002,85.02]
["8.12.2.2","TE, PVC, SERIE NORMAL, ESGOTO PREDIAL, DN 50 X 50 MM, JUNTA ELÁSTICA, FORNECIDO E INSTALADO EM RAMAL DE DESCARGA OU RAMAL DE ESGOTO SANITÁRIO. AF_08/2022","un",2,21.82,43.64]
["8.12.3.","Ramal de ventilação"]
["8.12.3.1","JOELHO 90 GRAUS, PVC, SERIE NORMAL, ESGOTO PREDIAL, DN 50 MM, JUNTA ELÁSTICA, FORNECIDO E INSTALADO EM RAMAL DE DESCARGA OU RAMAL DE ESGOTO SANITÁRIO. AF_08/2022","un",5,14.170000000000002,70.849999999999994]
["8.12.3.2","TE, PVC, SÉRIE NORMAL, ESGOTO PREDIAL, DN 100 X 50 MM, JUNTA ELÁSTICA, FORNECIDO E INSTALADO EM RAMAL DE DESCARGA OU RAMAL DE ESGOTO SANITÁRIO. AF_08/2022","un",1,34.44,34.44]
["8.12.3.3","TE, PVC, SERIE NORMAL, ESGOTO PREDIAL, DN 50 X 50 MM, JUNTA ELÁSTICA, FORNECIDO E INSTALADO EM RAMAL DE DESCARGA OU RAMAL DE ESGOTO SANITÁRIO. AF_08/2022","un",4,21.82,87.28]
["8.13.","PONTOS",""]
["8.13.1.","PONTOS DRENO DE AR CONDICIONADO",""]
["8.13.1.1","PONTO DE DRENO DE AR CONDICIONADO (FÓRUM DE NAZARÉ DA MATA).","un",20,312.02999999999997,6240.6]
["8.13.2.","PONTOS DE ESGOTO",""]
["8.13.2.1","PONTO DE ESGOTO DE VASO SANITÁRIO (FÓRUM DE NAZARÉ DA MATA).","un",10,157.94,1579.4]
["8.13.2.2","PONTO DE ESGOTO DE LAVATÓRIO / MICTÓRIO / TANQUE (FÓRUM DE NAZARÉ DA MATA).","un",10,344.18,3441.8]
["8.13.2.3","PONTO DE ESGOTO DE PIA (FÓRUM DE NAZARÉ DA MATA).","un",1,184.22,184.22]
["8.13.3.","PONTOS DE ÁGUA POTÁVEL",""]
["8.13.3.1","PONTO DE ÁGUA PARA TORNEIRA DE JARDIM (FÓRUM DE NAZARÉ DA MATA)","un",7,251.63,1761.41]
["8.13.3.2","PONTO DE ÁGUA PARA LAVATÓRIO (FÓRUM DE NAZARÉ DA MATA)","un",8,397.91,3183.28]
["8.13.3.3","PONTO DE ÁGUA PARA MICTÓRIO (FÓRUM DE NAZARÉ DA MATA)","un",2,111.55999999999999,223.12]
["8.13.3.4","PONTO DE ÁGUA PARA PIA (FÓRUM DE NAZARÉ DA MATA)","un",1,238.85999999999999,238.86]
["8.13.3.5","PONTO DE ÁGUA PARA TANQUE DE LAVAR (FÓRUM DE NAZARÉ DA MATA)","un",1,225.54000000000002,225.54]
["8.13.3.6","PONTO DE ÁGUA PARA VASO SANITÁRIO CAIXA ACOPLADA (FÓRUM DE NAZARÉ DA MATA)","un",7,188.11,1316.77]
["8.13.3.7","PONTO DE ÁGUA PARA VASO SANITÁRIO VÁLVULA DE DESCARGA - DIAM. 1.1/4\" (FÓRUM DE NAZARÉ DA MATA)","un",1,932.79,932.79]
["8.13.3.8","PONTO DE ÁGUA PARA VASO SANITÁRIO VÁLVULA DE DESCARGA - DIAM. 1.1/2\" (FÓRUM DE NAZARÉ DA MATA)","un",2,995.46,1990.92]
["9.","INSTALAÇÕES DE PREVENÇÃO E COMBATE A INCÊNDIO"]
["9.1.","Terminal de incêndio"]
["9.1.1","LUMINÁRIA DE EMERGÊNCIA AUTÔNOMA, 30 LEDS, POTÊNCIA 2W, COM BATERIA DE LÍTIO, AUTONOMIA DE 6 HORAS. FORNECIMENTO E INSTALAÇÃO.","un",13,25.71,334.23]
["9.1.2","EXTINTOR DE INCÊNDIO PORTÁTIL COM CARGA DE CO2 DE 6 KG, CLASSE BC - FORNECIMENTO E INSTALAÇÃO. AF_10/2020_PE","un",3,747.01,2241.0300000000002]
["9.1.3","EXTINTOR DE INCÊNDIO PORTÁTIL COM CARGA DE PQS DE 4 KG, CLASSE BC - FORNECIMENTO E INSTALAÇÃO. AF_10/2020_PE","un",6,229.8,1378.8]
["9.1.4","FORNECIMENTO E INSTALAÇÃO DE PLACA DE SINALIZAÇÃO DE SEGURANÇA CONTRA INCÊNDIO, FOTOLUMINESCENTE, RETANGULAR, *13 X 26* CM, EM PVC *2* MM ANTI-CHAMAS (SÍMBOLOS, CORES E PICTOGRAMAS CONFORME NBR 13434); CONFORME PROJETO.","un",17,47.83,813.11]
["9.1.5","FORNECIMENTO E INSTALAÇÃO DE PLACA DE SINALIZAÇÃO DE SEGURANÇA CONTRA INCÊNDIO, FOTOLUMINESCENTE, QUADRADA, *20 X 20* CM, EM PVC *2* MM ANTI-CHAMAS (SÍMBOLOS, CORES E PICTOGRAMAS CONFORME NBR 13434); CONFORME PROJETO.","un",9,53.49,481.41]
["9.1.6","PINTURA DE PISO COM TINTA ACRÍLICA, APLICAÇÃO MANUAL, 2 DEMÃOS, INCLUSO FUNDO PREPARADOR. AF_05/2021","m²",9,21.36,192.24]
["10.","CLIMATIZAÇÃO",""]
["10.1","FORNECIMENTO E INSTALAÇÃO , CONFORME PROJETO, DE CONDICIONADOR DE AR DO TIPO SPLIT/CASSETE, COM CAPACIDADE DE 24.000 BTU/H, INVERTER, CICLO FRIO, COM CONTROLE REMOTO SEM FIO, CLASSIFICAÇÃO ENERGÉTICA A OU B (SELO PROCEL). REALIZANDO OS SERVIÇOS DE CONFECÇÃO DE LINHAS FRIGORÍFICAS EM TUBO DE COBRE UTILIZANDO NITROGÊNIO COM FLUXO CONSTANTE PARA REALIZAÇÃO DAS SOLDAS EVITANDO IMPUREZAS. FORNECIMENTO E INSTALAÇÃO DE CARGA DE FLUIDO REFRIGERANTE ECOLÓGICO R-410A E DE ISOLANTE TÉRMICO EM ESPUMA ELASTOMÉRICA PARA OS TUBOS DE COBRE. REALIZAR A INTERLIGAÇÃO ENTRE AS UNIDADES EVAPORADORA E CONDENSADORA COM CABO PP; INCLUSIVE FIXAÇÃO DE UNIDADE EVAPORADORA E INTERLIGAÇÃO DE DRENOS, CALÇOS DE BORRACHA, BEM COMO TODOS OS ACESSÓRIOS NECESSÁRIOS PARA A COMPLETA INSTALAÇÃO E FUNCIONAMENTO DO SISTEMA, E LIMPEZA FINAL DA OBRA. A EXECUÇÃO DA INSTALAÇÃO DEVE SER EXECUTADA POR TÉCNICO DE REFRIGERAÇÃO DEVIDAMENTE ESPECIALIZADO EM EQUIPAMENTOS INVERTER. ","un",4,7927.41,31709.64]
["10.2","FORNECIMENTO E INSTALAÇÃO , CONFORME PROJETO, DE CONDICIONADOR DE AR DO TIPO SPLIT/CASSETE, COM CAPACIDADE DE 36.000 BTU/H, INVERTER, CICLO FRIO, COM CONTROLE REMOTO SEM FIO, CLASSIFICAÇÃO ENERGÉTICA A OU B (SELO PROCEL). REALIZANDO OS SERVIÇOS DE CONFECÇÃO DE LINHAS FRIGORÍFICAS EM TUBO DE COBRE UTILIZANDO NITROGÊNIO COM FLUXO CONSTANTE PARA REALIZAÇÃO DAS SOLDAS EVITANDO IMPUREZAS. FORNECIMENTO E INSTALAÇÃO DE CARGA DE FLUIDO REFRIGERANTE ECOLÓGICO R-410A E DE ISOLANTE TÉRMICO EM ESPUMA ELASTOMÉRICA PARA OS TUBOS DE COBRE. REALIZAR A INTERLIGAÇÃO ENTRE AS UNIDADES EVAPORADORA E CONDENSADORA COM CABO PP; INCLUSIVE FIXAÇÃO DE UNIDADE EVAPORADORA E INTERLIGAÇÃO DE DRENOS, CALÇOS DE BORRACHA, BEM COMO TODOS OS ACESSÓRIOS NECESSÁRIOS PARA A COMPLETA INSTALAÇÃO E FUNCIONAMENTO DO SISTEMA, E LIMPEZA FINAL DA OBRA. A EXECUÇÃO DA INSTALAÇÃO DEVE SER EXECUTADA POR TÉCNICO DE REFRIGERAÇÃO DEVIDAMENTE ESPECIALIZADO EM EQUIPAMENTOS INVERTER. ","un",2,11038.04,22076.080000000002]
["10.3","FORNECIMENTO E INSTALAÇÃO , CONFORME PROJETO, DE CONDICIONADOR DE AR DO TIPO SPLIT/HIWALL, COM CAPACIDADE DE 9.000 BTU/H, INVERTER, CICLO FRIO, COM CONTROLE REMOTO SEM FIO, CLASSIFICAÇÃO ENERGÉTICA A (SELO PROCEL). REALIZANDO OS SERVIÇOS DE CONFECÇÃO DE LINHAS FRIGORÍFICAS EM TUBO DE COBRE UTILIZANDO NITROGÊNIO COM FLUXO CONSTANTE PARA REALIZAÇÃO DAS SOLDAS EVITANDO IMPUREZAS. FORNECIMENTO E INSTALAÇÃO DE CARGA DE FLUIDO REFRIGERANTE ECOLÓGICO R-410A E DE ISOLANTE TÉRMICO EM ESPUMA ELASTOMÉRICA PARA OS TUBOS DE COBRE. REALIZAR A INTERLIGAÇÃO ENTRE AS UNIDADES EVAPORADORA E CONDENSADORA COM CABO PP 4X1,5MM; INCLUSIVE FIXAÇÃO DE UNIDADE EVAPORADORA E INTERLIGAÇÃO DE DRENOS, CALÇOS DE BORRACHA, BEM COMO TODOS OS ACESSÓRIOS NECESSÁRIOS PARA A COMPLETA INSTALAÇÃO E FUNCIONAMENTO DO SISTEMA, E LIMPEZA FINAL DA OBRA. A EXECUÇÃO DA INSTALAÇÃO DEVE SER EXECUTADA POR TÉCNICO DE REFRIGERAÇÃO DEVIDAMENTE ESPECIALIZADO EM EQUIPAMENTOS INVERTER. ","un",4,2803.8399999999997,11215.36]
["10.4","FORNECIMENTO E INSTALAÇÃO , CONFORME PROJETO, DE CONDICIONADOR DE AR DO TIPO SPLIT/HIWALL, COM CAPACIDADE DE 12.000 BTU/H, INVERTER, CICLO FRIO, COM CONTROLE REMOTO SEM FIO, CLASSIFICAÇÃO ENERGÉTICA A (SELO PROCEL). REALIZANDO OS SERVIÇOS DE CONFECÇÃO DE LINHAS FRIGORÍFICAS EM TUBO DE COBRE UTILIZANDO NITROGÊNIO COM FLUXO CONSTANTE PARA REALIZAÇÃO DAS SOLDAS EVITANDO IMPUREZAS. FORNECIMENTO E INSTALAÇÃO DE CARGA DE FLUIDO REFRIGERANTE ECOLÓGICO R-410A E DE ISOLANTE TÉRMICO EM ESPUMA ELASTOMÉRICA PARA OS TUBOS DE COBRE. REALIZAR A INTERLIGAÇÃO ENTRE AS UNIDADES EVAPORADORA E CONDENSADORA COM CABO PP 4X1,5MM; INCLUSIVE FIXAÇÃO DE UNIDADE EVAPORADORA E INTERLIGAÇÃO DE DRENOS, CALÇOS DE BORRACHA, BEM COMO TODOS OS ACESSÓRIOS NECESSÁRIOS PARA A COMPLETA INSTALAÇÃO E FUNCIONAMENTO DO SISTEMA, E LIMPEZA FINAL DA OBRA. A EXECUÇÃO DA INSTALAÇÃO DEVE SER EXECUTADA POR TÉCNICO DE REFRIGERAÇÃO DEVIDAMENTE ESPECIALIZADO EM EQUIPAMENTOS INVERTER. \n","un",5,2947.7599999999998,14738.8]
["10.5","FORNECIMENTO E INSTALAÇÃO , CONFORME PROJETO, DE CONDICIONADOR DE AR DO TIPO SPLIT/HIWALL, COM CAPACIDADE DE 18.000 BTU/H, INVERTER, CICLO FRIO, COM CONTROLE REMOTO SEM FIO, CLASSIFICAÇÃO ENERGÉTICA A (SELO PROCEL). REALIZANDO OS SERVIÇOS DE CONFECÇÃO DE LINHAS FRIGORÍFICAS EM TUBO DE COBRE UTILIZANDO NITROGÊNIO COM FLUXO CONSTANTE PARA REALIZAÇÃO DAS SOLDAS EVITANDO IMPUREZAS. FORNECIMENTO E INSTALAÇÃO DE CARGA DE FLUIDO REFRIGERANTE ECOLÓGICO R-410A E DE ISOLANTE TÉRMICO EM ESPUMA ELASTOMÉRICA PARA OS TUBOS DE COBRE. REALIZAR A INTERLIGAÇÃO ENTRE AS UNIDADES EVAPORADORA E CONDENSADORA COM CABO PP 4X1,5MM; INCLUSIVE FIXAÇÃO DE UNIDADE EVAPORADORA E INTERLIGAÇÃO DE DRENOS, CALÇOS DE BORRACHA, BEM COMO TODOS OS ACESSÓRIOS NECESSÁRIOS PARA A COMPLETA INSTALAÇÃO E FUNCIONAMENTO DO SISTEMA, E LIMPEZA FINAL DA OBRA. A EXECUÇÃO DA INSTALAÇÃO DEVE SER EXECUTADA POR TÉCNICO DE REFRIGERAÇÃO DEVIDAMENTE ESPECIALIZADO EM EQUIPAMENTOS INVERTER. ","un",3,3922.75,11768.25]
["10.6","FORNECIMENTO E INSTALAÇÃO , CONFORME PROJETO, DE CONDICIONADOR DE AR DO TIPO SPLIT/HIWALL, COM CAPACIDADE DE 24.000 BTU/H, INVERTER, CICLO FRIO, COM CONTROLE REMOTO SEM FIO, CLASSIFICAÇÃO ENERGÉTICA A (SELO PROCEL). REALIZANDO OS SERVIÇOS DE CONFECÇÃO DE LINHAS FRIGORÍFICAS EM TUBO DE COBRE UTILIZANDO NITROGÊNIO COM FLUXO CONSTANTE PARA REALIZAÇÃO DAS SOLDAS EVITANDO IMPUREZAS. FORNECIMENTO E INSTALAÇÃO DE CARGA DE FLUIDO REFRIGERANTE ECOLÓGICO R-410A E DE ISOLANTE TÉRMICO EM ESPUMA ELASTOMÉRICA PARA OS TUBOS DE COBRE. REALIZAR A INTERLIGAÇÃO ENTRE AS UNIDADES EVAPORADORA E CONDENSADORA COM CABO PP 4X1,5MM; INCLUSIVE FIXAÇÃO DE UNIDADE EVAPORADORA E INTERLIGAÇÃO DE DRENOS, CALÇOS DE BORRACHA, BEM COMO TODOS OS ACESSÓRIOS NECESSÁRIOS PARA A COMPLETA INSTALAÇÃO E FUNCIONAMENTO DO SISTEMA, E LIMPEZA FINAL DA OBRA. A EXECUÇÃO DA INSTALAÇÃO DEVE SER EXECUTADA POR TÉCNICO DE REFRIGERAÇÃO DEVIDAMENTE ESPECIALIZADO EM EQUIPAMENTOS INVERTER. ","un",2,5348.67,10697.34]
["10.7","FORNECIMENTO, MONTAGEM E INSTALAÇÃO DE DUTOS  EM CHAPA DE AÇO GALVANIZADA Nº 24, PARA SISTEMA DE RENOVAÇÃO DE AR, COM ASSESSÓRIOS. ","m²",95,29.64,2815.8]
["10.8","FORNECIMENTO E INSTALAÇÃO DE VENTILADOR SICFLUX MAXX - 150 OU SIMILAR, COM VAZÃO ENTRE 467 E 552 M³/H, PRESSÃO ENTRE 27  E 32 MMCA.","un",2,560.79999999999995,1121.5999999999999]
["10.9","FORNECIMENTO E INSTALAÇÃO DE VENTILADOR SICFLUX MAXX - 150, COM CAIXA DE FILTRAGEM SICFLUX FILBOX QAD - 200 COM FILTRO G4+M5, OU SIMILAR, COM SUPORTE FABRICADO EM MADEIRITE (E= 14MM), CONFORME DETALHE EM PROJETO.","CJ",2,1083.5800000000002,2167.16]
["10.10","FORNECIMENTO E INSTALAÇÃO DE VENTILADOR SICFLUX MAXX - 200, COM CAIXA DE FILTRAGEM SICFLUX FILBOX QAD - 200 COM FILTRO G4+M5, OU SIMILAR, COM SUPORTE FABRICADO EM MADEIRITE (E= 14MM), CONFORME DETALHE EM PROJETO.","CJ",3,1320.48,3961.44]
["10.11","FORNECIMENTO E INSTALAÇÃO DE DUTO FLEXÍVEL EM ALUMINIO S/ ISOLAMENTO  Ø100MM","m",12,19.560000000000002,234.72]
["10.12","FORNECIMENTO E INSTALAÇÃO DE DUTO FLEXÍVEL EM ALUMINIO S/ ISOLAMENTO  Ø150MM","m",20,23,460]
["10.13","EXAUSTOR PARA BANHEIRO, BIVOLT, REF.: C 80 A, DA VENTOKIT OU SIMILAR - FORNECIMENTO E INSTALAÇÃO COM DUTO FLEXÍVEL E VENEZIANA PLÁSTICA.","un",3,254.72000000000003,764.16]
["10.14","FORNECIMENTO E INSTALAÇÃO DE DIFUSOR REDONDO REGULÁVEL  100 MM, MODELO RVA (FAB. SICFLUX) OU SIMILAR.","un",12,57.19,686.28]
["10.15","FORNECIMENTO E INSTALAÇÃO DE DIFUSOR REDONDO REGULÁVEL  150 MM, MODELO RVA (FAB. SICFLUX) OU SIMILAR.","un",14,93.399999999999991,1307.5999999999999]
["10.16","FORNECIMENTO E INSTALAÇÃO DE DUTO EM TUBO PVC D = 100 MM, COM ACESSÓRIOS DE SUSTENTAÇÃO.","m",4,23.48,93.92]
["10.17","FORNECIMENTO E INSTALAÇÃO DE DUTO EM TUBO PVC D = 150 MM, COM ACESSÓRIOS DE SUSTENTAÇÃO.","m",5.5,42.92,236.06]
["10.18","FORNECIMENTO E INSTALAÇÃO DE GRADES METÁLICAS GFM-T 300 - SICFLUX COM CAIXA PLENUM  EM CHAPA DE AÇO GALVANIZADO, OU EQUIVALENTE.","un",5,66.87,334.35]
["10.19","FORNECIMENTO E INSTALAÇÃO DE GRADE PLÁSTICA 190X190 - SICFLUX , OU EQUIVALENTE. (EXAUSTÃO DOS BANHEIROS CONFORME PROJETO)","un",2,23.95,47.9]
["10.20","FORNECIMENTO E INSTALAÇÃO DE TÊ, PVC, SERIE R, ÁGUA PLUVIAL, DN 150 X 100 MM, JUNTA ELÁSTICA,  EM RAMAL DE DUTO DE PVC.\n","un",4,105.86,423.44]
["10.21","FORNECIMENTO E INSTALAÇÃO DE REDUÇÃO EXCÊNTRICA, PVC, SERIE R, ÁGUA PLUVIAL, DN 150 X 100 MM, JUNTA ELÁSTICA, EM RAMAL DE DUTO DE PVC.","un",2,105.86,211.72]
["10.22","FORNECIMENTO E INSTALAÇÃO DE JOELHO 90 GRAUS, PVC, SERIE R, ÁGUA PLUVIAL, DN 150 MM, JUNTA ELÁSTICA,  EM RAMAL DE DUTO DE PVC.","un",2,96.12,192.24]
["11.","FINAL DE OBRA",""]
["11.1","AS BUILT DOS PROJETOS DE ARQUITETURA, ESTRUTURA, CLIMATIZAÇÃO, INSTALAÇÕES HIDROSSANITÁRIAS, INSTALAÇÕES ELÉTRICAS E INSTALAÇÕES DE PREVENÇÃO E COMBATE A INCÊNDIO/SPDA","m²",3585.66,0.9,3227.09]
["11.2","DEMOLIÇÃO DE BARRACÃO DE OBRA","m²",60,8.07,484.2]
["11.3","LIMPEZA GERAL DA OBRA","m²",597.61,3.25,1942.23]
["11.4","REMOÇÃO DE TAPUME/ CHAPAS METÁLICAS E DE MADEIRA, DE FORMA MANUAL, SEM REAPROVEITAMENTO. AF_09/2023","m²",257.5,3.32,854.9]
["11.5","DESMOBILIZAÇÃO DA OBRA (PESSOAL, MÁQUINAS E EQUIPAMENTOS).","un",1,1269.1399999999999,1269.1400000000001]